{"text_format":"3","workbook":"xlsx","n_sheets":3,"sheets":["汇总","清单","矿石输送胶带"],"not_rendered":{"defined_names":1},"read":"whole","date_system":"1900"}

{"sheet":"汇总","index":0,"n_rows":10,"n_cols":14,"rows_kept":10,"hidden":true,"merged":[[0,2,0,12],[5,7,8,7],[5,8,8,8],[5,9,8,9],[5,10,8,10]]}
[null,null,"出口厄瓜多尔物资清单"]
["序号","英文名称","中文名称","规格型号","单位","数量","净重（吨）","毛重（吨）","件数","长×宽×高（m）","体积（m3)","单价","金额"]
[1,null,"钢构件",null,"吨",173.667,173.667,173.667,null,"见明细清单",401.863,8010,1391072.67,{"$f":"L3*F3","v":1391072.67}]
[2,"steel structure type C","镀锌C型钢","C100*50*15*2mm","吨",14.202,14.202,14.202,7,"见明细清单",13.742,8010,113758.02,113758.02]
[3,"Color Steel plate","彩钢瓦","0.4mm海蓝色","吨",32.363,32.363,36.063,4,"1.10*1.4*11",67.76,11925,{"v":385893,"d":"385893.00"},385928.775]
[4,null,"栓钉","φ16×90","支",{"v":13548.0477777777,"d":"13548"},1.92,2.86,1,"1*1*2",2,1.4,18967.27,18967.2668888888]
[5,null,"自攻钉","φ5.5×40，带橡胶防水垫圈","支",{"v":30435.0285714286,"d":"30435"},0.3,{"$nulls":4},0.1,{"v":3043.5,"d":"3043.50"},3043.50285714286]
[6,null,"拉铆钉","φ5×16","支",{"v":11572.8602666667,"d":"11573"},0.03,{"$nulls":4},0.1,1157.29,1157.28602666667]
[null,null,"宿舍及食堂清单图纸","宿舍及食堂清单图纸","盒",1,5]
[null,null,"合计",null,"元",{"$nulls":7},1913891.75,{"$f":"SUM(N3:N8)","v":1913927.5207727}]

{"sheet":"清单","index":1,"n_rows":87,"n_cols":18,"rows_kept":87,"hidden":true,"merged":[[0,3,0,15],[24,0,25,0],[24,2,25,2],[24,3,25,3],[31,0,32,0],[31,2,32,2],[37,0,38,0],[37,2,38,2],[66,0,67,0],[66,2,67,2],[66,3,67,3]]}
[{"$nulls":3},"第 批出口厄瓜多尔物资清单"]
["序号","英文名称","中文名称","规格型号","单位","数量","单价","总金额","箱号","件数","发货状态","单重（kg)","净重（kg）","毛重\n（kg）","长×宽×高（m）","体积（m3)","HS编码"]
[1,null,"3.6m平台梁-1","口250*150*4","根",28,{"$nulls":5},41.8,1170.4,null,"1.9*0.25*0.15",{"v":1.995,"d":"2.00"},null,"0:品牌类型;1:出口享惠情况;2:织造方法：机制;3:种类：工作服;4:类别：男式;5:成分含量:全棉防静电;6:品牌：无;7:无;8:GTIN;9:CAS;"]
[2,null,"3.6m平台梁-2","口250*150*4","根",54,{"$nulls":5},100.9,5448.6,null,"4.1*0.25*0.15",{"v":8.3025,"d":"8.30"},null,"0:品牌类型;1:出口享惠情况;2:织造方法：针织;3:成分含量;100%棉4:品牌：无品牌;5:货号：无;6:GTIN;7:CAS;"]
[3,null,"3.6m平台梁-3","口100*100*3","根",2,{"$nulls":5},27.4,54.8,null,"3*0.1*0.1",0.06,null,"0:品牌类型|1:出口享惠情况|2:结构类型：深沟球轴承|3:品牌：哈轴|4:型号:6206|5:GTIN|6:CAS|7:其他"]
[4,null,"3.6m平台梁-4","口250*150*4","根",6,{"$nulls":5},71.4,428.4,null,"2.9*0.25*0.15",{"v":0.6525,"d":"0.65"}]
[5,null,"3.6m平台梁-5","口100*100*3","根",28,{"$nulls":5},17.8,498.4,null,"1.95*0.1*0.1",{"v":0.546,"d":"0.55"}]
[6,null,"3.6m平台梁-6","口250*150*4","根",24,{"$nulls":5},38.2,916.8,null,"1.55*0.25*0.15",{"v":1.395,"d":"1.40"}]
[7,null,"3.6m平台梁-7","口250*150*4","根",80,{"$nulls":5},104.6,8368,null,"4.25*0.25*0.15",12.75]
[8,null,"3.6m平台梁-8","口250*150*4","根",20,{"$nulls":5},44.3,886,null,"1.8*0.15*0.25",1.35]
[9,null,"3.6m平台梁-9","口100*100*3","根",144,{"$nulls":5},20.1,2894.4,null,"2.2*0.1*0.1",{"v":3.168,"d":"3.17"}]
[10,null,"3.6m平台梁-10","口200*100*3","根",40,{"$nulls":5},29.8,1192,null,"2.15*0.2*0.1",1.72]
[11,null,"3.6m平台梁-11","口100*100*3","根",112,{"$nulls":5},18.3,2049.6,null,"2*0.1*0.1",2.24]
[12,null,"3.6m平台梁-12","口100*100*3","根",36,{"$nulls":5},19.6,705.6,null,"2.15*0.1*0.1",{"v":0.774,"d":"0.77"}]
[13,null,"3.6m平台梁-13","口250*150*4","根",8,{"$nulls":5},75.1,600.8,null,"3.05*0.25*0.15",{"v":0.915,"d":"0.92"}]
[14,null,"3.6m平台梁-14","口125*100*3","根",8,{"$nulls":5},33.5,268,null,"3.25*0.125*0.1",{"v":0.325,"d":"0.33"}]
[15,null,"3.6m平台梁-15","口200*100*3","根",2,{"$nulls":5},40.8,81.6,null,"2.95*0.2*0.1",{"v":0.118,"d":"0.12"}]
[16,null,"3.6m平台梁-16","口250*150*4","根",4,{"$nulls":5},72.6,290.4,null,"2.95*0.25*0.15",{"v":0.4425,"d":"0.44"}]
[17,null,"3.6m平台梁-17","口100*100*3","根",8,{"$nulls":5},27.9,223.2,null,"3.05*0.1*0.1",{"v":0.244,"d":"0.24"}]
[18,null,"3.6m平台梁-18","口250*150*4","根",40,{"$nulls":5},40.6,1624,null,"1.65*0.25*0.15",{"v":2.475,"d":"2.48"}]
[19,null,"3.6m平台梁-19","口250*150*4","根",40,{"$nulls":5},102.2,4088,null,"4.15*0.25*0.15",{"v":6.225,"d":"6.23"}]
[20,null,"6.66m平台梁-1","口200*150*6","根",56,{"$nulls":5},54.1,3029.6,null,"1.7*0.2*0.15",{"v":2.856,"d":"2.86"}]
[21,null,"6.66m平台梁-2","口200*150*6","根",32,{"$nulls":5},140.1,4483.2,null,"4.4*0.2*0.15",{"v":4.224,"d":"4.22"}]
[22,null,"6.66m平台梁-3","口200*150*6","根",6,{"$nulls":5},95.5,573,null,"3*0.2*0.15",0.54]
[23,null,"6.66m平台梁-4","口200*150*6","根",4,{"$nulls":5},{"$f":"455.3-L26","v":264.5},{"$f":"1821.2-M26","v":1058},null,"8.3*0.2*0.15",{"v":1,"d":"1.00"}]
[{"$nulls":4},"根",4,{"$nulls":5},{"$f":"31.8*6","v":190.8},{"$f":"F26*L26","v":763.2},null,"6*0.2*0.15",{"$f":"6*0.2*0.15*4","v":0.72}]
[24,null,"6.66m平台梁-5","口200*150*6","根",48,{"$nulls":5},138.5,6648,null,"4.35*0.2*0.15",{"v":6.264,"d":"6.26"}]
[25,null,"6.66m平台梁-6","口200*150*6","根",16,{"$nulls":5},97.1,1553.6,null,"3.05*0.2*0.15",{"v":1.464,"d":"1.46"}]
[26,null,"窗梁-1","口150*2    ","根",4,{"$nulls":5},27,108,null,"2.9*0.15*0.15",{"v":0.261,"d":"0.26"}]
[27,null,"窗梁-2","口150*2    ","根",80,{"$nulls":5},17.2,1376,null,"1.85*0.15*0.15",3.33]
[28,null,"窗梁-3","口150*2    ","根",8,{"$nulls":5},28.3,226.4,null,"3.05*0.15*0.15",{"v":0.549,"d":"0.55"}]
[29,null,"钢架-1",null,"榀",12,{"$nulls":5},556.51,6678.12,null,"11.3*2.207*0.1",{"$f":"50.4877734-P33","v":{"v":50.1517734,"d":"50.15"}}]
[{"$nulls":4},"榀",24,{"$nulls":5},{"$f":"13.85*0.7","v":9.695},{"$f":"L33*F33","v":232.68},null,"0.7*0.2*0.1",{"$f":"1.4*0.2*0.1*12","v":0.336}]
[30,null,"钢架-2",null,"榀",16,{"$nulls":5},191,3056,null,"6.864*1.553*0.1",{"v":17.0556672,"d":"17.06"}]
[31,null,"钢架-3",null,"榀",8,{"$nulls":5},550.9,4407.2,null,"10.984*2.16*0.1",{"v":28.470528,"d":"28.47"},null,{"$f":"Q35*F35","v":0}]
[32,null,"钢架-4",null,"榀",2,{"$nulls":5},374.3,748.6,null,"8.459*2.21*0.1",{"v":5.608317,"d":"5.61"}]
[33,null,"钢架-5",null,"榀",4,{"$nulls":5},303.2,1212.8,null,"10.166*2.213*0.1",{"v":13.4984148,"d":"13.50"}]
[34,null,"钢架-6",null,"榀",2,{"$nulls":5},{"$f":"575.9-L39","v":556.51},{"$f":"L38*F38","v":1113.02},null,"11.3*2.210*0.1",{"$f":"8.426067-P39","v":{"v":8.370067,"d":"8.37"}}]
[{"$nulls":4},"榀",2,{"$nulls":5},{"$f":"13.85*1.4","v":19.39},{"$f":"L39*F39","v":38.78},null,"1.4*0.2*0.1",{"$f":"1.4*0.2*0.1*2","v":0.056}]
[35,null,"钢梯-1",null,"副",4,{"$nulls":5},289.1,1156.4,null,"2.617*1.425*0.25",{"v":3.087975,"d":"3.09"}]
[36,null,"钢梯-2",null,"副",4,{"$nulls":5},370.9,1483.6,null,"3.203*1.425*0.25",{"v":4.564275,"d":"4.56"}]
[37,null,"钢梯-3",null,"副",2,{"$nulls":5},370.8,741.6,null,"3.203*1.425*0.25",{"v":2.2821375,"d":"2.28"}]
[38,null,"钢梯-4",null,"副",2,{"$nulls":5},287.9,575.8,null,"2.617*1.425*0.25",{"v":1.8646125,"d":"1.86"}]
[39,null,"钢梯-5",null,"副",2,{"$nulls":5},293.7,587.4,null,"2.278*1.910*0.25",{"v":2.17549,"d":"2.18"}]
[40,null,"钢梯平台梁-1","口200*100*3","根",12,{"$nulls":5},19.4,232.8,null,"1.4*0.2*0.1",{"v":0.336,"d":"0.34"}]
[41,null,"钢梯平台梁-2","口250*150*4","根",4,{"$nulls":5},72.6,290.4,null,"2.95*0.25*0.15",{"v":0.4425,"d":"0.44"}]
[42,null,"钢梯平台梁-3","口200*100*3","根",2,{"$nulls":5},20.8,41.6,null,"1.5*0.2*0.1",0.06]
[43,null,"钢梯平台梁-4","口250*150*4","根",2,{"$nulls":5},71.4,142.8,null,"2.9*0.25*0.15",{"v":0.2175,"d":"0.22"}]
[44,null,"钢梯平台梁-5","口250*150*4","根",2,{"$nulls":5},75.1,150.2,null,"3.05*0.25*0.15",{"v":0.22875,"d":"0.23"}]
[45,null,"钢梯平台梁-6","口200*100*3","根",2,{"$nulls":5},20.5,41,null,"1.479*0.2*0.1",{"v":0.05916,"d":"0.06"}]
[46,null,"钢梯平台梁-7","口250*150*4","根",2,{"$nulls":5},76.3,152.6,null,"3.1*0.25*0.15",{"v":0.2325,"d":"0.23"}]
[47,null,"钢梯平台梁-8","口200*100*3","根",2,{"$nulls":5},21.5,43,null,"1.55*0.2*0.1",{"v":0.062,"d":"0.06"}]
[48,null,"钢梯平台梁-9","口250*150*4","根",2,{"$nulls":5},73.9,147.8,null,"3*0.25*0.15",{"v":0.225,"d":"0.23"}]
[49,null,"钢柱-1",null,"根",12,{"$nulls":5},60.1,721.2,null,"1.514*0.35*0.35",{"v":2.22558,"d":"2.23"}]
[50,null,"钢柱-2",null,"根",174,{"$nulls":5},380.4,{"$f":"L55*F55","v":66189.6},null,"6.1*0.4*0.4",{"v":169.8,"d":"169.80"}]
[51,null,"屋面梁-1","口200*100*3","根",2,{"$nulls":5},42.2,84.4,null,"3.05*0.2*0.1",{"v":0.122,"d":"0.12"}]
[52,null,"屋面梁-2","口200*100*3","根",4,{"$nulls":5},56.7,226.8,null,"4.091*0.2*0.1",{"v":0.32728,"d":"0.33"}]
[53,null,"屋面梁-3","口200*100*3","根",16,{"$nulls":5},10.5,168,null,"0.771*0.2*0.1",{"v":0.24672,"d":"0.25"}]
[54,null,"屋面梁-4","口200*100*3","根",16,{"$nulls":5},10.5,168,null,"0.771*0.2*0.1",{"v":0.24672,"d":"0.25"}]
[55,null,"屋面梁-5","口200*100*3","根",2,{"$nulls":5},56.1,112.2,null,"4.405*0.2*0.1",{"v":0.1762,"d":"0.18"}]
[56,null,"屋面梁-6","口200*100*3","根",32,{"$nulls":5},86.6,2771.2,null,"6.268*0.2*0.1",{"v":4.01152,"d":"4.01"}]
[57,null,"屋面梁-7","口200*100*3","根",16,{"$nulls":5},82.3,1316.8,null,"6.016*0.2*0.1",{"v":1.92512,"d":"1.93"}]
[58,null,"屋面梁-8","口200*100*3","根",16,{"$nulls":5},82.3,1316.8,null,"6.016*0.2*0.1",{"v":1.92512,"d":"1.93"}]
[59,null,"屋面梁-9","口200*100*3","根",2,{"$nulls":5},12.5,25,null,"0.895*0.2*0.1",{"v":0.0358,"d":"0.04"}]
[60,null,"屋面梁-10","口200*100*3","根",2,{"$nulls":5},22,44,null,"1.631*0.2*0.1",{"v":0.06524,"d":"0.07"}]
[61,null,"屋面梁-11","口200*100*3","根",4,{"$nulls":5},120.1,480.4,null,"8.745*0.2*0.1",{"v":0.6996,"d":"0.70"}]
[62,null,"屋面梁-12","口200*100*3","根",2,{"$nulls":5},{"$f":"198-L68","v":115.2},{"$f":"396-M68","v":230.4},null,"8.3*0.2*0.1",0.45]
[{"$nulls":4},"根",2,{"$nulls":5},{"$f":"13.8*6","v":82.8},{"$f":"L68*F68","v":165.6},null,"6*0.2*0.1",{"$f":"6*0.2*0.1","v":0.12}]
[63,null,"屋面梁-13","口200*100*3","根",8,{"$nulls":5},20.9,167.2,null,"1.59*0.2*0.1",{"v":0.2544,"d":"0.25"}]
[64,null,"屋面梁-14","口200*100*3","根",6,{"$nulls":5},23.3,139.8,null,"1.763*0.2*0.1",{"v":0.21156,"d":"0.21"}]
[65,null,"屋面梁-15","口200*100*3","根",4,{"$nulls":5},7.9,31.6,null,"0.583*0.2*0.1",{"v":0.04664,"d":"0.05"}]
[66,null,"屋面梁-16","口200*100*3","根",4,{"$nulls":5},7.9,31.6,null,"0.583*0.2*0.1",{"v":0.04664,"d":"0.05"}]
[67,null,"屋面梁-17","口200*100*3","根",8,{"$nulls":5},123.8,990.4,null,"8.963*0.2*0.1",{"v":1.43408,"d":"1.43"}]
[68,null,"屋面梁-18","口200*100*3","根",4,{"$nulls":5},120.1,480.4,null,"8.745*0.2*0.1",{"v":0.6996,"d":"0.70"}]
[69,null,"圆管","φ50*3，L=1167","根",52,{"$nulls":5},3.95,205.4,null,"1.167*0.05*0.05",0.52]
[70,null,"圆管","φ50*3，L=6000","根",9,{"$nulls":5},20.2,181.8,null,"6*0.05*0.05",0.18]
[71,null,"圆管","φ30*3，L=6000","根",13,{"$nulls":5},11.4,148.2,null,"6*0.03*0.03",{"v":0.013,"d":"0.01"}]
[72,null,"扁铁","3*100,L=6000","根",8,{"$nulls":5},14.1,112.8,null,"6*0.1*0.003",{"v":0.008,"d":"0.01"}]
[73,null,"天沟-1",null,"件",4,{"$nulls":5},18.3,73.2,null,"8.8*0.2*0.12",{"v":0.8448,"d":"0.84"}]
[74,null,"天沟-2",null,"件",4,{"$nulls":5},18.3,73.2,null,"8.8*0.2*0.12",{"v":0.8448,"d":"0.84"}]
[75,null,"天沟-3",null,"件",32,{"$nulls":5},12.7,406.4,null,"6.1*0.2*0.12",{"v":4.6848,"d":"4.68"}]
[76,null,"  楼层板-1  ","L=1850","件",48,{"$nulls":5},{"v":14.1594375,"d":"14.16"},{"$f":"L82*F82","v":{"v":679.653,"d":"679.7"}},null,"1.85*1.025*0.051",0.26]
[77,null,"  楼层板-2  ","L=2050","件",12,{"$nulls":5},{"v":15.6901875,"d":"15.69"},{"v":188.28225,"d":"188.3"},null,"2.05*1.025*0.051",0.24]
[78,null,"  楼层板-3  ","L=5350","件",160,{"$nulls":5},{"v":40.9475625,"d":"40.95"},{"v":6551.61,"d":"6551.6"},null,"5.35*1.025*0.051",1.24]
[79,null,"  楼层板-4  ","L=7150","件",230,{"$nulls":5},{"v":54.7243125,"d":"54.72"},{"v":12586.591875,"d":"12586.6"},null,"7.15*1.025*0.051",1.03]
[80,null,"  楼层板-5  ","L=6400","件",28,{"$nulls":5},{"v":48.984,"d":"48.98"},{"v":1371.552,"d":"1371.6"},null,"6.40*1.025*0.051",0.41]
[81,null,"  楼层板-6  ","L=1875","件",24,{"$nulls":5},{"v":14.35078125,"d":"14.35"},{"v":344.41875,"d":"344.4"},null,"1.87*1.025*0.051",0.23]

{"sheet":"矿石输送胶带","index":2,"n_rows":1225,"n_cols":20,"rows_kept":1225,"merged":[[0,3,0,18]]}
[{"$nulls":3},"出口厄瓜多尔钢构件制作清单"]
["序号","英文名称","中文名称","规格型号","单位","数量","单价","总金额","箱号","件数","发货状态","单重（kg)","净重（kg）","毛重\n（kg）","长（m）","宽（m）","高（m）","长×宽×高（m）","体积（m3)"]
[1,"JB-1","    夹板-1                  ","PL16*800                       ","块",68,{"$nulls":5},60.3,{"$f":"F3*L3","v":4100.4},null,0.6,0.8,0.016,"0.6*0.8*0.016",{"$f":"O3*P3*Q3*F3","v":{"v":0.52224,"d":"0.522"}},"注：标红色栏为超宽件"]
[2,"JB-2","    夹板-2                  ","PL20*300                       ","块",68,{"$nulls":5},32,{"$f":"F4*L4","v":2176},null,0.68,0.3,0.02,"0.68*0.3*0.02",{"$f":"O4*P4*Q4*F4","v":{"v":0.27744,"d":"0.277"}}]
[3,"JB-3","    夹板-3                  ","PL20*130                       ","块",136,{"$nulls":5},13.9,1890.4,null,0.68,0.13,0.02,"0.68*0.13*0.02",{"v":0.24044800000000002,"d":"0.240"}]
[4,"JB-4","    夹板-4                  ","PL12*200                       ","块",32,{"$nulls":5},7.2,230.4,null,0.38,0.2,0.012,"0.38*0.2*0.012",{"v":0.029184000000000005,"d":"0.029"}]
[5,"JB-5","    夹板-5                  ","PL12*420                       ","块",116,{"$nulls":5},15,1740,null,0.38,0.42,0.012,"0.38*0.42*0.012",{"v":0.2221632,"d":"0.222"}]
[6,"JB-6","    夹板-6                  ","PL12*280                       ","块",16,{"$nulls":5},10,160,null,0.38,0.28,0.012,"0.38*0.28*0.012",{"v":0.0204288,"d":"0.020"}]
[7,"JB-7","    夹板-7                  ","PL12*250                       ","块",48,{"$nulls":5},8.9,427.20000000000005,null,0.38,0.25,0.012,"0.38*0.25*0.012",{"v":0.05472,"d":"0.055"}]
[8,"JB-8","    夹板-8                  ","PL12*496                       ","块",176,{"$nulls":5},17.8,3132.8,null,0.38,0.496,0.012,"0.38*0.496*0.012",{"v":0.39806976000000005,"d":"0.398"}]
[9,"JB-9","    夹板-9                  ","PL10*250                       ","块",400,{"$nulls":5},7.5,3000,null,0.38,0.25,0.01,"0.38*0.25*0.01",{"v":0.38,"d":"0.380"}]
[10,"JB-10","    夹板-10                 ","PL10*200                       ","块",248,{"$nulls":5},6,1488,null,0.38,0.2,0.01,"0.38*0.2*0.01",{"v":0.18848000000000004,"d":"0.188"}]
[11,"JB-11","    夹板-11                 ","PL20*320                       ","块",16,{"$nulls":5},19.1,305.6,null,0.38,0.32,0.02,"0.38*0.32*0.02",{"v":0.038912,"d":"0.039"}]
[12,"JB-12","    夹板-12                 ","PL20*407                       ","块",16,{"$nulls":5},39.6,633.6,null,0.62,0.407,0.02,"0.62*0.407*0.02",{"v":0.08074880000000001,"d":"0.081"}]
[13,"JB-13","    夹板-13                 ","PL20*144                       ","块",32,{"$nulls":5},14,448,null,0.62,0.144,0.02,"0.62*0.144*0.02",{"v":0.0571392,"d":"0.057"}]
[14,"JB-14","    夹板-14                 ","PL16*300                       ","块",176,{"$nulls":5},23.4,4118.4,null,0.62,0.3,0.016,"0.62*0.3*0.016",{"v":0.523776,"d":"0.524"}]
[15,"JB-15","    夹板-15                 ","PL16*135                       ","块",352,{"$nulls":5},10.5,3696,null,0.62,0.135,0.016,"0.62*0.135*0.016",{"v":0.4713984000000001,"d":"0.471"}]
[16,"JB-16","    夹板-16                 ","PL16*300                       ","块",72,{"$nulls":5},23.4,1684.8,null,0.62,0.3,0.016,"0.62*0.3*0.016",{"v":0.214272,"d":"0.214"}]
[17,"JB-17","    夹板-17                 ","PL16*130                       ","块",144,{"$nulls":5},10.1,1454.3999999999999,null,0.62,0.13,0.016,"0.62*0.13*0.016",{"v":0.18570240000000002,"d":"0.186"}]
[18,"THB-1","    托焊板1                 ","PL3*250                        ","块",720,{"$nulls":5},0.2,144,null,0.03,0.25,0.003,"0.03*0.25*0.003",{"v":0.0162,"d":"0.016"}]
[19,"THB-2","    托焊板2                 ","PL3*300                        ","块",472,{"$nulls":5},0.2,94.4,null,0.03,0.3,0.003,"0.03*0.3*0.003",{"v":0.012744,"d":"0.013"}]
[20,"THB-3","    托焊板3                 ","PL3*250                        ","块",387,{"$nulls":5},0.2,77.4,null,0.03,0.25,0.003,"0.03*0.25*0.003",{"$f":"O22*P22*Q22*F22","v":{"v":8.7075E-3,"d":"0.009"}}]
[21,"ZJDK-1","    柱脚垫块-1              ","PL20*100                       ","块",72,{"$nulls":5},1.6,115.2,null,0.1,0.1,0.02,"0.1*0.1*0.02",{"$f":"O23*P23*Q23*F23","v":{"v":0.014400000000000003,"d":"0.014"}}]
[22,"ZJDK-2","    柱脚垫块-2              ","PL20*80                        ","块",4,{"$nulls":5},1,4,null,0.08,0.08,0.02,"0.08*0.08*0.02",{"v":5.1200000000000009E-4,"d":"0.001"}]
[23,"ZJDK-3","    柱脚垫块-3              ","PL20*80                        ","块",252,{"$nulls":5},1,252,null,0.08,0.08,0.02,"0.08*0.08*0.02",{"v":0.03225600000000001,"d":"0.032"}]
[24,"ZJDK-4","    柱脚垫块-4              ","PL20*80                        ","块",8,{"$nulls":5},1,8,null,0.08,0.08,0.02,"0.08*0.08*0.02",{"v":1.0240000000000002E-3,"d":"0.001"}]
[25,"    CG-1                    ","    套管-1                    ","PIP32*2.5                      ","根",44,{"$nulls":5},2.3,101.19999999999999,null,1.302,0.032,0.032,"1.302*0.032*0.032",{"v":0.058662912,"d":"0.059"}]
[26,"    GDDK-1                  ","   轨道垫块-1                  ","PL60*28                        ","块",216,{"$nulls":5},0.9,194.4,null,0.079,0.06,0.028,"0.079*0.06*0.028",{"v":0.028667520000000002,"d":"0.029"}]
[27,"    GDG-1                   ","   单轨吊-1                   ","I56A                           ","根",8,{"$nulls":5},335.2,2681.6,null,3.198,0.166,0.56,"3.198*0.166*0.56",{"v":2.37828864,"d":"2.378"}]
[28,"    GDG-2                   ","    单轨吊-2                   ","I56A                           ","根",1,{"$nulls":5},319.4,319.4,null,3.048,0.166,0.56,"3.048*0.166*0.56",{"v":0.28334208000000005,"d":"0.283"}]
[29,"    GDG-3                   ","    单轨吊-3                   ","I56A                           ","根",1,{"$nulls":5},261.8,261.8,null,2.498,0.166,0.56,"2.498*0.166*0.56",{"v":0.23221408000000004,"d":"0.232"}]
[30,"    GDG-4                   ","    单轨吊-4                   ","I56A                           ","根",1,{"$nulls":5},487.1,487.1,null,4.648,0.166,0.56,"4.648*0.166*0.56",{"v":0.4320780800000001,"d":"0.432"}]
[31,"    GDG-5                   ","    单轨吊-5                   ","I56A                           ","根",5,{"$nulls":5},487.1,2435.5,null,4.648,0.166,0.56,"4.648*0.166*0.56",{"v":2.1603904000000003,"d":"2.160"}]
[32,"    GDG-6                   ","    单轨吊-6                   ","I56A                           ","根",1,{"$nulls":5},481.9,481.9,null,4.598,0.166,0.56,"4.598*0.166*0.56",{"v":0.42743008000000005,"d":"0.427"}]
[33,"    GDG-7                   ","    单轨吊-7                   ","I56A                           ","根",1,{"$nulls":5},445.2,445.2,null,4.248,0.166,0.56,"4.248*0.166*0.56",{"v":0.3948940800000001,"d":"0.395"}]
[34,"    GDG-8                   ","    单轨吊-8                   ","I56A                           ","根",2,{"$nulls":5},455.7,911.4,null,4.348,0.166,0.56,"4.348*0.166*0.56",{"v":0.80838016,"d":"0.808"}]
[35,"    GDG-9                   ","    单轨吊-9                   ","I56A                           ","根",1,{"$nulls":5},455.7,455.7,null,4.348,0.166,0.56,"4.348*0.166*0.56",{"v":0.40419008,"d":"0.404"}]
[36,"    GDG-10                  ","    单轨吊-10                  ","I56A                           ","根",1,{"$nulls":5},365.9,365.9,null,3.449,0.212,0.56,"3.449*0.212*0.56",{"v":0.40946528,"d":"0.409"}]
[37,"    GDG-11                  ","    单轨吊-11                  ","I56A                           ","根",1,{"$nulls":5},308.3,308.3,null,2.899,0.212,0.56,"2.899*0.212*0.56",{"v":0.34416928,"d":"0.344"}]
[38,"    GDG-12                  ","    单轨吊-12                  ","I56A                           ","根",2,{"$nulls":5},318.8,637.6,null,2.999,0.212,0.56,"2.999*0.212*0.56",{"v":0.7120825600000001,"d":"0.712"}]
[39,"    GHJ-1                   ","    钢桁架-1                   ","HM294*200*8*12                 ","根",67,{"$nulls":5},255.1,17091.7,null,4.67,0.2,0.294,"4.67*0.2*0.294",{"v":18.397932,"d":"18.398"}]
[40,"    GHJ-2                   ","    钢桁架-2                   ","HM294*200*8*12                 ","根",2,{"$nulls":5},255.1,510.2,null,4.67,0.2,0.294,"4.67*0.2*0.294",{"v":0.549192,"d":"0.549"}]
[41,"    GHJ-3                   ","    钢桁架-3                   ","HM294*200*8*12                 ","根",2,{"$nulls":5},255.1,510.2,null,4.67,0.2,0.294,"4.67*0.2*0.294",{"v":0.549192,"d":"0.549"}]
[42,"    GHJ-4                   ","    钢桁架-4                   ","HM340*250*9*14                 ","根",1,{"$nulls":5},370.9,370.9,null,4.38,0.44,0.34,"4.38*0.44*0.34",{"v":0.655248,"d":"0.655"}]
[43,"    GHJ-5                   ","    钢桁架-5                   ","HM340*250*9*14                 ","根",10,{"$nulls":5},337.2,3372,null,4.38,0.25,0.34,"4.38*0.25*0.34",{"v":3.7230000000000003,"d":"3.723"}]
[44,"    GHJ-6                   ","    钢桁架-6                   ","HM588*300*12*20                ","根",1,{"$nulls":5},2027.9,2027.9,null,13.5,0.3,0.588,"13.5*0.3*0.588",{"v":2.3813999999999997,"d":"2.381"}]
[45,"    GHJ-7                   ","    钢桁架-7                   ","HM588*300*12*20                ","根",1,{"$nulls":5},2051.8,2051.8,null,13,0.4,0.768,"13*0.4*0.768",{"v":3.9936000000000003,"d":"3.994"}]
[46,"    GHJ-8                   ","    钢桁架-8                   ","HM588*300*12*20                ","根",1,{"$nulls":5},2051.8,2051.8,null,13,0.4,0.768,"13*0.4*0.768",{"v":3.9936000000000003,"d":"3.994"}]
[47,"    GHJ-9                   ","    钢桁架-9                   ","HM588*300*12*20                ","根",1,{"$nulls":5},2197.6,2197.6,null,14,0.4,0.768,"14*0.4*0.768",{"v":4.300800000000001,"d":"4.301"}]
[48,"    GHJ-10                  ","    钢桁架-10                  ","HM588*300*12*20                ","根",1,{"$nulls":5},2197.6,2197.6,null,14,0.4,0.768,"14*0.4*0.768",{"v":4.300800000000001,"d":"4.301"}]
[49,"    GHJ-11                  ","    钢桁架-11                  ","HM588*300*12*20                ","根",1,{"$nulls":5},724,724,null,4.123,0.44,0.816,"4.123*0.44*0.816",{"v":1.48032192,"d":"1.480"}]
[50,"    GHJ-12                  ","    钢桁架-12                  ","HM588*300*12*20                ","根",1,{"$nulls":5},724,724,null,4.123,0.44,0.831,"4.123*0.44*0.831",{"v":1.50753372,"d":"1.508"}]
[51,"    GHJ-13                  ","    钢桁架-13                  ","HM588*300*12*20                ","根",1,{"$nulls":5},1175.6,1175.6,null,6.992,0.4,0.844,"6.992*0.4*0.844",{"v":2.3604992,"d":"2.360"}]
[52,"    GHJ-14                  ","    钢桁架-14                  ","HM588*300*12*20                ","根",1,{"$nulls":5},1175.6,1175.6,null,6.992,0.4,0.844,"6.992*0.4*0.844",{"v":2.3604992,"d":"2.360"}]
[53,"    GHJ-15                  ","    钢桁架-15                  ","HM588*300*12*20                ","根",1,{"$nulls":5},2077.3,2077.3,null,13,0.4,0.78,"13*0.4*0.78",4.056]
[54,"    GHJ-16                  ","    钢桁架-16                  ","HM588*300*12*20                ","根",1,{"$nulls":5},2077.3,2077.3,null,13,0.4,0.78,"13*0.4*0.78",4.056]
[55,"    GHJ-17                  ","    钢桁架-17                  ","HM588*300*12*20                ","根",1,{"$nulls":5},2062.5,2062.5,null,13,0.4,0.78,"13*0.4*0.78",4.056]
[56,"    GHJ-18                  ","    钢桁架-18                  ","HM588*300*12*20                ","根",1,{"$nulls":5},2062.5,2062.5,null,13,0.4,0.78,"13*0.4*0.78",4.056]
[57,"    GHJ-19                  ","    钢桁架-19                  ","HM588*300*12*20                ","根",1,{"$nulls":5},2062.5,2062.5,null,13,0.4,0.78,"13*0.4*0.78",4.056]
[58,"    GHJ-20                  ","    钢桁架-20                  ","HM588*300*12*20                ","根",1,{"$nulls":5},2062.5,2062.5,null,13,0.4,0.78,"13*0.4*0.78",4.056]
[59,"    GHJ-21                  ","    钢桁架-21                  ","HM588*300*12*20                ","根",1,{"$nulls":5},1969.8,1969.8,null,13,0.3,0.588,"13*0.3*0.588",{"v":2.2931999999999997,"d":"2.293"}]
[60,"    GHJ-22                  ","    钢桁架-22                  ","HM588*300*12*20                ","根",1,{"$nulls":5},1969.8,1969.8,null,13,0.3,0.588,"13*0.3*0.588",{"v":2.2931999999999997,"d":"2.293"}]
[61,"    GHJ-23                  ","    钢桁架-23                  ","HM588*300*12*20                ","根",1,{"$nulls":5},2223.1,2223.1,null,14,0.4,0.78,"14*0.4*0.78",4.368]
[62,"    GHJ-24                  ","    钢桁架-24                  ","HM588*300*12*20                ","根",1,{"$nulls":5},2223.1,2223.1,null,14,0.4,0.78,"14*0.4*0.78",4.368]
[63,"    GHJ-25                  ","    钢桁架-25                  ","HM588*300*12*20                ","根",1,{"$nulls":5},2223.1,2223.1,null,14,0.4,0.78,"14*0.4*0.78",4.368]
[64,"    GHJ-26                  ","    钢桁架-26                  ","HM588*300*12*20                ","根",1,{"$nulls":5},2223.1,2223.1,null,14,0.4,0.78,"14*0.4*0.78",4.368]
[65,"    GHJ-27                  ","    钢桁架-27                  ","HM588*300*12*20                ","根",1,{"$nulls":5},2150.2,2150.2,null,13.5,0.4,0.78,"13.5*0.4*0.78",{"v":4.212000000000001,"d":"4.212"}]
[66,"    GHJ-28                  ","    钢桁架-28                  ","HM588*300*12*20                ","根",1,{"$nulls":5},2150.2,{"$f":"F68*L68","v":2150.2},null,13.5,0.4,0.78,"13.5*0.4*0.78",{"v":4.212000000000001,"d":"4.212"}]
[67,"    GHJ-29                  ","    钢桁架-29                  ","HM588*300*12*20                ","根",1,{"$nulls":5},2150.2,2150.2,null,13.5,0.4,0.78,"13.5*0.4*0.78",{"v":4.212000000000001,"d":"4.212"}]
[68,"    GHJ-30                  ","    钢桁架-30                  ","HM588*300*12*20                ","根",1,{"$nulls":5},2150.2,2150.2,null,13.5,0.4,0.78,"13.5*0.4*0.78",{"v":4.212000000000001,"d":"4.212"}]
[69,"    GHJ-31                  ","    钢桁架-31                  ","HM588*300*12*20                ","根",1,{"$nulls":5},2150.2,2150.2,null,13.5,0.4,0.78,"13.5*0.4*0.78",{"v":4.212000000000001,"d":"4.212"}]
[70,"    GHJ-32                  ","    钢桁架-32                  ","HM588*300*12*20                ","根",1,{"$nulls":5},2150.2,2150.2,null,13.5,0.4,0.78,"13.5*0.4*0.78",{"v":4.212000000000001,"d":"4.212"}]
[71,"    GHJ-33                  ","    钢桁架-33                  ","HM588*300*12*20                ","根",1,{"$nulls":5},2150.2,2150.2,null,13.5,0.4,0.78,"13.5*0.4*0.78",{"v":4.212000000000001,"d":"4.212"}]
[72,"    GHJ-34                  ","    钢桁架-34                  ","HM588*300*12*20                ","根",1,{"$nulls":5},2150.2,2150.2,null,13.5,0.4,0.78,"13.5*0.4*0.78",{"v":4.212000000000001,"d":"4.212"}]
[73,"    GHJ-35                  ","    钢桁架-35                  ","HM588*300*12*20                ","根",1,{"$nulls":5},2027.9,2027.9,null,13.5,0.3,0.588,"13.5*0.3*0.588",{"v":2.3813999999999997,"d":"2.381"}]
[74,"    GHJ-36                  ","    钢桁架-36                  ","HM588*300*12*20                ","根",1,{"$nulls":5},1736.2,1736.2,null,11.5,0.3,0.588,"11.5*0.3*0.588",{"v":2.0285999999999995,"d":"2.029"}]
[75,"    GHJ-37                  ","    钢桁架-37                  ","HM588*300*12*20                ","根",1,{"$nulls":5},1736.2,1736.2,null,11.5,0.3,0.588,"11.5*0.3*0.588",{"v":2.0285999999999995,"d":"2.029"}]
[76,"    GHJ-38                  ","    钢桁架-38                  ","HN200*100*5.5*8                ","根",3,{"$nulls":5},56.3,168.89999999999998,null,2.889,0.1,0.2,"2.889*0.1*0.2",{"v":0.17334,"d":"0.173"}]
[77,"    GHJ-39                  ","    钢桁架-39                  ","HN200*100*5.5*8                ","根",36,{"$nulls":5},52.2,1879.2,null,2.687,0.1,0.2,"2.687*0.1*0.2",{"v":1.9346400000000001,"d":"1.935"}]
[78,"    GHJ-40                  ","    钢桁架-40                  ","HN200*100*5.5*8                ","根",72,{"$nulls":5},51.2,3686.4,null,2.637,0.1,0.2,"2.637*0.1*0.2",{"v":3.79728,"d":"3.797"}]
[79,"    GHJ-41                  ","    钢桁架-41                  ","HN200*100*5.5*8                ","根",3,{"$nulls":5},57.4,172.2,null,2.939,0.1,0.2,"2.939*0.1*0.2",{"v":0.17634,"d":"0.176"}]
[80,"    GHJ-42                  ","    钢桁架-42                  ","HN200*100*5.5*8                ","根",3,{"$nulls":5},48.1,144.3,null,2.486,0.1,0.2,"2.486*0.1*0.2",{"v":0.14916000000000004,"d":"0.149"}]
[81,"    GHJ-43                  ","    钢桁架-43                  ","HN200*100*5.5*8                ","根",87,{"$nulls":5},58.4,5080.8,null,2.989,0.1,0.2,"2.989*0.1*0.2",{"v":5.20086,"d":"5.201"}]
[82,"    GHJ-44                  ","    钢桁架-44                  ","HN200*100*5.5*8                ","根",3,{"$nulls":5},77,231,null,3.895,0.1,0.2,"3.895*0.1*0.2",{"v":0.23370000000000002,"d":"0.234"}]
[83,"    GHJ1-1                  ","    钢桁架1-1                  ","HM294*200*8*12                 ","根",1,{"$nulls":5},217.4,217.4,null,3.798,0.27,0.294,"3.798*0.27*0.294",{"v":0.30148524,"d":"0.301"}]
[84,"    GHJ1-2                  ","    钢桁架1-2                  ","HM294*200*8*12                 ","根",1,{"$nulls":5},217.4,217.4,null,3.798,0.27,0.294,"3.798*0.27*0.294",{"v":0.30148524,"d":"0.301"}]
[85,"    GHJ1-3                  ","    钢桁架1-3                  ","HM294*200*8*12                 ","根",1,{"$nulls":5},217.4,217.4,null,3.663,0.431,0.294,"3.663*0.431*0.294",{"$f":"O87*P87*Q87*F87","v":{"v":0.46415338199999995,"d":"0.464"}}]
[86,"    GHJ1-4                  ","    钢桁架1-4                  ","HM294*200*8*12                 ","根",1,{"$nulls":5},217.4,217.4,null,3.663,0.431,0.294,"3.663*0.431*0.294",{"v":0.46415338199999995,"d":"0.464"}]
[87,"    GHJ1-5                  ","    钢桁架1-5                  ","HM294*200*8*12                 ","根",7,{"$nulls":5},259.3,1815.1000000000001,null,4.67,0.2,0.294,"4.67*0.2*0.294",{"v":1.922172,"d":"1.922"}]
[88,"    GHJ1-6                  ","    钢桁架1-6                  ","HM294*200*8*12                 ","片",1,{"$nulls":5},2291.9,2291.9,null,12.027,3.057,0.431,"12.027*3.057*0.431",{"v":15.846378308999997,"d":"15.846"}]
[89,"    GHJ1-7                  ","    钢桁架1-7                  ","HM294*200*8*12                 ","根",1,{"$nulls":5},259.3,259.3,null,4.67,0.2,0.294,"4.67*0.2*0.294",{"v":0.274596,"d":"0.275"}]
[90,"    GHJ1-8                  ","    钢桁架1-8                  ","HM294*200*8*12                 ","根",2,{"$nulls":5},239.2,478.4,null,4.394,0.2,0.294,"4.394*0.2*0.294",{"v":0.5167344,"d":"0.517"}]
[91,"    GHJ1-9                  ","    钢桁架1-9                  ","HM294*200*8*12                 ","根",1,{"$nulls":5},251.3,251.3,null,4.394,0.2,0.294,"4.394*0.2*0.294",{"v":0.2583672,"d":"0.258"}]
[92,"    GHJ1-10                 ","    钢桁架1-10                 ","HM294*200*8*12                 ","根",1,{"$nulls":5},251.3,251.3,null,4.394,0.2,0.294,"4.394*0.2*0.294",{"v":0.2583672,"d":"0.258"}]
[93,"    GHJ1-11                 ","    钢桁架1-11                 ","HM294*200*8*12                 ","片",1,{"$nulls":5},2291.9,2291.9,null,12.027,3.057,0.431,"12.027*3.057*0.431",{"v":15.846378308999997,"d":"15.846"}]
[94,"    GHJ1-12                 ","    钢桁架1-12                 ","HM294*200*8*12                 ","片",1,{"$nulls":5},2680.8,2680.8,null,13.928,3.057,0.431,"13.928*3.057*0.431",{"v":18.351073176,"d":"18.351"}]
[95,"    GHJ1-13                 ","    钢桁架1-13                 ","HM294*200*8*12                 ","片",1,{"$nulls":5},2680.8,2680.8,null,13.928,3.057,0.431,"13.928*3.057*0.431",{"v":18.351073176,"d":"18.351"}]
[96,"    GHJ1-14                 ","    钢桁架1-14                 ","HN200*100*5.5*8                ","根",3,{"$nulls":5},67.1,201.29999999999998,null,3.414,0.1,0.2,"3.414*0.1*0.2",{"v":0.20484000000000002,"d":"0.205"}]
[97,"    GHJ1-15                 ","    钢桁架1-15                 ","HW150*150*7*10                 ","根",1,{"$nulls":5},141.7,141.7,null,4.692,0.15,0.15,"4.692*0.15*0.15",{"v":0.10557,"d":"0.106"}]
[98,"    GHJ1-16                 ","    钢桁架1-16                 ","HW150*150*7*10                 ","根",2,{"$nulls":5},118.6,237.2,null,3.939,0.27,0.15,"3.939*0.27*0.15",{"v":0.31905900000000004,"d":"0.319"}]
[99,"    GHJ1-17                 ","    钢桁架1-17                 ","HW150*150*7*10                 ","根",2,{"$nulls":5},76.9,153.8,null,2.53,0.15,0.15,"2.53*0.15*0.15",{"v":0.11384999999999998,"d":"0.114"}]
[100,"    GHJ1-18                 ","    钢桁架1-18                 ","HW150*150*7*10                 ","根",2,{"$nulls":5},121.5,243,null,4.13,0.15,0.15,"4.13*0.15*0.15",{"v":0.18585,"d":"0.186"}]
[101,"    GHJ1-19                 ","    钢桁架1-19                 ","HW150*150*7*10                 ","根",7,{"$nulls":5},141.4,989.8000000000001,null,4.692,0.15,0.15,"4.692*0.15*0.15",{"v":0.73899,"d":"0.739"}]
[102,"    GHJ1-20                 ","    钢桁架1-20                 ","HN200*100*5.5*8                ","根",3,{"$nulls":5},71.4,214.20000000000002,null,3.623,0.1,0.2,"3.623*0.1*0.2",{"v":0.21738000000000002,"d":"0.217"}]
[103,"    GHJ1-21                 ","    钢桁架1-21                 ","HN200*100*5.5*8                ","根",18,{"$nulls":5},58.9,1060.2,null,3.014,0.1,0.2,"3.014*0.1*0.2",{"v":1.08504,"d":"1.085"}]
[104,"    GHJ1-22                 ","    钢桁架1-22                 ","HN200*100*5.5*8                ","根",3,{"$nulls":5},67.2,201.60000000000002,null,3.42,0.1,0.2,"3.42*0.1*0.2",{"v":0.2052,"d":"0.205"}]
[105,"    GHJ2-1                  ","    钢桁架2-1                  ","HM294*200*8*12                 ","根",7,{"$nulls":5},259.3,1815.1000000000001,null,4.67,0.2,0.294,"4.67*0.2*0.294",{"v":1.922172,"d":"1.922"}]
[106,"    GHJ2-2                  ","    钢桁架2-2                  ","HM294*200*8*12                 ","根",2,{"$nulls":5},239.2,478.4,null,4.394,0.2,0.294,"4.394*0.2*0.294",{"v":0.5167344,"d":"0.517"}]
[107,"    GHJ2-3                  ","    钢桁架2-3                  ","HM294*200*8*12                 ","根",1,{"$nulls":5},251.3,251.3,null,4.394,0.2,0.294,"4.394*0.2*0.294",{"v":0.2583672,"d":"0.258"}]
[108,"    GHJ2-4                  ","    钢桁架2-4                  ","HM294*200*8*12                 ","根",1,{"$nulls":5},251.3,251.3,null,4.394,0.2,0.294,"4.394*0.2*0.294",{"v":0.2583672,"d":"0.258"}]
[109,"    GHJ2-5                  ","    钢桁架2-5                  ","HM294*200*8*12                 ","片",1,{"$nulls":5},2196.3,2196.3,null,11.241,3.054,0.431,"11.241*3.054*0.431",{"v":14.796236034,"d":"14.796"}]
[110,"    GHJ2-6                  ","    钢桁架2-6                  ","HM294*200*8*12                 ","片",1,{"$nulls":5},2196.3,2196.3,null,11.241,3.054,0.431,"11.241*3.054*0.431",{"v":14.796236034,"d":"14.796"}]
[111,"    GHJ2-7                  ","    钢桁架2-7                  ","HM294*200*8*12                 ","片",1,{"$nulls":5},2608.9,2608.9,null,13.6,3.054,0.431,"13.6*3.054*0.431",{"v":17.9013264,"d":"17.901"}]
[112,"    GHJ2-8                  ","    钢桁架2-8                  ","HM294*200*8*12                 ","片",1,{"$nulls":5},2611.4,2611.4,null,13.6,3.054,0.431,"13.6*3.054*0.431",{"v":17.9013264,"d":"17.901"}]
[113,"    GHJ2-9                  ","    钢桁架2-9                  ","HN200*100*5.5*8                ","根",3,{"$nulls":5},55.8,167.39999999999998,null,2.862,0.1,0.2,"2.862*0.1*0.2",{"v":0.17172,"d":"0.172"}]
[114,"    GHJ2-10                 ","    钢桁架2-10                 ","HW150*150*7*10                 ","根",2,{"$nulls":5},121.4,242.8,null,4.128,0.15,0.15,"4.128*0.15*0.15",{"v":0.18575999999999998,"d":"0.186"}]
[115,"    GHJ2-11                 ","    钢桁架2-11                 ","HW150*150*7*10                 ","根",7,{"$nulls":5},141.4,989.8000000000001,null,4.692,0.15,0.15,"4.692*0.15*0.15",{"v":0.73899,"d":"0.739"}]
[116,"    GHJ2-12                 ","    钢桁架2-12                 ","HN200*100*5.5*8                ","根",3,{"$nulls":5},55.7,167.10000000000002,null,2.856,0.1,0.2,"2.856*0.1*0.2",{"v":0.17136,"d":"0.171"}]
[117,"    GHJ2-13                 ","    钢桁架2-13                 ","HN200*100*5.5*8                ","根",18,{"$nulls":5},58.9,1060.2,null,3.014,0.1,0.2,"3.014*0.1*0.2",{"v":1.08504,"d":"1.085"}]
[118,"    GHJ3-1                  ","    钢桁架3-1                  ","HM294*200*8*12                 ","根",2,{"$nulls":5},239.2,478.4,null,4.394,0.2,0.294,"4.394*0.2*0.294",{"v":0.5167344,"d":"0.517"}]
[119,"    GHJ3-2                  ","    钢桁架3-2                  ","HM294*200*8*12                 ","根",1,{"$nulls":5},251.3,251.3,null,4.394,0.2,0.294,"4.394*0.2*0.294",{"v":0.2583672,"d":"0.258"}]
[120,"    GHJ3-3                  ","    钢桁架3-3                  ","HM294*200*8*12                 ","片",1,{"$nulls":5},2032.8,2032.8,null,9.6,3.076,0.431,"9.6*3.076*0.431",{"v":12.7272576,"d":"12.727"}]
[121,"    GHJ3-4                  ","    钢桁架3-4                  ","HM294*200*8*12                 ","片",1,{"$nulls":5},2032.8,2032.8,null,9.6,3.076,0.431,"9.6*3.076*0.431",{"v":12.7272576,"d":"12.727"}]
[122,"    GHJ3-5                  ","    钢桁架3-5                  ","HM294*200*8*12                 ","片",1,{"$nulls":5},2072.1,2072.1,null,10.298,3.076,0.431,"10.298*3.076*0.431",{"v":13.652635287999999,"d":"13.653"}]
[123,"    GHJ3-6                  ","    钢桁架3-6                  ","HM294*200*8*12                 ","片",1,{"$nulls":5},2072.1,2072.1,null,10.298,3.076,0.431,"10.298*3.076*0.431",{"v":13.652635287999999,"d":"13.653"}]
[124,"    GHJ3-7                  ","    钢桁架3-7                  ","HM294*200*8*12                 ","片",1,{"$nulls":5},1666.3,1666.3,null,10.195,3.076,0.431,"10.195*3.076*0.431",{"v":13.516082420000002,"d":"13.516"}]
[125,"    GHJ3-8                  ","    钢桁架3-8                  ","HM294*200*8*12                 ","片",1,{"$nulls":5},1666.3,1666.3,null,10.195,3.076,0.431,"10.195*3.076*0.431",{"v":13.516082420000002,"d":"13.516"}]
[126,"    GHJ3-9                  ","    钢桁架3-9                  ","HM294*200*8*12                 ","根",9,{"$nulls":5},256.9,2312.1,null,4.48,0.2,0.294,"4.48*0.2*0.294",{"v":2.3708160000000005,"d":"2.371"}]
[127,"    GHJ3-10                 ","    钢桁架3-10                 ","HW150*150*7*10                 ","根",2,{"$nulls":5},104.1,208.2,null,3.515,0.15,0.15,"3.515*0.15*0.15",{"v":0.15817499999999998,"d":"0.158"}]
[128,"    GHJ3-11                 ","    钢桁架3-11                 ","HW150*150*7*10                 ","根",2,{"$nulls":5},116.1,232.2,null,3.936,0.15,0.15,"3.936*0.15*0.15",{"v":0.17711999999999997,"d":"0.177"}]
[129,"    GHJ3-12                 ","    钢桁架3-12                 ","HW150*150*7*10                 ","根",9,{"$nulls":5},141.4,1272.6000000000001,null,4.692,0.15,0.15,"4.692*0.15*0.15",{"v":0.9501299999999999,"d":"0.950"}]
[130,"    GHJ3-13                 ","    钢桁架3-13                 ","HN200*100*5.5*8                ","根",30,{"$nulls":5},56.3,{"$f":"F132*L132","v":1689},null,2.889,0.1,0.2,"2.889*0.1*0.2",{"v":1.7334,"d":"1.733"}]
[131,"    GHJ3-14                 ","    钢桁架3-14                 ","HM294*200*8*12                 ","根",1,{"$nulls":5},251.3,251.3,null,4.394,0.2,0.294,"4.394*0.2*0.294",{"v":0.2583672,"d":"0.258"}]
[132,"    GHJ4-1                  ","    钢桁架4-1                  ","HM294*200*8*12                 ","根",18,{"$nulls":5},257.3,4631.400000000001,null,4.67,0.2,0.294,"4.67*0.2*0.294",{"v":4.942728,"d":"4.943"}]
[133,"    GHJ4-2                  ","    钢桁架4-2                  ","HM294*200*8*12                 ","根",2,{"$nulls":5},257.3,514.6,null,4.67,0.2,0.294,"4.67*0.2*0.294",{"v":0.549192,"d":"0.549"}]
[134,"    GHJ4-3                  ","    钢桁架4-3                  ","HM294*200*8*12                 ","根",2,{"$nulls":5},257.3,514.6,null,4.67,0.2,0.294,"4.67*0.2*0.294",{"v":0.549192,"d":"0.549"}]
[135,"    GHJ4-4                  ","    钢桁架4-4                  ","HM340*250*9*14                 ","片",2,{"$nulls":5},4300.9,8601.8,null,14.02,3.817,0.456,"14.02*3.817*0.456",{"v":48.80507808000001,"d":"48.805"}]
[136,"    GHJ4-5                  ","    钢桁架4-5                  ","HW200*200*8*12                 ","根",4,{"$nulls":5},202.7,810.8,null,4.315,0.2,0.2,"4.315*0.2*0.2",{"v":0.6904000000000001,"d":"0.690"}]
[137,"    GHJ4-6                  ","    钢桁架4-6                  ","HW200*200*8*12                 ","根",4,{"$nulls":5},226.2,904.8,null,4.834,0.2,0.2,"4.834*0.2*0.2",{"v":0.77344,"d":"0.773"}]
[138,"    GHJ4-7                  ","    钢桁架4-7                  ","HM340*250*9*14                 ","片",1,{"$nulls":5},4339.2,4339.2,null,14.02,3.817,0.456,"14.02*3.817*0.456",{"v":24.402539040000004,"d":"24.403"}]
[139,"    GHJ4-8                  ","    钢桁架4-8                  ","HM340*250*9*14                 ","片",1,{"$nulls":5},4335.1,4335.1,null,14.02,3.817,0.456,"14.02*3.817*0.456",{"v":24.402539040000004,"d":"24.403"}]
[140,"    GHJ4-9                  ","    钢桁架4-9                  ","HM340*250*9*14                 ","片",2,{"$nulls":5},4301,8602,null,14.02,3.817,0.456,"14.02*3.817*0.456",{"v":48.80507808000001,"d":"48.805"}]
[141,"    GHJ4-10                 ","    钢桁架4-10                 ","HM340*250*9*14                 ","片",1,{"$nulls":5},4336.2,4336.2,null,14.28,3.817,0.456,"14.28*3.817*0.456",{"v":24.85508256,"d":"24.855"}]
[142,"    GHJ4-11                 ","    钢桁架4-11                 ","HM340*250*9*14                 ","片",1,{"$nulls":5},4360.2,4360.2,null,14.28,3.817,0.456,"14.28*3.817*0.456",{"v":24.85508256,"d":"24.855"}]
[143,"    GHJ4-12                 ","    钢桁架4-12                 ","HM340*250*9*14                 ","根",4,{"$nulls":5},332.5,1330,null,4.33,0.25,0.34,"4.33*0.25*0.34",{"v":1.4722000000000002,"d":"1.472"}]
[144,"    GHJ4-13                 ","    钢桁架4-13                 ","HM340*250*9*14                 ","根",4,{"$nulls":5},356.1,1424.4,null,4.33,0.432,0.34,"4.33*0.432*0.34",{"v":2.5439616000000003,"d":"2.544"}]
[145,"    GHJ4-14                 ","    钢桁架4-14                 ","HM340*250*9*14                 ","片",2,{"$nulls":5},3041.9,6083.8,null,13.2,3.817,0.456,"13.2*3.817*0.456",{"v":45.9505728,"d":"45.951"}]
[146,"    GHJ4-15                 ","    钢桁架4-15                 ","HM340*250*9*14                 ","片",2,{"$nulls":5},3041.9,6083.8,null,13.2,3.817,0.456,"13.2*3.817*0.456",{"v":45.9505728,"d":"45.951"}]
[147,"    GHJ4-16                 ","    钢桁架4-16                 ","HW150*150*7*10                 ","根",4,{"$nulls":5},141.1,564.4,null,4.691,0.15,0.15,"4.691*0.15*0.15",{"v":0.42219,"d":"0.422"}]
[148,"    GHJ4-17                 ","    钢桁架4-17                 ","HW150*150*7*10                 ","根",18,{"$nulls":5},140.7,2532.6,null,4.691,0.15,0.15,"4.691*0.15*0.15",{"v":1.899855,"d":"1.900"}]
[149,"    GHJ4-18                 ","    钢桁架4-18                 ","HN200*100*5.5*8                ","根",12,{"$nulls":5},67.7,812.4000000000001,null,3.373,0.1,0.2,"3.373*0.1*0.2",{"$f":"O151*P151*Q151*F151","v":{"v":0.80952,"d":"0.810"}}]
[150,"    GHJ4-19                 ","    钢桁架4-19                 ","HN200*100*5.5*8                ","根",6,{"$nulls":5},53.3,319.79999999999995,null,2.668,0.1,0.2,"2.668*0.1*0.2",{"v":0.32016000000000006,"d":"0.320"}]
[151,"    GHJ4-20                 ","    钢桁架4-20                 ","HN200*100*5.5*8                ","根",6,{"$nulls":5},53.3,319.79999999999995,null,2.672,0.1,0.2,"2.672*0.1*0.2",{"v":0.3206400000000001,"d":"0.321"}]
[152,"    GHJ4-21                 ","    钢桁架4-21                 ","HN200*100*5.5*8                ","根",48,{"$nulls":5},68.7,3297.6000000000004,null,3.493,0.1,0.2,"3.493*0.1*0.2",{"v":3.3532800000000003,"d":"3.353"}]
[153,"    GHJ5-1                  ","    钢桁架5-1                  ","HW250*250*9*14                 ","根",8,{"$nulls":5},455.5,3644,null,6.694,0.25,0.25,"6.694*0.25*0.25",3.347]
[154,"    GHJ5-2                  ","    钢桁架5-2                  ","HM294*200*8*12                 ","根",24,{"$nulls":5},246.4,5913.6,null,4.511,0.2,0.294,"4.511*0.2*0.294",{"v":6.3659232,"d":"6.366"}]
[155,"    GHJ5-3                  ","    钢桁架5-3                  ","HM294*200*8*12                 ","根",6,{"$nulls":5},245.1,1470.6,null,4.486,0.2,0.294,"4.486*0.2*0.294",{"v":1.5826607999999998,"d":"1.583"}]
[156,"    GHJ5-4                  ","    钢桁架5-4                  ","HW250*250*9*14                 ","根",2,{"$nulls":5},449.8,899.6,null,6.618,0.25,0.25,"6.618*0.25*0.25",{"v":0.82725,"d":"0.827"}]
[157,"    GHJ5-5                  ","    钢桁架5-5                  ","HM294*200*8*12                 ","根",3,{"$nulls":5},236.8,710.4000000000001,null,4.335,0.2,0.294,"4.335*0.2*0.294",{"v":0.7646939999999999,"d":"0.765"}]
[158,"    GHJ5-6                  ","    钢桁架5-6                  ","HM294*200*8*12                 ","根",3,{"$nulls":5},289.1,867.3000000000001,null,5.291,0.2,0.294,"5.291*0.2*0.294",{"v":0.9333323999999998,"d":"0.933"}]
[159,"    GHJ5-7                  ","    钢桁架5-7                  ","HM550*300*11*18                ","根",1,{"$nulls":5},2054.3,2054.3,null,14,0.561,0.731,"14*0.561*0.731",{"v":5.741274000000001,"d":"5.741"}]
[160,"    GHJ5-8                  ","    钢桁架5-8                  ","HM550*300*11*18                ","根",1,{"$nulls":5},2054.3,2054.3,null,14,0.561,0.731,"14*0.561*0.731",{"v":5.741274000000001,"d":"5.741"}]
[161,"    GHJ5-9                  ","    钢桁架5-9                  ","HM550*300*11*18                ","根",1,{"$nulls":5},2070.5,2070.5,null,14,0.561,0.731,"14*0.561*0.731",{"v":5.741274000000001,"d":"5.741"}]
[162,"    GHJ5-10                 ","    钢桁架5-10                 ","HM550*300*11*18                ","根",1,{"$nulls":5},2070.5,2070.5,null,14,0.561,0.731,"14*0.561*0.731",{"v":5.741274000000001,"d":"5.741"}]
[163,"    GHJ5-11                 ","    钢桁架5-11                 ","HM550*300*11*18                ","根",1,{"$nulls":5},2027.1,2027.1,null,14,0.39,0.731,"14*0.39*0.731",{"v":3.99126,"d":"3.991"}]
[164,"    GHJ5-12                 ","    钢桁架5-12                 ","HM550*300*11*18                ","根",1,{"$nulls":5},2010.8,2010.8,null,14,0.39,0.731,"14*0.39*0.731",{"v":3.99126,"d":"3.991"}]
[165,"    GHJ5-13                 ","    钢桁架5-13                 ","HM550*300*11*18                ","根",1,{"$nulls":5},2027.1,2027.1,null,14,0.39,0.731,"14*0.39*0.731",{"v":3.99126,"d":"3.991"}]
[166,"    GHJ5-14                 ","    钢桁架5-14                 ","HM550*300*11*18                ","根",1,{"$nulls":5},2010.8,2010.8,null,14,0.39,0.731,"14*0.39*0.731",{"v":3.99126,"d":"3.991"}]
[167,"    GHJ5-15                 ","    钢桁架5-15                 ","HM550*300*11*18                ","根",1,{"$nulls":5},1569.6,1569.6,null,11.239,0.39,0.731,"11.239*0.39*0.731",{"v":3.20412651,"d":"3.204"}]
[168,"    GHJ5-16                 ","    钢桁架5-16                 ","HM550*300*11*18                ","根",1,{"$nulls":5},1569.6,1569.6,null,11.239,0.39,0.731,"11.239*0.39*0.731",{"v":3.20412651,"d":"3.204"}]
[169,"    GHJ5-17                 ","    钢桁架5-17                 ","HM550*300*11*18                ","根",1,{"$nulls":5},979.7,979.7,null,7.195,0.39,0.731,"7.195*0.39*0.731",{"v":2.0512225500000003,"d":"2.051"}]
[170,"    GHJ5-18                 ","    钢桁架5-18                 ","HM550*300*11*18                ","根",1,{"$nulls":5},979.7,979.7,null,7.195,0.39,0.731,"7.195*0.39*0.731",{"v":2.0512225500000003,"d":"2.051"}]
[171,"    GHJ5-19                 ","    钢桁架5-19                 ","HM550*300*11*18                ","根",1,{"$nulls":5},1705,1705,null,11.64,0.561,0.731,"11.64*0.561*0.731",{"v":4.77345924,"d":"4.773"}]
[172,"    GHJ5-20                 ","    钢桁架5-20                 ","HM550*300*11*18                ","根",1,{"$nulls":5},1705,1705,null,11.64,0.561,0.731,"11.64*0.561*0.731",{"v":4.77345924,"d":"4.773"}]
[173,"    GHJ5-21                 ","    钢桁架5-21                 ","HM550*300*11*18                ","根",1,{"$nulls":5},1131.6,1131.6,null,7.912,0.561,0.731,"7.912*0.561*0.731",{"v":3.244639992,"d":"3.245"}]
[174,"    GHJ5-22                 ","    钢桁架5-22                 ","HM550*300*11*18                ","根",1,{"$nulls":5},1131.6,1131.6,null,7.912,0.561,0.731,"7.912*0.561*0.731",{"v":3.244639992,"d":"3.245"}]
[175,"    GHJ5-23                 ","    钢桁架5-23                 ","HM340*250*9*14                 ","根",1,{"$nulls":5},364.6,364.6,null,4.38,0.345,0.34,"4.38*0.345*0.34",{"v":0.513774,"d":"0.514"}]
[176,"    GHJ5-24                 ","    钢桁架5-24                 ","HM340*250*9*14                 ","根",1,{"$nulls":5},364.6,364.6,null,4.38,0.345,0.34,"4.38*0.345*0.34",{"v":0.513774,"d":"0.514"}]
[177,"    GHJ5-25                 ","    钢桁架5-25                 ","HM340*250*9*14                 ","根",9,{"$nulls":5},370.9,3338.1,null,4.38,0.44,0.34,"4.38*0.44*0.34",{"v":5.897232000000001,"d":"5.897"}]
[178,"    GHJ5-26                 ","    钢桁架5-26                 ","HM340*250*9*14                 ","根",11,{"$nulls":5},337.2,3709.2,null,4.38,0.25,0.34,"4.38*0.25*0.34",{"v":4.0953,"d":"4.095"}]
[179,"    GHJ5-27                 ","    钢桁架5-27                 ","HM550*300*11*18                ","根",1,{"$nulls":5},713.1,713.1,null,5.162,0.39,0.731,"5.162*0.39*0.731",{"v":1.4716345800000001,"d":"1.472"}]
[180,"    GHJ5-28                 ","    钢桁架5-28                 ","HM550*300*11*18                ","根",1,{"$nulls":5},713.1,713.1,null,5.162,0.39,0.731,"5.162*0.39*0.731",{"v":1.4716345800000001,"d":"1.472"}]
[181,"    GHJ5-29                 ","    钢桁架5-29                 ","HM550*300*11*18                ","根",1,{"$nulls":5},585.7,585.7,null,4.144,0.39,0.731,"4.144*0.39*0.731",{"v":1.18141296,"d":"1.181"}]
[182,"    GHJ5-30                 ","    钢桁架5-30                 ","HM550*300*11*18                ","根",1,{"$nulls":5},585.7,585.7,null,4.144,0.39,0.731,"4.144*0.39*0.731",{"v":1.18141296,"d":"1.181"}]
[183,"    GHJ5-31                 ","    钢桁架5-31                 ","HM550*300*11*18                ","根",1,{"$nulls":5},1087.5,1087.5,null,5.766,1.417,0.745,"5.766*1.417*0.745",{"v":6.08696439,"d":"6.087"}]
[184,"    GHJ5-32                 ","    钢桁架5-32                 ","HM550*300*11*18                ","根",1,{"$nulls":5},1087.9,1087.9,null,5.766,1.417,0.745,"5.766*1.417*0.745",{"v":6.08696439,"d":"6.087"}]
[185,"    GHJ5-33                 ","    钢桁架5-33                 ","HM550*300*11*18                ","根",1,{"$nulls":5},1068.6,1068.6,null,5.801,1.417,0.745,"5.801*1.417*0.745",{"v":6.123912665000001,"d":"6.124"}]
[186,"    GHJ5-34                 ","    钢桁架5-34                 ","HM550*300*11*18                ","根",1,{"$nulls":5},1068.6,1068.6,null,5.801,1.417,0.745,"5.801*1.417*0.745",{"v":6.123912665000001,"d":"6.124"}]
[187,"    GHJ5-35                 ","    钢桁架5-35                 ","HM550*300*11*18                ","根",2,{"$nulls":5},741.8,1483.6,null,6.045,0.514,0.55,"6.045*0.514*0.55",{"v":3.4178430000000004,"d":"3.418"}]
[188,"    GHJ5-36                 ","    钢桁架5-36                 ","HM550*300*11*18                ","根",2,{"$nulls":5},821.9,1643.8,null,6.772,0.514,0.55,"6.772*0.514*0.55",{"v":3.8288888000000005,"d":"3.829"}]
[189,"    GHJ5-37                 ","    钢桁架5-37                 ","HM550*300*11*18                ","根",2,{"$nulls":5},532.1,1064.2,null,4.138,0.3,0.55,"4.138*0.3*0.55",{"v":1.36554,"d":"1.366"}]
[190,"    GHJ5-38                 ","    钢桁架5-38                 ","HM550*300*11*18                ","根",1,{"$nulls":5},585.9,585.9,null,4.138,0.48,0.55,"4.138*0.48*0.55",{"v":1.092432,"d":"1.092"}]
[191,"    GHJ5-39                 ","    钢桁架5-39                 ","HM550*300*11*18                ","根",1,{"$nulls":5},585.9,585.9,null,4.138,0.48,0.55,"4.138*0.48*0.55",{"v":1.092432,"d":"1.092"}]
[192,"    GHJ5-40                 ","    钢桁架5-40                 ","HM550*300*11*18                ","根",1,{"$nulls":5},805,805,null,5.618,0.561,0.731,"5.618*0.561*0.731",{"v":2.3038912380000003,"d":"2.304"}]
[193,"    GHJ5-41                 ","    钢桁架5-41                 ","HM550*300*11*18                ","根",1,{"$nulls":5},805,805,null,5.618,0.561,0.731,"5.618*0.561*0.731",{"v":2.3038912380000003,"d":"2.304"}]
[194,"    GHJ5-42                 ","    钢桁架5-42                 ","HM550*300*11*18                ","根",1,{"$nulls":5},668.7,{"$f":"F196*L196","v":668.7},null,4.657,0.561,0.731,"4.657*0.561*0.731",{"v":1.9097937870000001,"d":"1.910"}]
[195,"    GHJ5-43                 ","    钢桁架5-43                 ","HM550*300*11*18                ","根",1,{"$nulls":5},668.7,668.7,null,4.657,0.561,0.731,"4.657*0.561*0.731",{"v":1.9097937870000001,"d":"1.910"}]
[196,"    GHJ5-44                 ","    钢桁架5-44                 ","HW250*250*9*14                 ","根",8,{"$nulls":5},408.2,3265.6,null,5.974,0.25,0.25,"5.974*0.25*0.25",2.987]
[197,"    GHJ5-45                 ","    钢桁架5-45                 ","HW250*250*9*14                 ","根",22,{"$nulls":5},314.1,6910.200000000001,null,4.475,0.25,0.25,"4.475*0.25*0.25",{"v":6.153124999999999,"d":"6.153"}]
[198,"    GHJ5-46                 ","    钢桁架5-46                 ","HW250*250*9*14                 ","根",2,{"$nulls":5},437.5,875,null,6.439,0.25,0.25,"6.439*0.25*0.25",{"v":0.804875,"d":"0.805"}]
[199,"    GHJ6-1                  ","    钢桁架6-1                  ","HM294*200*8*12                 ","根",24,{"$nulls":5},237,5688,null,4.339,0.2,0.294,"4.339*0.2*0.294",{"v":6.1231968000000006,"d":"6.123"}]
[200,"    GHJ6-2                  ","    钢桁架6-2                  ","HM294*200*8*12                 ","根",3,{"$nulls":5},252.9,758.7,null,4.629,0.2,0.294,"4.629*0.2*0.294",{"v":0.8165555999999998,"d":"0.817"}]
[201,"    GHJ6-3                  ","    钢桁架6-3                  ","HM294*200*8*12                 ","根",6,{"$nulls":5},232.9,1397.4,null,4.264,0.2,0.294,"4.264*0.2*0.294",{"v":1.5043392000000002,"d":"1.504"}]
[202,"    GHJ6-4                  ","    钢桁架6-4                  ","HW250*250*9*14                 ","根",20,{"$nulls":5},314.3,6286,null,4.464,0.25,0.25,"4.464*0.25*0.25",{"v":5.58,"d":"5.580"}]
[203,"    GHJ6-5                  ","    钢桁架6-5                  ","HW250*250*9*14                 ","根",2,{"$nulls":5},426.8,853.6,null,6.266,0.25,0.25,"6.266*0.25*0.25",{"v":0.78325,"d":"0.783"}]
[204,"    GHJ6-6                  ","    钢桁架6-6                  ","HW250*250*9*14                 ","根",8,{"$nulls":5},412,3296,null,6.032,0.25,0.25,"6.032*0.25*0.25",3.016]
[205,"    GHJ6-7                  ","    钢桁架6-7                  ","HW250*250*9*14                 ","根",8,{"$nulls":5},437.1,3496.8,null,6.413,0.25,0.25,"6.413*0.25*0.25",{"v":3.2065,"d":"3.207"}]
[206,"    GHJ6-8                  ","    钢桁架6-8                  ","HM340*250*9*14                 ","根",1,{"$nulls":5},364.6,364.6,null,4.38,0.345,0.34,"4.38*0.345*0.34",{"v":0.513774,"d":"0.514"}]
[207,"    GHJ6-9                  ","    钢桁架6-9                  ","HM340*250*9*14                 ","根",8,{"$nulls":5},370.9,2967.2,null,4.38,0.44,0.34,"4.38*0.44*0.34",{"v":5.241984,"d":"5.242"}]
[208,"    GHJ6-10                 ","    钢桁架6-10                 ","HM550*300*11*18                ","根",2,{"$nulls":5},785.3,1570.6,null,6.46,0.514,0.55,"6.46*0.514*0.55",{"v":3.6524840000000003,"d":"3.652"}]
[209,"    GHJ6-11                 ","    钢桁架6-11                 ","HM550*300*11*18                ","根",2,{"$nulls":5},742.7,1485.4,null,6.066,0.514,0.55,"6.066*0.514*0.55",{"v":3.4297164,"d":"3.430"}]
[210,"    GHJ6-12                 ","    钢桁架6-12                 ","HM550*300*11*18                ","根",1,{"$nulls":5},1701.3,1701.3,null,11.629,0.561,0.725,"11.629*0.561*0.725",{"v":4.729805025,"d":"4.730"}]
[211,"    GHJ6-13                 ","    钢桁架6-13                 ","HM550*300*11*18                ","根",1,{"$nulls":5},1118.1,1118.1,null,6.003,0.745,1.393,"6.003*0.745*1.393",{"v":6.229823355000001,"d":"6.230"}]
[212,"    GHJ6-14                 ","    钢桁架6-14                 ","HM550*300*11*18                ","根",1,{"$nulls":5},1118.1,1118.1,null,6.003,0.745,1.393,"6.003*0.745*1.393",{"v":6.229823355000001,"d":"6.230"}]
[213,"    GHJ6-15                 ","    钢桁架6-15                 ","HM550*300*11*18                ","根",1,{"$nulls":5},1020.9,1020.9,null,5.888,0.745,0.93,"5.888*0.745*0.93",{"$f":"O215*P215*Q215*F215","v":{"v":4.079500800000001,"d":"4.080"}}]
[214,"    GHJ6-16                 ","    钢桁架6-16                 ","HM550*300*11*18                ","根",1,{"$nulls":5},1020.9,1020.9,null,5.888,0.745,0.93,"5.888*0.745*0.93",{"v":4.079500800000001,"d":"4.080"}]
[215,"    GHJ6-17                 ","    钢桁架6-17                 ","HM550*300*11*18                ","根",2,{"$nulls":5},532.1,1064.2,null,4.138,0.3,0.55,"4.138*0.3*0.55",{"v":1.36554,"d":"1.366"}]
[216,"    GHJ6-18                 ","    钢桁架6-18                 ","HM550*300*11*18                ","根",1,{"$nulls":5},580,580,null,4.138,0.39,0.55,"4.138*0.39*0.55",{"v":0.8876010000000001,"d":"0.888"}]
[217,"    GHJ6-19                 ","    钢桁架6-19                 ","HM550*300*11*18                ","根",1,{"$nulls":5},585.9,585.9,null,4.138,0.48,0.55,"4.138*0.48*0.55",{"v":1.092432,"d":"1.092"}]
[218,"    GHJ6-20                 ","    钢桁架6-20                 ","HM550*300*11*18                ","根",1,{"$nulls":5},1539.5,1539.5,null,11,0.725,0.39,"11*0.725*0.39",{"v":3.11025,"d":"3.110"}]
[219,"    GHJ6-21                 ","    钢桁架6-21                 ","HM550*300*11*18                ","根",1,{"$nulls":5},1539.5,1539.5,null,11,0.725,0.39,"11*0.725*0.39",{"v":3.11025,"d":"3.110"}]
[220,"    GHJ6-22                 ","    钢桁架6-22                 ","HM550*300*11*18                ","根",1,{"$nulls":5},626,626,null,4.472,0.725,0.39,"4.472*0.725*0.39",{"v":1.2644580000000003,"d":"1.264"}]
[221,"    GHJ6-23                 ","    钢桁架6-23                 ","HM550*300*11*18                ","根",1,{"$nulls":5},626,626,null,4.472,0.725,0.39,"4.472*0.725*0.39",{"v":1.2644580000000003,"d":"1.264"}]
[222,"    GHJ6-24                 ","    钢桁架6-24                 ","HM550*300*11*18                ","根",1,{"$nulls":5},1341.1,1341.1,null,9.464,0.725,0.39,"9.464*0.725*0.39",{"v":2.675946,"d":"2.676"}]
[223,"    GHJ6-25                 ","    钢桁架6-25                 ","HM550*300*11*18                ","根",1,{"$nulls":5},1341.1,1341.1,null,9.464,0.725,0.39,"9.464*0.725*0.39",{"v":2.675946,"d":"2.676"}]
[224,"    GHJ6-26                 ","    钢桁架6-26                 ","HM550*300*11*18                ","根",1,{"$nulls":5},719.1,719.1,null,4.923,0.561,0.725,"4.923*0.561*0.725",{"v":2.0023071750000003,"d":"2.002"}]
[225,"    GHJ6-27                 ","    钢桁架6-27                 ","HM550*300*11*18                ","根",1,{"$nulls":5},1500,1500,null,10.07,0.561,0.725,"10.07*0.561*0.725",{"v":4.09572075,"d":"4.096"}]
[226,"    GHJ6-28                 ","    钢桁架6-28                 ","HM550*300*11*18                ","根",1,{"$nulls":5},1500,1500,null,10.07,0.561,0.725,"10.07*0.561*0.725",{"v":4.09572075,"d":"4.096"}]
[227,"    GHJ6-29                 ","    钢桁架6-29                 ","HM550*300*11*18                ","根",1,{"$nulls":5},1596,1596,null,11,0.561,0.725,"11*0.561*0.725",{"v":4.473975,"d":"4.474"}]
[228,"    GHJ6-30                 ","    钢桁架6-30                 ","HM550*300*11*18                ","根",1,{"$nulls":5},1596,1596,null,11,0.561,0.725,"11*0.561*0.725",{"v":4.473975,"d":"4.474"}]
[229,"    GHJ6-31                 ","    钢桁架6-31                 ","HM550*300*11*18                ","根",1,{"$nulls":5},1556.2,1556.2,null,11,0.39,0.725,"11*0.39*0.725",{"v":3.1102499999999997,"d":"3.110"}]
[230,"    GHJ6-32                 ","    钢桁架6-32                 ","HM550*300*11*18                ","根",1,{"$nulls":5},1556.2,1556.2,null,11,0.39,0.725,"11*0.39*0.725",{"v":3.1102499999999997,"d":"3.110"}]
[231,"    GHJ6-33                 ","    钢桁架6-33                 ","HM550*300*11*18                ","根",1,{"$nulls":5},1925.8,1925.8,null,13,0.561,0.725,"13*0.561*0.725",{"v":5.287425000000001,"d":"5.287"}]
[232,"    GHJ6-34                 ","    钢桁架6-34                 ","HM550*300*11*18                ","根",1,{"$nulls":5},1925.8,1925.8,null,13,0.561,0.725,"13*0.561*0.725",{"v":5.287425000000001,"d":"5.287"}]
[233,"    GHJ6-35                 ","    钢桁架6-35                 ","HM550*300*11*18                ","根",1,{"$nulls":5},1898.5,1898.5,null,13,0.39,0.725,"13*0.39*0.725",{"v":3.6757500000000003,"d":"3.676"}]
[234,"    GHJ6-36                 ","    钢桁架6-36                 ","HM550*300*11*18                ","根",1,{"$nulls":5},1898.5,1898.5,null,13,0.39,0.725,"13*0.39*0.725",{"v":3.6757500000000003,"d":"3.676"}]
[235,"    GHJ6-37                 ","    钢桁架6-37                 ","HM550*300*11*18                ","根",1,{"$nulls":5},1701.3,1701.3,null,11.629,0.561,0.725,"11.629*0.561*0.725",{"v":4.729805025,"d":"4.730"}]
[236,"    GHJ6-38                 ","    钢桁架6-38                 ","HM550*300*11*18                ","根",1,{"$nulls":5},719.1,719.1,null,4.923,0.561,0.725,"4.923*0.561*0.725",{"v":2.0023071750000003,"d":"2.002"}]
[237,"    GHJ7-1                  ","    钢桁架7-1                  ","HW250*250*9*14                 ","根",20,{"$nulls":5},392.3,7846,null,5.534,0.575,0.25,"5.534*0.575*0.25",{"v":15.91025,"d":"15.910"}]
[238,"    GHJ7-2                  ","    钢桁架7-2                  ","HW250*250*9*14                 ","根",2,{"$nulls":5},388.7,777.4,null,5.534,0.575,0.25,"5.534*0.575*0.25",{"v":1.591025,"d":"1.591"}]
[239,"    GHJ7-3                  ","    钢桁架7-3                  ","HW250*250*9*14                 ","根",2,{"$nulls":5},388.7,777.4,null,5.534,0.575,0.25,"5.534*0.575*0.25",{"v":1.591025,"d":"1.591"}]
[240,"    GHJ7-4                  ","    钢桁架7-4                  ","HW250*250*9*14                 ","根",2,{"$nulls":5},231.3,462.6,null,3.393,0.25,0.25,"3.393*0.25*0.25",{"v":0.424125,"d":"0.424"}]
[241,"    GHJ7-5                  ","    钢桁架7-5                  ","HW250*250*9*14                 ","根",2,{"$nulls":5},231.5,463,null,3.396,0.25,0.25,"3.396*0.25*0.25",{"v":0.4245,"d":"0.425"}]
[242,"    GHJ7-6                  ","    钢桁架7-6                  ","HW250*250*9*14                 ","根",4,{"$nulls":5},468.4,1873.6,null,6.801,0.25,0.25,"6.801*0.25*0.25",{"v":1.70025,"d":"1.700"}]
[243,"    GHJ7-7                  ","    钢桁架7-7                  ","HW250*250*9*14                 ","根",2,{"$nulls":5},464.4,928.8,null,6.742,0.25,0.25,"6.742*0.25*0.25",{"v":0.84275,"d":"0.843"}]
[244,"    GHJ7-8                  ","    钢桁架7-8                  ","HW250*250*9*14                 ","根",2,{"$nulls":5},478.8,957.6,null,6.954,0.25,0.25,"6.954*0.25*0.25",{"v":0.86925,"d":"0.869"}]
[245,"    GHJ7-9                  ","    钢桁架7-9                  ","HW250*250*9*14                 ","根",8,{"$nulls":5},480.9,3847.2,null,6.985,0.25,0.25,"6.985*0.25*0.25",{"v":3.4925,"d":"3.493"}]
[246,"    GHJ7-10                 ","    钢桁架7-10                 ","HW250*250*9*14                 ","根",2,{"$nulls":5},491.1,982.2,null,6.985,0.25,0.25,"6.985*0.25*0.25",{"v":0.873125,"d":"0.873"}]
[247,"    GHJ7-11                 ","    钢桁架7-11                 ","HW200*200*8*12                 ","根",4,{"$nulls":5},288,1152,null,6.056,0.2,0.2,"6.056*0.2*0.2",{"v":0.96896,"d":"0.969"}]
[248,"    GHJ7-12                 ","    钢桁架7-12                 ","HW200*200*8*12                 ","根",6,{"$nulls":5},45.3,271.79999999999995,null,0.93,0.2,0.2,"0.93*0.2*0.2",{"v":0.2232,"d":"0.223"}]
[249,"    GHJ7-13                 ","    钢桁架7-13                 ","HW200*200*8*12                 ","根",1,{"$nulls":5},196.4,196.4,null,4.03,0.2,0.2,"4.03*0.2*0.2",{"v":0.1612,"d":"0.161"}]
[250,"    GHJ7-14                 ","    钢桁架7-14                 ","HW200*200*8*12                 ","根",1,{"$nulls":5},191.5,191.5,null,3.929,0.2,0.2,"3.929*0.2*0.2",{"v":0.15716000000000002,"d":"0.157"}]
[251,"    GHJ7-15                 ","    钢桁架7-15                 ","HW200*200*8*12                 ","根",1,{"$nulls":5},208.6,208.6,null,4.28,0.2,0.2,"4.28*0.2*0.2",{"v":0.17120000000000002,"d":"0.171"}]
[252,"    GHJ7-16                 ","    钢桁架7-16                 ","HW200*200*8*12                 ","根",1,{"$nulls":5},212.9,212.9,null,4.28,0.29,0.2,"4.28*0.29*0.2",{"v":0.24824000000000002,"d":"0.248"}]
[253,"    GHJ7-17                 ","    钢桁架7-17                 ","HW200*200*8*12                 ","根",5,{"$nulls":5},122.1,610.5,null,2.505,0.2,0.2,"2.505*0.2*0.2",{"v":0.5010000000000001,"d":"0.501"}]
[254,"    GHJ7-18                 ","    钢桁架7-18                 ","HW200*200*8*12                 ","根",6,{"$nulls":5},197.6,1185.6,null,4.055,0.2,0.2,"4.055*0.2*0.2",{"v":0.9732000000000001,"d":"0.973"}]
[255,"    GHJ7-19                 ","    钢桁架7-19                 ","HW200*200*8*12                 ","根",3,{"$nulls":5},198.8,596.4000000000001,null,4.08,0.2,0.2,"4.08*0.2*0.2",{"v":0.48960000000000004,"d":"0.490"}]
[256,"    GHJ7-20                 ","    钢桁架7-20                 ","HW200*200*8*12                 ","根",8,{"$nulls":5},213.4,1707.2,null,4.38,0.2,0.2,"4.38*0.2*0.2",{"v":1.4016000000000002,"d":"1.402"}]
[257,"    GHJ7-21                 ","    钢桁架7-21                 ","HW200*200*8*12                 ","根",4,{"$nulls":5},212.2,848.8,null,4.355,0.2,0.2,"4.355*0.2*0.2",{"v":0.6968000000000001,"d":"0.697"}]
[258,"    GHJ7-22                 ","    钢桁架7-22                 ","HW200*200*8*12                 ","根",1,{"$nulls":5},34.4,{"$f":"F260*L260","v":34.4},null,0.705,0.2,0.2,"0.705*0.2*0.2",{"v":0.0282,"d":"0.028"}]
[259,"    GHJ7-23                 ","    钢桁架7-23                 ","HM340*250*9*14                 ","根",1,{"$nulls":5},365.6,365.6,null,4.384,0.44,0.34,"4.384*0.44*0.34",{"v":0.6558464000000002,"d":"0.656"}]
[260,"    GHJ7-24                 ","    钢桁架7-24                 ","HM340*250*9*14                 ","根",1,{"$nulls":5},330,330,null,3.93,0.44,0.34,"3.93*0.44*0.34",{"v":0.5879280000000001,"d":"0.588"}]
[261,"    GHJ7-25                 ","    钢桁架7-25                 ","HM340*250*9*14                 ","根",10,{"$nulls":5},384.2,3842,null,4.38,0.35,0.948,"4.38*0.35*0.948",{"v":14.532839999999998,"d":"14.533"}]
[262,"    GHJ7-26                 ","    钢桁架7-26                 ","HM340*250*9*14                 ","根",2,{"$nulls":5},380.3,760.6,null,4.38,0.35,0.948,"4.38*0.35*0.948",{"v":2.9065679999999996,"d":"2.907"}]
[263,"    GHJ7-27                 ","    钢桁架7-27                 ","HM340*250*9*14                 ","根",1,{"$nulls":5},362.1,362.1,null,4.38,0.345,0.34,"4.38*0.345*0.34",{"v":0.513774,"d":"0.514"}]
[264,"    GHJ7-28                 ","    钢桁架7-28                 ","HM340*250*9*14                 ","根",1,{"$nulls":5},353.8,353.8,null,4.38,0.345,0.34,"4.38*0.345*0.34",{"v":0.513774,"d":"0.514"}]
[265,"    GHJ7-29                 ","    钢桁架7-29                 ","HM340*250*9*14                 ","根",5,{"$nulls":5},356.3,1781.5,null,4.38,0.44,0.34,"4.38*0.44*0.34",{"v":3.2762400000000005,"d":"3.276"}]
[266,"    GHJ7-30                 ","    钢桁架7-30                 ","HM340*250*9*14                 ","根",1,{"$nulls":5},365.9,365.9,null,4.38,0.44,0.34,"4.38*0.44*0.34",{"v":0.655248,"d":"0.655"}]
[267,"    GHJ7-31                 ","    钢桁架7-31                 ","HM550*300*11*18                ","根",1,{"$nulls":5},349.6,349.6,null,2.314,0.39,0.72,"2.314*0.39*0.72",{"v":0.6497712,"d":"0.650"}]
[268,"    GHJ7-32                 ","    钢桁架7-32                 ","HM550*300*11*18                ","根",2,{"$nulls":5},1194.9,2389.8,null,6.866,1.211,0.895,"6.866*1.211*0.895",{"v":14.88335954,"d":"14.883"}]
[269,"    GHJ7-33                 ","    钢桁架7-33                 ","HM550*300*11*18                ","根",2,{"$nulls":5},1194.9,2389.8,null,6.866,1.211,0.895,"6.866*1.211*0.895",{"v":14.88335954,"d":"14.883"}]
[270,"    GHJ7-34                 ","    钢桁架7-34                 ","HM550*300*11*18                ","根",1,{"$nulls":5},349.6,349.6,null,2.315,0.39,0.72,"2.315*0.39*0.72",{"v":0.650052,"d":"0.650"}]
[271,"    GHJ7-35                 ","    钢桁架7-35                 ","HM550*300*11*18                ","根",2,{"$nulls":5},591.4,1182.8,null,4.138,0.61,0.948,"4.138*0.61*0.948",{"v":4.785845279999999,"d":"4.786"}]
[272,"    GHJ7-36                 ","    钢桁架7-36                 ","HM550*300*11*18                ","根",1,{"$nulls":5},565.1,565.1,null,4.138,0.49,0.55,"4.138*0.49*0.55",{"v":1.115191,"d":"1.115"}]
[273,"    GHJ7-37                 ","    钢桁架7-37                 ","HM550*300*11*18                ","根",1,{"$nulls":5},581.5,581.5,null,4.138,0.49,0.55,"4.138*0.49*0.55",{"v":1.115191,"d":"1.115"}]
[274,"    GHJ7-38                 ","    钢桁架7-38                 ","HM550*300*11*18                ","根",1,{"$nulls":5},658.2,658.2,null,4.384,0.55,0.55,"4.384*0.55*0.55",{"v":1.3261600000000004,"d":"1.326"}]
[275,"    GHJ7-39                 ","    钢桁架7-39                 ","HM550*300*11*18                ","根",1,{"$nulls":5},653.7,653.7,null,4.384,0.49,0.55,"4.384*0.49*0.55",{"v":1.1814880000000003,"d":"1.181"}]
[276,"    GHJ7-40                 ","    钢桁架7-40                 ","HM550*300*11*18                ","根",1,{"$nulls":5},660.2,660.2,null,4.38,0.695,0.55,"4.38*0.695*0.55",{"v":1.674255,"d":"1.674"}]
[277,"    GHJ7-41                 ","    钢桁架7-41                 ","HM550*300*11*18                ","根",2,{"$nulls":5},872.1,1744.2,null,7.058,0.514,0.55,"7.058*0.514*0.55",{"$f":"O279*P279*Q279*F279","v":{"v":3.9905932,"d":"3.991"}}]
[278,"    GHJ7-42                 ","    钢桁架7-42                 ","HM550*300*11*18                ","根",2,{"$nulls":5},848.4,1696.8,null,6.871,0.514,0.55,"6.871*0.514*0.55",{"v":3.884863400000001,"d":"3.885"}]
[279,"    GHJ7-43                 ","    钢桁架7-43                 ","HW200*200*8*12                 ","根",1,{"$nulls":5},208.6,208.6,null,4.28,0.2,0.2,"4.28*0.2*0.2",{"v":0.17120000000000002,"d":"0.171"}]
[280,"    GHJ7-44                 ","    钢桁架7-44                 ","HM550*300*11*18                ","根",1,{"$nulls":5},123.1,123.1,null,0.844,0.395,0.55,"0.844*0.395*0.55",{"v":0.18335900000000002,"d":"0.183"}]
[281,"    GHJ7-45                 ","    钢桁架7-45                 ","HM550*300*11*18                ","根",1,{"$nulls":5},123.1,123.1,null,0.844,0.395,0.55,"0.844*0.395*0.55",{"v":0.18335900000000002,"d":"0.183"}]
[282,"    GHJ7-46                 ","    钢桁架7-46                 ","HM550*300*11*18                ","根",2,{"$nulls":5},124.3,248.6,null,0.844,0.49,0.55,"0.844*0.49*0.55",{"v":0.45491600000000004,"d":"0.455"}]
[283,"    GHJ7-47                 ","    钢桁架7-47                 ","HM550*300*11*18                ","根",1,{"$nulls":5},452.2,452.2,null,2.765,0.835,0.868,"2.765*0.835*0.868",{"v":2.0040166999999998,"d":"2.004"}]
[284,"    GHJ7-48                 ","    钢桁架7-48                 ","HM550*300*11*18                ","根",1,{"$nulls":5},452.2,452.2,null,2.765,0.835,0.868,"2.765*0.835*0.868",{"v":2.0040166999999998,"d":"2.004"}]
[285,"    GHJ7-49                 ","    钢桁架7-49                 ","HM550*300*11*18                ","根",1,{"$nulls":5},452.2,452.2,null,2.765,0.835,0.868,"2.765*0.835*0.868",{"v":2.0040166999999998,"d":"2.004"}]
[286,"    GHJ7-50                 ","    钢桁架7-50                 ","HM550*300*11*18                ","根",1,{"$nulls":5},349.6,349.6,null,2.314,0.39,0.72,"2.314*0.39*0.72",{"v":0.6497712,"d":"0.650"}]
[287,"    GHJ7-51                 ","    钢桁架7-51                 ","HM550*300*11*18                ","根",1,{"$nulls":5},452,452,null,2.765,0.835,0.868,"2.765*0.835*0.868",{"v":2.0040166999999998,"d":"2.004"}]
[288,"    GHJ7-52                 ","    钢桁架7-52                 ","HM550*300*11*18                ","根",1,{"$nulls":5},1934,1934,null,13,0.481,0.72,"13*0.481*0.72",{"v":4.50216,"d":"4.502"}]
[289,"    GHJ7-53                 ","    钢桁架7-53                 ","HM550*300*11*18                ","根",1,{"$nulls":5},1934,1934,null,13,0.481,0.72,"13*0.481*0.72",{"v":4.50216,"d":"4.502"}]
[290,"    GHJ7-54                 ","    钢桁架7-54                 ","HM550*300*11*18                ","根",1,{"$nulls":5},1737.1,1737.1,null,12,0.53,0.72,"12*0.53*0.72",{"v":4.5792,"d":"4.579"}]
[291,"    GHJ7-55                 ","    钢桁架7-55                 ","HM550*300*11*18                ","根",1,{"$nulls":5},1718.6,1718.6,null,12,0.624,0.72,"12*0.624*0.72",{"v":5.39136,"d":"5.391"}]
[292,"    GHJ7-56                 ","    钢桁架7-56                 ","HM550*300*11*18                ","根",1,{"$nulls":5},1661.4,1661.4,null,11.4,0.836,0.878,"11.4*0.836*0.878",{"v":8.3676912,"d":"8.368"}]
[293,"    GHJ7-57                 ","    钢桁架7-57                 ","HM550*300*11*18                ","根",1,{"$nulls":5},1661.4,1661.4,null,11.4,0.836,0.878,"11.4*0.836*0.878",{"v":8.3676912,"d":"8.368"}]
[294,"    GHJ7-58                 ","    钢桁架7-58                 ","HM550*300*11*18                ","根",1,{"$nulls":5},2040,2040,null,13.6,0.836,0.878,"13.6*0.836*0.878",{"v":9.982508799999998,"d":"9.983"}]
[295,"    GHJ7-59                 ","    钢桁架7-59                 ","HM550*300*11*18                ","根",1,{"$nulls":5},2040,2040,null,13.6,0.836,0.878,"13.6*0.836*0.878",{"v":9.982508799999998,"d":"9.983"}]
[296,"    GHJ7-60                 ","    钢桁架7-60                 ","HM550*300*11*18                ","根",1,{"$nulls":5},1514.4,1514.4,null,10.579,0.836,0.878,"10.579*0.836*0.878",{"v":7.7650706320000005,"d":"7.765"}]
[297,"    GHJ7-61                 ","    钢桁架7-61                 ","HM550*300*11*18                ","根",1,{"$nulls":5},1514.4,1514.4,null,10.579,0.836,0.878,"10.579*0.836*0.878",{"v":7.7650706320000005,"d":"7.765"}]
[298,"    GHJ7-62                 ","    钢桁架7-62                 ","HM550*300*11*18                ","根",1,{"$nulls":5},1908.4,1908.4,null,13,0.836,0.878,"13*0.836*0.878",{"v":9.542104,"d":"9.542"}]
[299,"    GHJ7-63                 ","    钢桁架7-63                 ","HM550*300*11*18                ","根",1,{"$nulls":5},1908.4,1908.4,null,13,0.836,0.878,"13*0.836*0.878",{"v":9.542104,"d":"9.542"}]
[300,"    GHJ7-64                 ","    钢桁架7-64                 ","HM550*300*11*18                ","根",1,{"$nulls":5},1601.5,1601.5,null,10.729,0.836,0.878,"10.729*0.836*0.878",{"v":7.8751718319999995,"d":"7.875"}]
[301,"    GHJ7-65                 ","    钢桁架7-65                 ","HM550*300*11*18                ","根",1,{"$nulls":5},1601.5,1601.5,null,10.729,0.836,0.878,"10.729*0.836*0.878",{"v":7.8751718319999995,"d":"7.875"}]
[302,"    GHJ7-66                 ","    钢桁架7-66                 ","HM550*300*11*18                ","根",1,{"$nulls":5},2086.2,2086.2,null,13.751,0.836,0.878,"13.751*0.836*0.878",{"v":10.093344007999999,"d":"10.093"}]
[303,"    GHJ7-67                 ","    钢桁架7-67                 ","HM550*300*11*18                ","根",1,{"$nulls":5},2086.2,2086.2,null,13.751,0.836,0.878,"13.751*0.836*0.878",{"v":10.093344007999999,"d":"10.093"}]
[304,"    GHJ7-68                 ","    钢桁架7-68                 ","BH500*500*12*20                ","根",1,{"$nulls":5},853.8,853.8,null,3.93,0.58,0.5,"3.93*0.58*0.5",{"v":1.1397,"d":"1.140"}]
[305,"    GHJ7-69                 ","    钢桁架7-69                 ","BH500*500*12*20                ","根",1,{"$nulls":5},853.8,853.8,null,3.93,0.58,0.5,"3.93*0.58*0.5",{"v":1.1397,"d":"1.140"}]
[306,"    GHJ7-70                 ","    钢桁架7-70                 ","BH500*650*16*20                ","根",1,{"$nulls":5},1120.8,1120.8,null,4.28,0.5,0.65,"4.28*0.5*0.65",{"v":1.3910000000000002,"d":"1.391"}]
[307,"    GHJ7-71                 ","    钢桁架7-71                 ","HM550*300*11*18                ","根",1,{"$nulls":5},349.6,349.6,null,2.314,0.39,0.72,"2.314*0.39*0.72",{"v":0.6497712,"d":"0.650"}]
[308,"    GHJ8-1                  ","    钢桁架8-1                  ","HW200*200*8*12                 ","根",20,{"$nulls":5},202.7,4054,null,4.16,0.2,0.2,"4.16*0.2*0.2",{"v":3.3280000000000003,"d":"3.328"}]
[309,"    GHJ8-2                  ","    钢桁架8-2                  ","HW200*200*8*12                 ","根",16,{"$nulls":5},241.9,3870.4,null,5.111,0.2,0.2,"5.111*0.2*0.2",{"v":3.27104,"d":"3.271"}]
[310,"    GHJ8-3                  ","    钢桁架8-3                  ","HW200*200*8*12                 ","根",4,{"$nulls":5},229.3,917.2,null,4.785,0.312,0.2,"4.785*0.312*0.2",{"v":1.194336,"d":"1.194"}]
[311,"    GHJ8-4                  ","    钢桁架8-4                  ","HM340*250*9*14                 ","根",1,{"$nulls":5},991.5,991.5,null,10.751,0.836,0.878,"10.751*0.836*0.878",{"v":7.891320008,"d":"7.891"}]
[312,"    GHJ8-5                  ","    钢桁架8-5                  ","HW200*200*8*12                 ","根",2,{"$nulls":5},196.4,392.8,null,4.03,0.2,0.2,"4.03*0.2*0.2",{"v":0.3224,"d":"0.322"}]
[313,"    GHJ8-6                  ","    钢桁架8-6                  ","HW200*200*8*12                 ","根",4,{"$nulls":5},135.5,542,null,2.78,0.2,0.2,"2.78*0.2*0.2",{"v":0.4448,"d":"0.445"}]
[314,"    GHJ8-7                  ","    钢桁架8-7                  ","HW200*200*8*12                 ","根",16,{"$nulls":5},142.8,2284.8,null,2.93,0.2,0.2,"2.93*0.2*0.2",{"v":1.8752000000000004,"d":"1.875"}]
[315,"    GHJ8-8                  ","    钢桁架8-8                  ","HM340*250*9*14                 ","根",1,{"$nulls":5},986,986,null,10.674,0.836,0.878,"10.674*0.836*0.878",{"v":7.834801391999999,"d":"7.835"}]
[316,"    GHJ8-9                  ","    钢桁架8-9                  ","HM340*250*9*14                 ","根",1,{"$nulls":5},986,986,null,10.674,0.836,0.878,"10.674*0.836*0.878",{"v":7.834801391999999,"d":"7.835"}]
[317,"    GHJ8-10                 ","    钢桁架8-10                 ","HM340*250*9*14                 ","根",1,{"$nulls":5},548.3,548.3,null,5.171,1.009,0.755,"5.171*1.009*0.755",{"v":3.9392419449999996,"d":"3.939"}]
[318,"    GHJ8-11                 ","    钢桁架8-11                 ","HM340*250*9*14                 ","根",1,{"$nulls":5},511.5,511.5,null,5.171,1.009,0.755,"5.171*1.009*0.755",{"v":3.9392419449999996,"d":"3.939"}]
[319,"    GHJ8-12                 ","    钢桁架8-12                 ","HM340*250*9*14                 ","根",1,{"$nulls":5},511.5,511.5,null,5.171,0.479,0.755,"5.171*0.479*0.755",{"v":1.870066295,"d":"1.870"}]
[320,"    GHJ8-13                 ","    钢桁架8-13                 ","HM340*250*9*14                 ","根",1,{"$nulls":5},548.3,548.3,null,5.171,0.479,0.755,"5.171*0.479*0.755",{"v":1.870066295,"d":"1.870"}]
[321,"    GHJ8-14                 ","    钢桁架8-14                 ","HM340*250*9*14                 ","根",1,{"$nulls":5},502.5,502.5,null,5.291,0.479,0.755,"5.291*0.479*0.755",{"v":1.913463695,"d":"1.913"}]
[322,"    GHJ8-15                 ","    钢桁架8-15                 ","HM340*250*9*14                 ","根",1,{"$nulls":5},502.5,{"$f":"F324*L324","v":502.5},null,5.291,0.479,0.755,"5.291*0.479*0.755",{"v":1.913463695,"d":"1.913"}]
[323,"    GHJ8-16                 ","    钢桁架8-16                 ","HM340*250*9*14                 ","根",1,{"$nulls":5},332.5,332.5,null,4.33,0.25,0.34,"4.33*0.25*0.34",{"v":0.36805000000000004,"d":"0.368"}]
[324,"    GHJ8-17                 ","    钢桁架8-17                 ","HM340*250*9*14                 ","根",3,{"$nulls":5},380.8,1142.4,null,4.33,0.56,0.738,"4.33*0.56*0.738",{"v":5.368507200000001,"d":"5.369"}]
[325,"    GHJ8-18                 ","    钢桁架8-18                 ","HM340*250*9*14                 ","根",1,{"$nulls":5},365.7,365.7,null,4.33,0.44,0.34,"4.33*0.44*0.34",{"v":0.647768,"d":"0.648"}]
[326,"    GHJ8-19                 ","    钢桁架8-19                 ","HM340*250*9*14                 ","根",1,{"$nulls":5},349.1,349.1,null,4.33,0.345,0.34,"4.33*0.345*0.34",{"v":0.507909,"d":"0.508"}]
[327,"    GHJ8-20                 ","    钢桁架8-20                 ","HM340*250*9*14                 ","根",4,{"$nulls":5},373.8,1495.2,null,5.079,0.312,0.34,"5.079*0.312*0.34",{"v":2.15512128,"d":"2.155"}]
[328,"    GHJ8-21                 ","    钢桁架8-21                 ","HM340*250*9*14                 ","根",1,{"$nulls":5},991.5,991.5,null,10.751,0.631,0.731,"10.751*0.631*0.731",{"v":4.959017011,"d":"4.959"}]
[329,"    GHJ8-22                 ","    钢桁架8-22                 ","HM340*250*9*14                 ","根",10,{"$nulls":5},389.3,3893,null,4.43,0.56,0.738,"4.43*0.56*0.738",{"v":18.308304,"d":"18.308"}]
[330,"    GHJ8-23                 ","    钢桁架8-23                 ","HM340*250*9*14                 ","根",1,{"$nulls":5},357.7,357.7,null,4.43,0.345,0.34,"4.43*0.345*0.34",{"v":0.519639,"d":"0.520"}]
[331,"    GHJ8-24                 ","    钢桁架8-24                 ","HM340*250*9*14                 ","根",9,{"$nulls":5},360.2,3241.7999999999997,null,4.43,0.44,0.34,"4.43*0.44*0.34",{"v":5.964551999999999,"d":"5.965"}]
[332,"    GHJ8-25                 ","    钢桁架8-25                 ","HM340*250*9*14                 ","根",1,{"$nulls":5},433.6,433.6,null,4.73,0.731,0.63,"4.73*0.731*0.63",{"v":2.1783069000000004,"d":"2.178"}]
[333,"    GHJ8-26                 ","    钢桁架8-26                 ","HM340*250*9*14                 ","根",1,{"$nulls":5},433.6,433.6,null,4.73,0.731,0.63,"4.73*0.731*0.63",{"v":2.1783069000000004,"d":"2.178"}]
[334,"    GHJ8-27                 ","    钢桁架8-27                 ","HM340*250*9*14                 ","根",1,{"$nulls":5},861.2,861.2,null,10,0.34,0.51,"10*0.34*0.51",{"v":1.7340000000000002,"d":"1.734"}]
[335,"    GHJ8-28                 ","    钢桁架8-28                 ","HM340*250*9*14                 ","根",1,{"$nulls":5},861.2,861.2,null,10,0.34,0.51,"10*0.34*0.51",{"v":1.7340000000000002,"d":"1.734"}]
[336,"    GHJ8-29                 ","    钢桁架8-29                 ","HM340*250*9*14                 ","根",1,{"$nulls":5},347,347,null,4.181,0.34,0.51,"4.181*0.34*0.51",{"v":0.7249854,"d":"0.725"}]
[337,"    GHJ8-30                 ","    钢桁架8-30                 ","HM340*250*9*14                 ","根",1,{"$nulls":5},347,347,null,4.181,0.34,0.51,"4.181*0.34*0.51",{"v":0.7249854,"d":"0.725"}]
[338,"    GHJ8-31                 ","    钢桁架8-31                 ","HM340*250*9*14                 ","根",1,{"$nulls":5},913.3,913.3,null,9.995,0.731,0.63,"9.995*0.731*0.63",{"v":4.60299735,"d":"4.603"}]
[339,"    GHJ8-32                 ","    钢桁架8-32                 ","HM340*250*9*14                 ","根",1,{"$nulls":5},913.3,913.3,null,9.995,0.731,0.63,"9.995*0.731*0.63",{"v":4.60299735,"d":"4.603"}]
[340,"    GHJ8-33                 ","    钢桁架8-33                 ","HM340*250*9*14                 ","根",1,{"$nulls":5},874.8,874.8,null,9.995,0.34,0.51,"9.995*0.34*0.51",{"v":1.733133,"d":"1.733"}]
[341,"    GHJ8-34                 ","    钢桁架8-34                 ","HM340*250*9*14                 ","根",1,{"$nulls":5},874.8,874.8,null,9.995,0.34,0.51,"9.995*0.34*0.51",{"$f":"O343*P343*Q343*F343","v":{"v":1.733133,"d":"1.733"}}]
[342,"    GHJ8-35                 ","    钢桁架8-35                 ","HM340*250*9*14                 ","根",1,{"$nulls":5},912.9,912.9,null,10.676,0.34,0.51,"10.676*0.34*0.51",{"v":1.8512184,"d":"1.851"}]
[343,"    GHJ8-36                 ","    钢桁架8-36                 ","HM340*250*9*14                 ","根",1,{"$nulls":5},912.9,912.9,null,10.676,0.34,0.51,"10.676*0.34*0.51",{"v":1.8512184,"d":"1.851"}]
[344,"    GZJ-1                   ","    钢支架-1                   ","HM390*300*10*16                ","根",9,{"$nulls":5},360.2,3241.7999999999997,null,3.494,0.3,0.39,"3.494*0.3*0.39",{"v":3.679182,"d":"3.679"}]
[345,"    GZJ8-1                  ","    钢支架8-1                  ","HM390*300*10*16                ","根",1,{"$nulls":5},1286.7,1286.7,null,10.05,0.708,0.8,"10.05*0.708*0.8",{"v":5.6923200000000005,"d":"5.692"}]
[346,"    GZJ8-2                  ","    钢支架8-2                  ","HM390*300*10*16                ","根",1,{"$nulls":5},1286.7,1286.7,null,10.05,0.708,0.8,"10.05*0.708*0.8",{"v":5.6923200000000005,"d":"5.692"}]
[347,"    GZJ8-3                  ","    钢支架8-3                  ","HM390*300*10*16                ","根",1,{"$nulls":5},1377.1,1377.1,null,10.585,0.783,0.775,"10.585*0.783*0.775",{"v":6.423242625000001,"d":"6.423"}]
[348,"    GZJ8-4                  ","    钢支架8-4                  ","HM390*300*10*16                ","根",1,{"$nulls":5},1377.1,1377.1,null,10.585,0.783,0.775,"10.585*0.783*0.775",{"v":6.423242625000001,"d":"6.423"}]
[349,"    GZJ8-5                  ","    钢支架8-5                  ","HM390*300*10*16                ","根",1,{"$nulls":5},359.9,359.9,null,3.49,0.3,0.39,"3.49*0.3*0.39",{"v":0.40832999999999997,"d":"0.408"}]
[350,"    GZJ8-6                  ","    钢支架8-6                  ","HM390*300*10*16                ","根",1,{"$nulls":5},375.4,375.4,null,3.64,0.3,0.39,"3.64*0.3*0.39",{"v":0.42588000000000004,"d":"0.426"}]
[351,"    GZJ8-7                  ","    钢支架8-7                  ","HM390*300*10*16                ","根",2,{"$nulls":5},368.8,737.6,null,3.598,0.3,0.39,"3.598*0.3*0.39",{"v":0.841932,"d":"0.842"}]
[352,"    GZJ8-8                  ","    钢支架8-8                  ","HM244*175*7*11                 ","根",2,{"$nulls":5},152,304,null,3.598,0.175,0.244,"3.598*0.175*0.244",{"v":0.30726919999999996,"d":"0.307"}]
[353,"    GZJ8-9                  ","    钢支架8-9                  ","HM244*175*7*11                 ","根",2,{"$nulls":5},154,308,null,3.64,0.175,0.244,"3.64*0.175*0.244",{"v":0.310856,"d":"0.311"}]
[354,"    GZJ9-1                  ","    钢支架9-1                  ","HM390*300*10*16                ","根",1,{"$nulls":5},349.5,349.5,null,3.39,0.3,0.39,"3.39*0.3*0.39",{"v":0.39663,"d":"0.397"}]
[355,"    GZJ9-2                  ","    钢支架9-2                  ","HM588*300*12*20                ","根",1,{"$nulls":5},2074.6,2074.6,null,11.6,0.861,0.688,"11.6*0.861*0.688",{"v":6.871468799999999,"d":"6.871"}]
[356,"    GZJ9-3                  ","    钢支架9-3                  ","HM588*300*12*20                ","根",1,{"$nulls":5},2074.6,2074.6,null,11.6,0.861,0.688,"11.6*0.861*0.688",{"v":6.871468799999999,"d":"6.871"}]
[357,"    GZJ9-4                  ","    钢支架9-4                  ","HM244*175*7*11                 ","根",2,{"$nulls":5},153.9,307.8,null,3.638,0.175,0.244,"3.638*0.175*0.244",{"v":0.31068519999999994,"d":"0.311"}]
[358,"    GZJ10-1                 ","    钢支架10-1                 ","HM390*300*10*16                ","根",1,{"$nulls":5},396.8,396.8,null,3.622,0.42,0.39,"3.622*0.42*0.39",{"v":0.5932836,"d":"0.593"}]
[359,"    GZJ10-2                 ","    钢支架10-2                 ","HM390*300*10*16                ","根",1,{"$nulls":5},396.8,396.8,null,3.622,0.42,0.39,"3.622*0.42*0.39",{"v":0.5932836,"d":"0.593"}]
[360,"    GZJ10-3                 ","    钢支架10-3                 ","HM390*300*10*16                ","根",1,{"$nulls":5},375.2,375.2,null,3.49,0.466,0.39,"3.49*0.466*0.39",{"v":0.6342726000000001,"d":"0.634"}]
[361,"    GZJ10-4                 ","    钢支架10-4                 ","HM390*300*10*16                ","根",1,{"$nulls":5},375.2,375.2,null,3.49,0.466,0.39,"3.49*0.466*0.39",{"v":0.6342726000000001,"d":"0.634"}]
[362,"    GZJ10-5                 ","    钢支架10-5                 ","HM340*250*9*14                 ","根",1,{"$nulls":5},356.2,356.2,null,4.215,0.54,0.34,"4.215*0.54*0.34",{"v":0.7738740000000001,"d":"0.774"}]
[363,"    GZJ10-6                 ","    钢支架10-6                 ","HM340*250*9*14                 ","根",2,{"$nulls":5},277.6,555.2,null,3.622,0.25,0.34,"3.622*0.25*0.34",{"v":0.6157400000000001,"d":"0.616"}]
[364,"    GZJ10-7                 ","    钢支架10-7                 ","HM340*250*9*14                 ","根",1,{"$nulls":5},291.9,291.9,null,3.622,0.37,0.34,"3.622*0.37*0.34",{"v":0.4556476,"d":"0.456"}]
[365,"    GZJ10-8                 ","    钢支架10-8                 ","HM340*250*9*14                 ","根",1,{"$nulls":5},291.9,291.9,null,3.622,0.37,0.34,"3.622*0.37*0.34",{"v":0.4556476,"d":"0.456"}]
[366,"    GZJ10-9                 ","    钢支架10-9                 ","HM244*175*7*11                 ","根",2,{"$nulls":5},228.5,457,null,5.075,0.25,0.659,"5.075*0.25*0.659",{"v":1.6722125,"d":"1.672"}]
[367,"    GZJ10-10                ","    钢支架10-10                ","HM340*250*9*14                 ","根",2,{"$nulls":5},485,970,null,6.133,0.25,0.659,"6.133*0.25*0.659",{"v":2.0208235,"d":"2.021"}]
[368,"    GZJ10-11                ","    钢支架10-11                ","HM340*250*9*14                 ","根",1,{"$nulls":5},453.4,453.4,null,5.604,0.25,0.659,"5.604*0.25*0.659",{"v":0.923259,"d":"0.923"}]
[369,"    GZJ10-12                ","    钢支架10-12                ","HM340*250*9*14                 ","根",1,{"$nulls":5},453.4,453.4,null,5.604,0.25,0.659,"5.604*0.25*0.659",{"v":0.923259,"d":"0.923"}]
[370,"    GZJ10-13                ","    钢支架10-13                ","HM340*250*9*14                 ","根",1,{"$nulls":5},342.5,342.5,null,3.91,0.54,0.34,"3.91*0.54*0.34",{"v":0.7178760000000001,"d":"0.718"}]
[371,"    GZJ10-14                ","    钢支架10-14                ","HM340*250*9*14                 ","根",1,{"$nulls":5},346.4,346.4,null,3.96,0.54,0.34,"3.96*0.54*0.34",{"v":0.7270560000000001,"d":"0.727"}]
[372,"    GZJ10-15                ","    钢支架10-15                ","HM588*300*12*20                ","根",1,{"$nulls":5},2532.7,2532.7,null,13.708,0.874,0.894,"13.708*0.874*0.894",{"v":10.710828048000002,"d":"10.711"}]
[373,"    GZJ10-16                ","    钢支架10-16                ","HM588*300*12*20                ","根",1,{"$nulls":5},2532.7,2532.7,null,13.708,0.874,0.894,"13.708*0.874*0.894",{"v":10.710828048000002,"d":"10.711"}]
[374,"    GZJ10-17                ","    钢支架10-17                ","HM588*300*12*20                ","根",1,{"$nulls":5},2415.8,2415.8,null,13.15,0.925,0.894,"13.15*0.925*0.894",{"v":10.8743925,"d":"10.874"}]
[375,"    GZJ10-18                ","    钢支架10-18                ","HM588*300*12*20                ","根",1,{"$nulls":5},2415.8,2415.8,null,13.15,0.925,0.894,"13.15*0.925*0.894",{"v":10.8743925,"d":"10.874"}]
[376,"    GZJ10-19                ","    钢支架10-19                ","HM588*300*12*20                ","根",2,{"$nulls":5},2123.7,4247.4,null,12.656,0.772,0.844,"12.656*0.772*0.844",{"v":16.492489216000003,"d":"16.492"}]
[377,"    GZJ10-20                ","    钢支架10-20                ","HM588*300*12*20                ","根",2,{"$nulls":5},2123.7,4247.4,null,12.656,0.772,0.844,"12.656*0.772*0.844",{"v":16.492489216000003,"d":"16.492"}]
[378,"    GZJ10-21                ","    钢支架10-21                ","HM244*175*7*11                 ","根",2,{"$nulls":5},207.5,415,null,4.546,0.175,0.563,"4.546*0.175*0.563",{"v":0.8957892999999999,"d":"0.896"}]
[379,"    GZJ10-22                ","    钢支架10-22                ","HM244*175*7*11                 ","根",2,{"$nulls":5},183.6,367.2,null,4.017,0.175,0.563,"4.017*0.175*0.563",{"v":0.7915498499999999,"d":"0.792"}]
[380,"    GZJ10-23                ","    钢支架10-23                ","HM244*175*7*11                 ","根",4,{"$nulls":5},153,612,null,3.622,0.175,0.244,"3.622*0.175*0.244",{"v":0.6186375999999999,"d":"0.619"}]
[381,"    GZJ10-24                ","    钢支架10-24                ","HM244*175*7*11                 ","根",2,{"$nulls":5},166.5,333,null,3.622,0.296,0.244,"3.622*0.296*0.244",{"v":0.5231906559999999,"d":"0.523"}]
[382,"    GZJ11-1                 ","    钢支架11-1                 ","HN900*300*16*28                ","根",1,{"$nulls":5},4172.8,4172.8,null,15.044,0.821,1,"15.044*0.821*1",{"v":12.351124,"d":"12.351"}]
[383,"    GZJ11-2                 ","    钢支架11-2                 ","HN900*300*16*28                ","根",1,{"$nulls":5},3611.4,3611.4,null,13.491,0.488,0.94,"13.491*0.488*0.94",{"v":6.188591519999999,"d":"6.189"}]
[384,"    GZJ11-3                 ","    钢支架11-3                 ","HN900*300*16*28                ","根",1,{"$nulls":5},3611.4,3611.4,null,13.491,0.488,0.94,"13.491*0.488*0.94",{"v":6.188591519999999,"d":"6.189"}]
[385,"    GZJ11-4                 ","    钢支架11-4                 ","HN900*300*16*28                ","根",1,{"$nulls":5},4172.8,4172.8,null,15.044,0.821,1,"15.044*0.821*1",{"v":12.351124,"d":"12.351"}]
[386,"    GZJ12-1                 ","    钢支架12-1                 ","HN900*300*16*28                ","根",1,{"$nulls":5},2789.5,{"$f":"F388*L388","v":2789.5},null,10.389,0.488,0.94,"10.389*0.488*0.94",{"v":4.765642079999999,"d":"4.766"}]
[387,"    GZJ12-2                 ","    钢支架12-2                 ","HN900*300*16*28                ","根",1,{"$nulls":5},2789.5,2789.5,null,10.389,0.488,0.94,"10.389*0.488*0.94",{"v":4.765642079999999,"d":"4.766"}]
[388,"    GZJ12-3                 ","    钢支架12-3                 ","HN900*300*16*28                ","根",1,{"$nulls":5},2841.3,2841.3,null,10.041,0.821,1,"10.041*0.821*1",{"v":8.243661,"d":"8.244"}]
[389,"    GZJ12-4                 ","    钢支架12-4                 ","HN900*300*16*28                ","根",1,{"$nulls":5},2841.3,2841.3,null,10.041,0.821,1,"10.041*0.821*1",{"v":8.243661,"d":"8.244"}]
[390,"    GZJ12-5                 ","    钢支架12-5                 ","HN900*300*16*28                ","根",1,{"$nulls":5},2636.1,2636.1,null,10,0.42,0.9,"10*0.42*0.9",{"v":3.7800000000000002,"d":"3.780"}]
[391,"    GZJ12-6                 ","    钢支架12-6                 ","HN900*300*16*28                ","根",1,{"$nulls":5},2636.1,2636.1,null,10,0.42,0.9,"10*0.42*0.9",{"v":3.7800000000000002,"d":"3.780"}]
[392,"    GZJ13-1                 ","    钢支架13-1                 ","HN900*300*16*28                ","根",2,{"$nulls":5},3031.6,6063.2,null,11.288,0.488,0.94,"11.288*0.488*0.94",{"v":10.356062719999999,"d":"10.356"}]
[393,"    GZJ13-2                 ","    钢支架13-2                 ","HN900*300*16*28                ","根",1,{"$nulls":5},2847,2847,null,10.04,0.821,1,"10.04*0.821*1",{"v":8.24284,"d":"8.243"}]
[394,"    GZJ13-3                 ","    钢支架13-3                 ","HN900*300*16*28                ","根",1,{"$nulls":5},2847,2847,null,10.04,0.821,1,"10.04*0.821*1",{"v":8.24284,"d":"8.243"}]
[395,"    GZJ13-4                 ","    钢支架13-4                 ","HN900*300*16*28                ","根",1,{"$nulls":5},2644.7,2644.7,null,10,0.42,0.9,"10*0.42*0.9",{"v":3.7800000000000002,"d":"3.780"}]
[396,"    GZJ13-5                 ","    钢支架13-5                 ","HN900*300*16*28                ","根",1,{"$nulls":5},2644.7,2644.7,null,10,0.42,0.9,"10*0.42*0.9",{"v":3.7800000000000002,"d":"3.780"}]
[397,"    GZJ14-1                 ","    钢支架14-1                 ","HN900*300*16*28                ","根",2,{"$nulls":5},3443.9,6887.8,null,12.851,0.488,0.94,"12.851*0.488*0.94",{"v":11.79002144,"d":"11.790"}]
[398,"    GZJ14-2                 ","    钢支架14-2                 ","HN900*300*16*28                ","根",1,{"$nulls":5},2585,2585,null,9.062,0.821,1,"9.062*0.821*1",{"v":7.439901999999999,"d":"7.440"}]
[399,"    GZJ14-3                 ","    钢支架14-3                 ","HN900*300*16*28                ","根",1,{"$nulls":5},2607,2607,null,9.062,0.821,1,"9.062*0.821*1",{"v":7.439901999999999,"d":"7.440"}]
[400,"    GZJ14-4                 ","    钢支架14-4                 ","HN900*300*16*28                ","根",2,{"$nulls":5},2639.9,5279.8,null,10,0.42,0.9,"10*0.42*0.9",{"v":7.5600000000000005,"d":"7.560"}]
[401,"    GZJ15-1                 ","    钢支架15-1                 ","HM390*300*10*16                ","根",1,{"$nulls":5},375.2,375.2,null,3.49,0.466,0.39,"3.49*0.466*0.39",{"v":0.6342726000000001,"d":"0.634"}]
[402,"    GZJ15-2                 ","    钢支架15-2                 ","HM390*300*10*16                ","根",1,{"$nulls":5},375.2,375.2,null,3.49,0.466,0.39,"3.49*0.466*0.39",{"v":0.6342726000000001,"d":"0.634"}]
[403,"    GZJ15-3                 ","    钢支架15-3                 ","HM390*300*10*16                ","根",1,{"$nulls":5},572.7,572.7,null,5.4,0.42,0.39,"5.4*0.42*0.39",{"v":0.8845200000000001,"d":"0.885"}]
[404,"    GZJ15-4                 ","    钢支架15-4                 ","HM390*300*10*16                ","根",1,{"$nulls":5},572.7,572.7,null,5.4,0.42,0.39,"5.4*0.42*0.39",{"v":0.8845200000000001,"d":"0.885"}]
[405,"    GZJ15-5                 ","    钢支架15-5                 ","HM340*250*9*14                 ","根",4,{"$nulls":5},414.5,1658,null,5.4,0.25,0.34,"5.4*0.25*0.34",{"$f":"O407*P407*Q407*F407","v":{"v":1.8360000000000003,"d":"1.836"}}]
[406,"    GZJ15-6                 ","    钢支架15-6                 ","HM340*250*9*14                 ","根",2,{"$nulls":5},430.4,860.8,null,5.4,0.37,0.34,"5.4*0.37*0.34",{"v":1.35864,"d":"1.359"}]
[407,"    GZJ15-7                 ","    钢支架15-7                 ","HM340*250*9*14                 ","根",2,{"$nulls":5},430.4,860.8,null,5.4,0.37,0.34,"5.4*0.37*0.34",{"v":1.35864,"d":"1.359"}]
[408,"    GZJ15-8                 ","    钢支架15-8                 ","HM340*250*9*14                 ","根",2,{"$nulls":5},631.6,1263.2,null,7.876,0.25,0.849,"7.876*0.25*0.849",{"v":3.343362,"d":"3.343"}]
[409,"    GZJ15-9                 ","    钢支架15-9                 ","HM340*250*9*14                 ","根",1,{"$nulls":5},565.8,565.8,null,7.136,0.416,0.622,"7.136*0.416*0.622",{"v":1.8464542720000001,"d":"1.846"}]
[410,"    GZJ15-10                ","    钢支架15-10                ","HM340*250*9*14                 ","根",1,{"$nulls":5},565.8,565.8,null,7.136,0.416,0.622,"7.136*0.416*0.622",{"v":1.8464542720000001,"d":"1.846"}]
[411,"    GZJ15-11                ","    钢支架15-11                ","HM340*250*9*14                 ","根",2,{"$nulls":5},505.2,1010.4,null,6.396,0.25,0.659,"6.396*0.25*0.659",{"v":2.107482,"d":"2.107"}]
[412,"    GZJ15-12                ","    钢支架15-12                ","HM340*250*9*14                 ","根",2,{"$nulls":5},448.3,896.6,null,5.656,0.25,0.659,"5.656*0.25*0.659",{"v":1.863652,"d":"1.864"}]
[413,"    GZJ15-13                ","    钢支架15-13                ","HM340*250*9*14                 ","根",1,{"$nulls":5},479.4,479.4,null,5.688,0.54,0.34,"5.688*0.54*0.34",{"v":1.0443168,"d":"1.044"}]
[414,"    GZJ15-14                ","    钢支架15-14                ","HM340*250*9*14                 ","根",1,{"$nulls":5},483.3,483.3,null,5.738,0.54,0.34,"5.738*0.54*0.34",{"v":1.0534968000000002,"d":"1.053"}]
[415,"    GZJ15-15                ","    钢支架15-15                ","HM588*300*12*20                ","根",1,{"$nulls":5},1993.3,1993.3,null,10.817,0.882,0.85,"10.817*0.882*0.85",{"v":8.109504900000001,"d":"8.110"}]
[416,"    GZJ15-16                ","    钢支架15-16                ","HM588*300*12*20                ","根",1,{"$nulls":5},1993.3,1993.3,null,10.817,0.882,0.85,"10.817*0.882*0.85",{"v":8.109504900000001,"d":"8.110"}]
[417,"    GZJ15-17                ","    钢支架15-17                ","HM588*300*12*20                ","根",1,{"$nulls":5},1852.6,1852.6,null,10.064,0.932,0.9,"10.064*0.932*0.9",{"v":8.441683200000002,"d":"8.442"}]
[418,"    GZJ15-18                ","    钢支架15-18                ","HM588*300*12*20                ","根",1,{"$nulls":5},1852.6,1852.6,null,10.064,0.932,0.9,"10.064*0.932*0.9",{"v":8.441683200000002,"d":"8.442"}]
[419,"    GZJ15-19                ","    钢支架15-19                ","HM588*300*12*20                ","根",1,{"$nulls":5},1988.8,1988.8,null,11.617,0.787,0.861,"11.617*0.787*0.861",{"v":7.871760519000001,"d":"7.872"}]
[420,"    GZJ15-20                ","    钢支架15-20                ","HM588*300*12*20                ","根",2,{"$nulls":5},1958.2,3916.4,null,11.617,0.787,0.861,"11.617*0.787*0.861",{"v":15.743521038000003,"d":"15.744"}]
[421,"    GZJ15-21                ","    钢支架15-21                ","HM588*300*12*20                ","根",1,{"$nulls":5},1958.2,1958.2,null,11.617,0.787,0.861,"11.617*0.787*0.861",{"v":7.871760519000001,"d":"7.872"}]
[422,"    GZJ15-22                ","    钢支架15-22                ","HM588*300*12*20                ","根",1,{"$nulls":5},1686.3,1686.3,null,10,0.778,0.85,"10*0.778*0.85",6.613]
[423,"    GZJ15-23                ","    钢支架15-23                ","HM588*300*12*20                ","根",1,{"$nulls":5},1686.3,1686.3,null,10,0.778,0.85,"10*0.778*0.85",6.613]
[424,"    GZJ15-24                ","    钢支架15-24                ","HM588*300*12*20                ","根",1,{"$nulls":5},1686.3,1686.3,null,10,0.778,0.85,"10*0.778*0.85",6.613]
[425,"    GZJ15-25                ","    钢支架15-25                ","HM588*300*12*20                ","根",1,{"$nulls":5},1686.3,1686.3,null,10,0.778,0.85,"10*0.778*0.85",6.613]
[426,"    GZJ15-26                ","    钢支架15-26                ","HM244*175*7*11                 ","根",4,{"$nulls":5},228.4,913.6,null,5.4,0.175,0.244,"5.4*0.175*0.244",{"v":0.9223199999999999,"d":"0.922"}]
[427,"    GZJ15-27                ","    钢支架15-27                ","HM244*175*7*11                 ","根",2,{"$nulls":5},221.8,443.6,null,4.916,0.175,0.563,"4.916*0.175*0.563",{"v":0.9686977999999999,"d":"0.969"}]
[428,"    GZJ15-28                ","    钢支架15-28                ","HM244*175*7*11                 ","根",2,{"$nulls":5},190.4,380.8,null,4.176,0.175,0.563,"4.176*0.175*0.563",{"v":0.8228808,"d":"0.823"}]
[429,"    GZJ16-1                 ","    钢支架16-1                 ","HM390*300*10*16                ","根",2,{"$nulls":5},359.9,719.8,null,3.49,0.3,0.39,"3.49*0.3*0.39",{"v":0.8166599999999999,"d":"0.817"}]
[430,"    GZJ16-2                 ","    钢支架16-2                 ","HM390*300*10*16                ","根",2,{"$nulls":5},854.8,1709.6,null,7.98,0.3,0.902,"7.98*0.3*0.902",{"v":4.318776000000001,"d":"4.319"}]
[431,"    GZJ16-3                 ","    钢支架16-3                 ","HM390*300*10*16                ","根",1,{"$nulls":5},572.7,572.7,null,5.4,0.39,0.42,"5.4*0.39*0.42",{"v":0.8845200000000001,"d":"0.885"}]
[432,"    GZJ16-4                 ","    钢支架16-4                 ","HM390*300*10*16                ","根",1,{"$nulls":5},572.7,572.7,null,5.4,0.39,0.42,"5.4*0.39*0.42",{"v":0.8845200000000001,"d":"0.885"}]
[433,"    GZJ16-5                 ","    钢支架16-5                 ","HM340*250*9*14                 ","根",4,{"$nulls":5},414.5,1658,null,5.4,0.25,0.34,"5.4*0.25*0.34",{"v":1.8360000000000003,"d":"1.836"}]
[434,"    GZJ16-6                 ","    钢支架16-6                 ","HM340*250*9*14                 ","根",2,{"$nulls":5},430.4,860.8,null,5.4,0.37,0.34,"5.4*0.37*0.34",{"v":1.35864,"d":"1.359"}]
[435,"    GZJ16-7                 ","    钢支架16-7                 ","HM340*250*9*14                 ","根",2,{"$nulls":5},430.4,860.8,null,5.4,0.37,0.34,"5.4*0.37*0.34",{"v":1.35864,"d":"1.359"}]
[436,"    GZJ16-8                 ","    钢支架16-8                 ","HM340*250*9*14                 ","根",1,{"$nulls":5},580.8,580.8,null,7.33,0.416,0.622,"7.33*0.416*0.622",{"v":1.89665216,"d":"1.897"}]
[437,"    GZJ16-9                 ","    钢支架16-9                 ","HM340*250*9*14                 ","根",1,{"$nulls":5},580.8,580.8,null,7.33,0.416,0.622,"7.33*0.416*0.622",{"v":1.89665216,"d":"1.897"}]
[438,"    GZJ16-10                ","    钢支架16-10                ","HM340*250*9*14                 ","根",2,{"$nulls":5},524.5,1049,null,6.682,0.25,0.611,"6.682*0.25*0.611",{"v":2.041351,"d":"2.041"}]
[439,"    GZJ16-11                ","    钢支架16-11                ","HM340*250*9*14                 ","根",2,{"$nulls":5},474.6,949.2,null,6.034,0.25,0.611,"6.034*0.25*0.611",{"v":1.8433869999999999,"d":"1.843"}]
[440,"    GZJ16-12                ","    钢支架16-12                ","HM340*250*9*14                 ","根",1,{"$nulls":5},483.3,483.3,null,5.738,0.54,0.34,"5.738*0.54*0.34",{"v":1.0534968000000002,"d":"1.053"}]
[441,"    GZJ16-13                ","    钢支架16-13                ","HM588*300*12*20                ","根",1,{"$nulls":5},2135.8,2135.8,null,11.72,0.89,0.877,"11.72*0.89*0.877",{"v":9.1478116,"d":"9.148"}]
[442,"    GZJ16-14                ","    钢支架16-14                ","HM588*300*12*20                ","根",1,{"$nulls":5},2135.8,2135.8,null,11.72,0.89,0.877,"11.72*0.89*0.877",{"v":9.1478116,"d":"9.148"}]
[443,"    GZJ16-15                ","    钢支架16-15                ","HM588*300*12*20                ","根",1,{"$nulls":5},1984.1,1984.1,null,11.058,0.829,0.901,"11.058*0.829*0.901",{"v":8.259540882,"d":"8.260"}]
[444,"    GZJ16-16                ","    钢支架16-16                ","HM588*300*12*20                ","根",1,{"$nulls":5},1984.1,1984.1,null,11.058,0.829,0.901,"11.058*0.829*0.901",{"v":8.259540882,"d":"8.260"}]
[445,"    GZJ16-17                ","    钢支架16-17                ","HM588*300*12*20                ","根",1,{"$nulls":5},2191.2,2191.2,null,13.105,0.775,0.851,"13.105*0.775*0.851",{"v":8.643075125000001,"d":"8.643"}]
[446,"    GZJ16-18                ","    钢支架16-18                ","HM588*300*12*20                ","根",1,{"$nulls":5},2191.2,2191.2,null,13.105,0.775,0.851,"13.105*0.775*0.851",{"v":8.643075125000001,"d":"8.643"}]
[447,"    GZJ16-19                ","    钢支架16-19                ","HM588*300*12*20                ","根",1,{"$nulls":5},2191.2,2191.2,null,13.105,0.775,0.851,"13.105*0.775*0.851",{"v":8.643075125000001,"d":"8.643"}]
[448,"    GZJ16-20                ","    钢支架16-20                ","HM588*300*12*20                ","根",1,{"$nulls":5},2191.2,2191.2,null,13.105,0.775,0.851,"13.105*0.775*0.851",{"v":8.643075125000001,"d":"8.643"}]
[449,"    GZJ16-21                ","    钢支架16-21                ","HM244*175*7*11                 ","根",4,{"$nulls":5},228.4,913.6,null,5.4,0.175,0.244,"5.4*0.175*0.244",{"v":0.9223199999999999,"d":"0.922"}]
[450,"    GZJ16-22                ","    钢支架16-22                ","HM244*175*7*11                 ","根",1,{"$nulls":5},241.9,{"$f":"F452*L452","v":241.9},null,5.4,0.295,0.244,"5.4*0.295*0.244",{"v":0.388692,"d":"0.389"}]
[451,"    GZJ16-23                ","    钢支架16-23                ","HM244*175*7*11                 ","根",1,{"$nulls":5},241.9,241.9,null,5.4,0.295,0.244,"5.4*0.295*0.244",{"v":0.388692,"d":"0.389"}]
[452,"    GZJ16-24                ","    钢支架16-24                ","HM244*175*7*11                 ","根",2,{"$nulls":5},185.3,370.6,null,4.121,0.175,0.515,"4.121*0.175*0.515",{"v":0.74281025,"d":"0.743"}]
[453,"    GZJ16-25                ","    钢支架16-25                ","HM244*175*7*11                 ","根",2,{"$nulls":5},212.1,424.2,null,4.753,0.175,0.515,"4.753*0.175*0.515",{"v":0.85672825,"d":"0.857"}]
[454,"    GZJ16-26                ","    钢支架16-26                ","HM244*175*7*11                 ","根",2,{"$nulls":5},239,478,null,5.386,0.175,0.515,"5.386*0.175*0.515",{"v":0.9708265,"d":"0.971"}]
[455,"    GZJ16-27                ","    钢支架16-27                ","HM588*300*12*20                ","根",2,{"$nulls":5},1927.8,3855.6,null,11,0.775,0.851,"11*0.775*0.851",{"v":14.50955,"d":"14.510"}]
[456,"    GZJ16-28                ","    钢支架16-28                ","HM588*300*12*20                ","根",2,{"$nulls":5},1927.8,3855.6,null,11,0.775,0.851,"11*0.775*0.851",{"v":14.50955,"d":"14.510"}]
[457,"    GZJ17-1                 ","    钢支架17-1                 ","HM390*300*10*16                ","根",2,{"$nulls":5},359.9,719.8,null,3.49,0.3,0.39,"3.49*0.3*0.39",{"v":0.8166599999999999,"d":"0.817"}]
[458,"    GZJ17-2                 ","    钢支架17-2                 ","HM390*300*10*16                ","根",2,{"$nulls":5},854.7,1709.4,null,7.979,0.3,0.902,"7.979*0.3*0.902",{"v":4.3182348,"d":"4.318"}]
[459,"    GZJ17-3                 ","    钢支架17-3                 ","HM390*300*10*16                ","根",1,{"$nulls":5},572.7,572.7,null,5.4,0.42,0.39,"5.4*0.42*0.39",{"v":0.8845200000000001,"d":"0.885"}]
[460,"    GZJ17-4                 ","    钢支架17-4                 ","HM390*300*10*16                ","根",1,{"$nulls":5},572.7,572.7,null,5.4,0.42,0.39,"5.4*0.42*0.39",{"v":0.8845200000000001,"d":"0.885"}]
[461,"    GZJ17-5                 ","    钢支架17-5                 ","HM588*300*12*20                ","根",2,{"$nulls":5},1840.3,3680.6,null,10.695,0.774,0.851,"10.695*0.774*0.851",{"v":14.089036859999998,"d":"14.089"}]
[462,"    GZJ17-6                 ","    钢支架17-6                 ","HM340*250*9*14                 ","根",6,{"$nulls":5},414.5,2487,null,5.4,0.25,0.34,"5.4*0.25*0.34",{"v":2.7540000000000004,"d":"2.754"}]
[463,"    GZJ17-7                 ","    钢支架17-7                 ","HM340*250*9*14                 ","根",2,{"$nulls":5},430.4,860.8,null,5.4,0.37,0.34,"5.4*0.37*0.34",{"v":1.35864,"d":"1.359"}]
[464,"    GZJ17-8                 ","    钢支架17-8                 ","HM340*250*9*14                 ","根",1,{"$nulls":5},430.4,430.4,null,5.4,0.37,0.34,"5.4*0.37*0.34",{"v":0.67932,"d":"0.679"}]
[465,"    GZJ17-9                 ","    钢支架17-9                 ","HM340*250*9*14                 ","根",1,{"$nulls":5},430.4,430.4,null,5.4,0.37,0.34,"5.4*0.37*0.34",{"v":0.67932,"d":"0.679"}]
[466,"    GZJ17-10                ","    钢支架17-10                ","HM340*250*9*14                 ","根",1,{"$nulls":5},483.3,483.3,null,5.738,0.54,0.34,"5.738*0.54*0.34",{"v":1.0534968000000002,"d":"1.053"}]
[467,"    GZJ17-11                ","    钢支架17-11                ","HM340*250*9*14                 ","根",2,{"$nulls":5},448.1,896.2,null,5.689,0.25,0.611,"5.689*0.25*0.611",{"v":1.7379895,"d":"1.738"}]
[468,"    GZJ17-12                ","    钢支架17-12                ","HM340*250*9*14                 ","根",2,{"$nulls":5},492.1,984.2,null,6.261,0.25,0.611,"6.261*0.25*0.611",{"v":1.9127355,"d":"1.913"}]
[469,"    GZJ17-13                ","    钢支架17-13                ","HM340*250*9*14                 ","根",2,{"$nulls":5},536.2,1072.4,null,6.833,0.25,0.611,"6.833*0.25*0.611",{"$f":"O471*P471*Q471*F471","v":{"v":2.0874815,"d":"2.087"}}]
[470,"    GZJ17-14                ","    钢支架17-14                ","HM340*250*9*14                 ","根",1,{"$nulls":5},594.7,594.7,null,7.404,0.416,0.622,"7.404*0.416*0.622",{"v":1.9157998079999998,"d":"1.916"}]
[471,"    GZJ17-15                ","    钢支架17-15                ","HM340*250*9*14                 ","根",1,{"$nulls":5},594.7,594.7,null,7.404,0.416,0.622,"7.404*0.416*0.622",{"v":1.9157998079999998,"d":"1.916"}]
[472,"    GZJ17-16                ","    钢支架17-16                ","HM244*175*7*11                 ","根",2,{"$nulls":5},227.6,455.2,null,5.117,0.175,0.515,"5.117*0.175*0.515",{"v":0.9223392499999999,"d":"0.922"}]
[473,"    GZJ17-17                ","    钢支架17-17                ","HM588*300*12*20                ","根",2,{"$nulls":5},1840.3,3680.6,null,10.695,0.784,0.862,"10.695*0.784*0.862",{"v":14.455533120000002,"d":"14.456"}]
[474,"    GZJ17-18                ","    钢支架17-18                ","HM588*300*12*20                ","根",1,{"$nulls":5},2384,2384,null,13.053,0.927,0.901,"13.053*0.927*0.901",{"v":10.902218031000002,"d":"10.902"}]
[475,"    GZJ17-19                ","    钢支架17-19                ","HM588*300*12*20                ","根",1,{"$nulls":5},2541,2541,null,13.883,0.898,0.901,"13.883*0.898*0.901",{"v":11.232707534000001,"d":"11.233"}]
[476,"    GZJ17-20                ","    钢支架17-20                ","HM588*300*12*20                ","根",1,{"$nulls":5},2541,2541,null,13.883,0.898,0.901,"13.883*0.898*0.901",{"v":11.232707534000001,"d":"11.233"}]
[477,"    GZJ17-21                ","    钢支架17-21                ","HM588*300*12*20                ","根",2,{"$nulls":5},2314,4628,null,13.5,0.774,0.851,"13.5*0.774*0.851",{"v":17.784198,"d":"17.784"}]
[478,"    GZJ17-22                ","    钢支架17-22                ","HM588*300*12*20                ","根",1,{"$nulls":5},2314,2314,null,13.5,0.774,0.851,"13.5*0.774*0.851",{"v":8.892099,"d":"8.892"}]
[479,"    GZJ17-23                ","    钢支架17-23                ","HM588*300*12*20                ","根",1,{"$nulls":5},2384,2384,null,13.053,0.927,0.901,"13.053*0.927*0.901",{"v":10.902218031000002,"d":"10.902"}]
[480,"    GZJ17-24                ","    钢支架17-24                ","HM244*175*7*11                 ","根",2,{"$nulls":5},179.1,358.2,null,3.974,0.175,0.515,"3.974*0.175*0.515",{"v":0.7163135,"d":"0.716"}]
[481,"    GZJ17-25                ","    钢支架17-25                ","HM588*300*12*20                ","根",1,{"$nulls":5},2314,2314,null,13.5,0.774,0.851,"13.5*0.774*0.851",{"v":8.892099,"d":"8.892"}]
[482,"    GZJ17-26                ","    钢支架17-26                ","HM244*175*7*11                 ","根",4,{"$nulls":5},228.4,913.6,null,5.4,0.175,0.244,"5.4*0.175*0.244",{"v":0.9223199999999999,"d":"0.922"}]
[483,"    GZJ17-27                ","    钢支架17-27                ","HM244*175*7*11                 ","根",1,{"$nulls":5},241.9,241.9,null,5.4,0.175,0.295,"5.4*0.175*0.295",{"v":0.278775,"d":"0.279"}]
[484,"    GZJ17-28                ","    钢支架17-28                ","HM244*175*7*11                 ","根",1,{"$nulls":5},241.9,241.9,null,5.4,0.175,0.295,"5.4*0.175*0.295",{"v":0.278775,"d":"0.279"}]
[485,"    GZJ17-29                ","    钢支架17-29                ","HM244*175*7*11                 ","根",2,{"$nulls":5},203.3,406.6,null,4.546,0.175,0.515,"4.546*0.175*0.515",{"v":0.8194165,"d":"0.819"}]
[486,"    GZJ18-1                 ","    钢支架18-1                 ","HN900*300*16*28                ","根",4,{"$nulls":5},2726.1,10904.4,null,9.561,0.829,1,"9.561*0.829*1",{"v":31.704275999999997,"d":"31.704"}]
[487,"    GZJ18-2                 ","    钢支架18-2                 ","HN900*300*16*28                ","根",4,{"$nulls":5},3610,14440,null,13.448,0.471,0.94,"13.448*0.471*0.94",{"v":23.81587008,"d":"23.816"}]
[488,"    GZJ18-3                 ","    钢支架18-3                 ","HN900*300*16*28                ","根",4,{"$nulls":5},2627.5,10510,null,10,0.425,0.9,"10*0.425*0.9",{"v":15.3,"d":"15.300"}]
[489,"    GZJ19-1                 ","    钢支架19-1                 ","HN900*300*16*28                ","根",2,{"$nulls":5},2617.1,5234.2,null,10,0.425,0.9,"10*0.425*0.9",{"v":7.65,"d":"7.650"}]
[490,"    GZJ19-2                 ","    钢支架19-2                 ","HN900*300*16*28                ","根",1,{"$nulls":5},3105.7,3105.7,null,11.062,0.829,1,"11.062*0.829*1",{"v":9.170397999999999,"d":"9.170"}]
[491,"    GZJ19-3                 ","    钢支架19-3                 ","HN900*300*16*28                ","根",1,{"$nulls":5},3105.7,3105.7,null,11.062,0.829,1,"11.062*0.829*1",{"v":9.170397999999999,"d":"9.170"}]
[492,"    GZJ19-4                 ","    钢支架19-4                 ","HN900*300*16*28                ","根",1,{"$nulls":5},2985,2985,null,11.25,0.471,0.94,"11.25*0.471*0.94",{"v":4.980824999999999,"d":"4.981"}]
[493,"    GZJ19-5                 ","    钢支架19-5                 ","HN900*300*16*28                ","根",1,{"$nulls":5},3007.5,3007.5,null,11.25,0.471,0.94,"11.25*0.471*0.94",{"v":4.980824999999999,"d":"4.981"}]
[494,"    GZJ20-1                 ","    钢支架20-1                 ","HN900*300*16*28                ","根",2,{"$nulls":5},2769.4,5538.8,null,10.5,0.471,0.94,"10.5*0.471*0.94",{"v":9.29754,"d":"9.298"}]
[495,"    GZJ20-2                 ","    钢支架20-2                 ","HN900*300*16*28                ","根",2,{"$nulls":5},2585.1,5170.2,null,9.06,0.829,1,"9.06*0.829*1",{"v":15.02148,"d":"15.021"}]
[496,"    GZJ20-3                 ","    钢支架20-3                 ","HN900*300*16*28                ","根",1,{"$nulls":5},3681.4,3681.4,null,13.747,0.471,0.94,"13.747*0.471*0.94",{"v":6.0863467799999995,"d":"6.086"}]
[497,"    GZJ20-4                 ","    钢支架20-4                 ","HN900*300*16*28                ","根",1,{"$nulls":5},3681.4,3681.4,null,13.747,0.471,0.94,"13.747*0.471*0.94",{"v":6.0863467799999995,"d":"6.086"}]
[498,"    GZJ21-1                 ","    钢支架21-1                 ","HN900*300*16*28                ","根",2,{"$nulls":5},2769.7,5539.4,null,10.5,0.426,0.9,"10.5*0.426*0.9",{"v":8.0514,"d":"8.051"}]
[499,"    GZJ21-2                 ","    钢支架21-2                 ","HN900*300*16*28                ","根",2,{"$nulls":5},2845.7,5691.4,null,10.058,0.426,0.9,"10.058*0.426*0.9",{"v":7.7124744000000005,"d":"7.712"}]
[500,"    GZJ21-4                 ","    钢支架21-4                 ","HN900*300*16*28                ","根",1,{"$nulls":5},3776.5,3776.5,null,14.143,0.471,0.94,"14.143*0.471*0.94",{"v":6.26167182,"d":"6.262"}]
[501,"    GZJ21-5                 ","    钢支架21-5                 ","HN900*300*16*28                ","根",1,{"$nulls":5},3776.5,3776.5,null,14.143,0.471,0.94,"14.143*0.471*0.94",{"v":6.26167182,"d":"6.262"}]
[502,"    GZJ22-1                 ","    钢支架22-1                 ","HM390*300*10*16                ","根",2,{"$nulls":5},864.5,1729,null,8.074,0.3,0.902,"8.074*0.3*0.902",{"v":4.369648799999999,"d":"4.370"}]
[503,"    GZJ22-2                 ","    钢支架22-2                 ","HM390*300*10*16                ","根",2,{"$nulls":5},359.9,719.8,null,3.49,0.3,0.39,"3.49*0.3*0.39",{"v":0.8166599999999999,"d":"0.817"}]
[504,"    GZJ22-3                 ","    钢支架22-3                 ","HM390*300*10*16                ","根",1,{"$nulls":5},572.7,572.7,null,5.4,0.42,0.39,"5.4*0.42*0.39",{"v":0.8845200000000001,"d":"0.885"}]
[505,"    GZJ22-4                 ","    钢支架22-4                 ","HM390*300*10*16                ","根",1,{"$nulls":5},572.7,572.7,null,5.4,0.42,0.39,"5.4*0.42*0.39",{"v":0.8845200000000001,"d":"0.885"}]
[506,"    GZJ22-5                 ","    钢支架22-5                 ","HM340*250*9*14                 ","根",6,{"$nulls":5},414.5,2487,null,5.4,0.25,0.34,"5.4*0.25*0.34",{"v":2.7540000000000004,"d":"2.754"}]
[507,"    GZJ22-6                 ","    钢支架22-6                 ","HM340*250*9*14                 ","根",2,{"$nulls":5},430.4,860.8,null,5.4,0.37,0.34,"5.4*0.37*0.34",{"v":1.35864,"d":"1.359"}]
[508,"    GZJ22-7                 ","    钢支架22-7                 ","HM340*250*9*14                 ","根",1,{"$nulls":5},430.4,430.4,null,5.4,0.37,0.34,"5.4*0.37*0.34",{"v":0.67932,"d":"0.679"}]
[509,"    GZJ22-8                 ","    钢支架22-8                 ","HM340*250*9*14                 ","根",1,{"$nulls":5},430.4,430.4,null,5.4,0.37,0.34,"5.4*0.37*0.34",{"v":0.67932,"d":"0.679"}]
[510,"    GZJ22-9                 ","    钢支架22-9                 ","HM340*250*9*14                 ","根",1,{"$nulls":5},483.3,483.3,null,5.738,0.54,0.34,"5.738*0.54*0.34",{"v":1.0534968000000002,"d":"1.053"}]
[511,"    GZJ22-10                ","    钢支架22-10                ","HM340*250*9*14                 ","根",1,{"$nulls":5},596.4,596.4,null,7.497,0.416,0.611,"7.497*0.416*0.611",{"v":1.9055574719999997,"d":"1.906"}]
[512,"    GZJ22-11                ","    钢支架22-11                ","HM340*250*9*14                 ","根",1,{"$nulls":5},596.4,596.4,null,7.497,0.416,0.611,"7.497*0.416*0.611",{"v":1.9055574719999997,"d":"1.906"}]
[513,"    GZJ22-12                ","    钢支架22-12                ","HM340*250*9*14                 ","根",2,{"$nulls":5},543.1,1086.2,null,6.922,0.25,0.611,"6.922*0.25*0.611",{"v":2.114671,"d":"2.115"}]
[514,"    GZJ22-13                ","    钢支架22-13                ","HM340*250*9*14                 ","根",2,{"$nulls":5},498.8,{"$f":"F516*L516","v":997.6},null,6.348,0.25,0.611,"6.348*0.25*0.611",{"v":1.939314,"d":"1.939"}]
[515,"    GZJ22-14                ","    钢支架22-14                ","HM340*250*9*14                 ","根",2,{"$nulls":5},454.6,909.2,null,5.773,0.25,0.611,"5.773*0.25*0.611",{"v":1.7636515,"d":"1.764"}]
[516,"    GZJ22-15                ","    钢支架22-15                ","HM588*300*12*20                ","根",1,{"$nulls":5},2097.8,2097.8,null,11.529,0.878,0.877,"11.529*0.878*0.877",{"v":8.877399174,"d":"8.877"}]
[517,"    GZJ22-16                ","    钢支架22-16                ","HM588*300*12*20                ","根",1,{"$nulls":5},2097.8,2097.8,null,11.529,0.878,0.877,"11.529*0.878*0.877",{"v":8.877399174,"d":"8.877"}]
[518,"    GZJ22-17                ","    钢支架22-17                ","HM588*300*12*20                ","根",1,{"$nulls":5},1982.2,1982.2,null,10.942,0.927,0.901,"10.942*0.927*0.901",{"v":9.139053834000002,"d":"9.139"}]
[519,"    GZJ22-18                ","    钢支架22-18                ","HM588*300*12*20                ","根",1,{"$nulls":5},1982.2,1982.2,null,10.942,0.927,0.901,"10.942*0.927*0.901",{"v":9.139053834000002,"d":"9.139"}]
[520,"    GZJ22-19                ","    钢支架22-19                ","HM588*300*12*20                ","根",1,{"$nulls":5},2185.4,2185.4,null,12.809,0.785,0.842,"12.809*0.785*0.842",{"v":8.466364729999999,"d":"8.466"}]
[521,"    GZJ22-20                ","    钢支架22-20                ","HM588*300*12*20                ","根",1,{"$nulls":5},2151.6,2151.6,null,12.809,0.785,0.842,"12.809*0.785*0.842",{"v":8.466364729999999,"d":"8.466"}]
[522,"    GZJ22-21                ","    钢支架22-21                ","HM588*300*12*20                ","根",1,{"$nulls":5},2151.6,2151.6,null,12.809,0.785,0.842,"12.809*0.785*0.842",{"v":8.466364729999999,"d":"8.466"}]
[523,"    GZJ22-22                ","    钢支架22-22                ","HM588*300*12*20                ","根",1,{"$nulls":5},2185.4,2185.4,null,12.809,0.785,0.842,"12.809*0.785*0.842",{"v":8.466364729999999,"d":"8.466"}]
[524,"    GZJ22-23                ","    钢支架22-23                ","HM588*300*12*20                ","根",2,{"$nulls":5},2482.7,4965.4,null,14,0.773,0.851,"14*0.773*0.851",{"v":18.419044,"d":"18.419"}]
[525,"    GZJ22-24                ","    钢支架22-24                ","HM588*300*12*20                ","根",2,{"$nulls":5},2482.7,4965.4,null,14,0.773,0.851,"14*0.773*0.851",{"v":18.419044,"d":"18.419"}]
[526,"    GZJ22-25                ","    钢支架22-25                ","HM244*175*7*11                 ","根",4,{"$nulls":5},228.4,913.6,null,5.4,0.175,0.244,"5.4*0.175*0.244",{"v":0.9223199999999999,"d":"0.922"}]
[527,"    GZJ22-26                ","    钢支架22-26                ","HM244*175*7*11                 ","根",1,{"$nulls":5},241.9,241.9,null,5.4,0.295,0.244,"5.4*0.295*0.244",{"v":0.388692,"d":"0.389"}]
[528,"    GZJ22-27                ","    钢支架22-27                ","HM244*175*7*11                 ","根",1,{"$nulls":5},241.9,241.9,null,5.4,0.295,0.244,"5.4*0.295*0.244",{"v":0.388692,"d":"0.389"}]
[529,"    GZJ22-28                ","    钢支架22-28                ","HM244*175*7*11                 ","根",2,{"$nulls":5},231,462,null,5.198,0.175,0.515,"5.198*0.175*0.515",{"v":0.9369395,"d":"0.937"}]
[530,"    GZJ22-29                ","    钢支架22-29                ","HM244*175*7*11                 ","根",2,{"$nulls":5},206.6,413.2,null,4.623,0.175,0.515,"4.623*0.175*0.515",{"v":0.83329575,"d":"0.833"}]
[531,"    GZJ22-30                ","    钢支架22-30                ","HM244*175*7*11                 ","根",2,{"$nulls":5},182.2,364.4,null,4.048,0.175,0.515,"4.048*0.175*0.515",{"v":0.729652,"d":"0.730"}]
[532,"    GZJ23-1                 ","    钢支架23-1                 ","HM390*300*10*16                ","根",2,{"$nulls":5},359.9,719.8,null,3.49,0.3,0.39,"3.49*0.3*0.39",{"v":0.8166599999999999,"d":"0.817"}]
[533,"    GZJ23-2                 ","    钢支架23-2                 ","HM390*300*10*16                ","根",2,{"$nulls":5},864.2,1728.4,null,8.071,0.3,0.902,"8.071*0.3*0.902",{"$f":"O535*P535*Q535*F535","v":{"v":4.3680252,"d":"4.368"}}]
[534,"    GZJ23-3                 ","    钢支架23-3                 ","HM390*300*10*16                ","根",1,{"$nulls":5},469.2,469.2,null,4.4,0.42,0.39,"4.4*0.42*0.39",{"v":0.72072,"d":"0.721"}]
[535,"    GZJ23-4                 ","    钢支架23-4                 ","HM340*250*9*14                 ","根",4,{"$nulls":5},337.5,1350,null,4.4,0.25,0.34,"4.4*0.25*0.34",{"v":1.4960000000000002,"d":"1.496"}]
[536,"    GZJ23-5                 ","    钢支架23-5                 ","HM340*250*9*14                 ","根",2,{"$nulls":5},353.4,706.8,null,4.4,0.37,0.34,"4.4*0.37*0.34",{"v":1.1070400000000002,"d":"1.107"}]
[537,"    GZJ23-6                 ","    钢支架23-6                 ","HM340*250*9*14                 ","根",1,{"$nulls":5},507.2,507.2,null,6.338,0.416,0.611,"6.338*0.416*0.611",{"v":1.6109674879999998,"d":"1.611"}]
[538,"    GZJ23-7                 ","    钢支架23-7                 ","HM340*250*9*14                 ","根",1,{"$nulls":5},507.2,507.2,null,6.338,0.416,0.611,"6.338*0.416*0.611",{"v":1.6109674879999998,"d":"1.611"}]
[539,"    GZJ23-8                 ","    钢支架23-8                 ","HM340*250*9*14                 ","根",2,{"$nulls":5},406.3,812.6,null,4.738,0.54,0.34,"4.738*0.54*0.34",{"v":1.7397936000000005,"d":"1.740"}]
[540,"    GZJ23-9                 ","    钢支架23-9                 ","HM340*250*9*14                 ","根",2,{"$nulls":5},542.5,1085,null,6.915,0.54,0.34,"6.915*0.54*0.34",{"v":2.5391880000000002,"d":"2.539"}]
[541,"    GZJ23-10                ","    钢支架23-10                ","HM340*250*9*14                 ","根",1,{"$nulls":5},596,596,null,7.492,0.416,0.611,"7.492*0.416*0.611",{"v":1.9042865919999998,"d":"1.904"}]
[542,"    GZJ23-11                ","    钢支架23-11                ","HM340*250*9*14                 ","根",1,{"$nulls":5},596,596,null,7.492,0.416,0.611,"7.492*0.416*0.611",{"v":1.9042865919999998,"d":"1.904"}]
[543,"    GZJ23-12                ","    钢支架23-12                ","HM588*300*12*20                ","根",1,{"$nulls":5},2547,2547,null,13.933,0.9,0.877,"13.933*0.9*0.877",{"v":10.9973169,"d":"10.997"}]
[544,"    GZJ23-13                ","    钢支架23-13                ","HM588*300*12*20                ","根",1,{"$nulls":5},2547,2547,null,13.933,0.9,0.877,"13.933*0.9*0.877",{"v":10.9973169,"d":"10.997"}]
[545,"    GZJ23-14                ","    钢支架23-14                ","HM588*300*12*20                ","根",1,{"$nulls":5},2363.9,2363.9,null,13.053,0.827,0.901,"13.053*0.827*0.901",{"v":9.726142731000001,"d":"9.726"}]
[546,"    GZJ23-15                ","    钢支架23-15                ","HM588*300*12*20                ","根",1,{"$nulls":5},2363.9,2363.9,null,13.053,0.827,0.901,"13.053*0.827*0.901",{"v":9.726142731000001,"d":"9.726"}]
[547,"    GZJ23-16                ","    钢支架23-16                ","HM588*300*12*20                ","根",2,{"$nulls":5},2031.3,4062.6,null,11.997,0.785,0.862,"11.997*0.785*0.862",{"v":16.236019980000002,"d":"16.236"}]
[548,"    GZJ23-17                ","    钢支架23-17                ","HM588*300*12*20                ","根",2,{"$nulls":5},2031.3,4062.6,null,11.997,0.785,0.862,"11.997*0.785*0.862",{"v":16.236019980000002,"d":"16.236"}]
[549,"    GZJ23-18                ","    钢支架23-18                ","HM588*300*12*20                ","根",2,{"$nulls":5},2216.6,4433.2,null,13,0.774,0.851,"13*0.774*0.851",{"v":17.125524000000002,"d":"17.126"}]
[550,"    GZJ23-19                ","    钢支架23-19                ","HM588*300*12*20                ","根",2,{"$nulls":5},2216.6,4433.2,null,13,0.774,0.851,"13*0.774*0.851",{"v":17.125524000000002,"d":"17.126"}]
[551,"    GZJ23-20                ","    钢支架23-20                ","HM244*175*7*11                 ","根",1,{"$nulls":5},199.5,199.5,null,4.4,0.295,0.244,"4.4*0.295*0.244",{"v":0.316712,"d":"0.317"}]
[552,"    GZJ23-21                ","    钢支架23-21                ","HM244*175*7*11                 ","根",6,{"$nulls":5},186,1116,null,4.4,0.175,0.244,"4.4*0.175*0.244",{"v":1.1272799999999998,"d":"1.127"}]
[553,"    GZJ23-22                ","    钢支架23-22                ","HM244*175*7*11                 ","根",1,{"$nulls":5},199.5,199.5,null,4.4,0.295,0.244,"4.4*0.295*0.244",{"v":0.316712,"d":"0.317"}]
[554,"    GZJ23-23                ","    钢支架23-23                ","HM244*175*7*11                 ","根",2,{"$nulls":5},181.4,362.8,null,4.029,0.175,0.515,"4.029*0.175*0.515",{"v":0.7262272499999999,"d":"0.726"}]
[555,"    GZJ23-24                ","    钢支架23-24                ","HM244*175*7*11                 ","根",2,{"$nulls":5},205.9,411.8,null,4.606,0.175,0.515,"4.606*0.175*0.515",{"v":0.8302314999999999,"d":"0.830"}]
[556,"    GZJ23-25                ","    钢支架23-25                ","HM244*175*7*11                 ","根",2,{"$nulls":5},230.4,460.8,null,5.183,0.175,0.515,"5.183*0.175*0.515",{"v":0.9342357499999999,"d":"0.934"}]
[557,"    GZJ23-26                ","    钢支架23-26                ","HM244*175*7*11                 ","根",2,{"$nulls":5},254.9,509.8,null,5.761,0.175,0.515,"5.761*0.175*0.515",{"v":1.0384202500000002,"d":"1.038"}]
[558,"    GZJ23-27                ","    钢支架23-27                ","HM340*250*9*14                 ","根",2,{"$nulls":5},353.4,706.8,null,4.4,0.37,0.34,"4.4*0.37*0.34",{"v":1.1070400000000002,"d":"1.107"}]
[559,"    GZJ23-28                ","    钢支架23-28                ","HM390*300*10*16                ","根",1,{"$nulls":5},469.2,469.2,null,4.4,0.42,0.39,"4.4*0.42*0.39",{"v":0.72072,"d":"0.721"}]
[560,"    GZJ24-1                 ","    钢支架24-1                 ","HM390*300*10*16                ","根",1,{"$nulls":5},500,500,null,4.715,0.42,0.39,"4.715*0.42*0.39",{"v":0.772317,"d":"0.772"}]
[561,"    GZJ24-2                 ","    钢支架24-2                 ","HM390*300*10*16                ","根",1,{"$nulls":5},500,500,null,4.715,0.42,0.39,"4.715*0.42*0.39",{"v":0.772317,"d":"0.772"}]
[562,"    GZJ24-3                 ","    钢支架24-3                 ","HM390*300*10*16                ","根",2,{"$nulls":5},359.9,719.8,null,3.49,0.3,0.39,"3.49*0.3*0.39",{"v":0.8166599999999999,"d":"0.817"}]
[563,"    GZJ24-4                 ","    钢支架24-4                 ","HM340*250*9*14                 ","根",4,{"$nulls":5},361.8,1447.2,null,4.715,0.25,0.34,"4.715*0.25*0.34",{"v":1.6031,"d":"1.603"}]
[564,"    GZJ24-5                 ","    钢支架24-5                 ","HM340*250*9*14                 ","根",1,{"$nulls":5},375.2,375.2,null,4.715,0.333,0.34,"4.715*0.333*0.34",{"v":0.5338323,"d":"0.534"}]
[565,"    GZJ24-6                 ","    钢支架24-6                 ","HM340*250*9*14                 ","根",1,{"$nulls":5},375.2,375.2,null,4.715,0.333,0.34,"4.715*0.333*0.34",{"v":0.5338323,"d":"0.534"}]
[566,"    GZJ24-7                 ","    钢支架24-7                 ","HM340*250*9*14                 ","根",2,{"$nulls":5},377.6,755.2,null,4.715,0.37,0.34,"4.715*0.37*0.34",{"v":1.186294,"d":"1.186"}]
[567,"    GZJ24-8                 ","    钢支架24-8                 ","HM340*250*9*14                 ","根",1,{"$nulls":5},467.4,467.4,null,5.785,0.416,0.659,"5.785*0.416*0.659",{"v":1.58592304,"d":"1.586"}]
[568,"    GZJ24-9                 ","    钢支架24-9                 ","HM340*250*9*14                 ","根",1,{"$nulls":5},467.4,467.4,null,5.785,0.416,0.659,"5.785*0.416*0.659",{"v":1.58592304,"d":"1.586"}]
[569,"    GZJ24-10                ","    钢支架24-10                ","HM340*250*9*14                 ","根",1,{"$nulls":5},430.5,430.5,null,5.053,0.54,0.34,"5.053*0.54*0.34",{"v":0.9277308000000002,"d":"0.928"}]
[570,"    GZJ24-11                ","    钢支架24-11                ","HM340*250*9*14                 ","根",2,{"$nulls":5},493.3,986.6,null,6.241,0.25,0.659,"6.241*0.25*0.659",{"v":2.0564095,"d":"2.056"}]
[571,"    GZJ24-12                ","    钢支架24-12                ","HM588*300*12*20                ","根",1,{"$nulls":5},1859.8,1859.8,null,10.043,0.922,0.907,"10.043*0.922*0.907",{"v":8.398498922,"d":"8.398"}]
[572,"    GZJ24-13                ","    钢支架24-13                ","HM588*300*12*20                ","根",1,{"$nulls":5},1859.8,1859.8,null,10.043,0.922,0.907,"10.043*0.922*0.907",{"v":8.398498922,"d":"8.398"}]
[573,"    GZJ24-14                ","    钢支架24-14                ","HM588*300*12*20                ","根",1,{"$nulls":5},1859.8,1859.8,null,10.043,0.922,0.907,"10.043*0.922*0.907",{"v":8.398498922,"d":"8.398"}]
[574,"    GZJ24-15                ","    钢支架24-15                ","HM588*300*12*20                ","根",1,{"$nulls":5},1859.8,1859.8,null,10.043,0.922,0.907,"10.043*0.922*0.907",{"v":8.398498922,"d":"8.398"}]
[575,"    GZJ24-16                ","    钢支架24-16                ","HM588*300*12*20                ","根",2,{"$nulls":5},1312.7,2625.4,null,7.919,0.769,0.86,"7.919*0.769*0.86",{"v":10.47430292,"d":"10.474"}]
[576,"    GZJ24-17                ","    钢支架24-17                ","HM588*300*12*20                ","根",2,{"$nulls":5},1312.7,2625.4,null,7.919,0.769,0.86,"7.919*0.769*0.86",{"v":10.47430292,"d":"10.474"}]
[577,"    GZJ24-18                ","    钢支架24-18                ","HM244*175*7*11                 ","根",4,{"$nulls":5},199.4,797.6,null,4.715,0.175,0.244,"4.715*0.175*0.244",{"v":0.8053219999999999,"d":"0.805"}]
[578,"    GZJ24-19                ","    钢支架24-19                ","HM244*175*7*11                 ","根",2,{"$nulls":5},181.3,{"$f":"F580*L580","v":362.6},null,3.963,0.175,0.563,"3.963*0.175*0.563",{"v":0.7809091499999998,"d":"0.781"}]
[579,"    GZJ24-20                ","    钢支架24-20                ","HM244*175*7*11                 ","根",2,{"$nulls":5},200.7,401.4,null,4.419,0.175,0.563,"4.419*0.175*0.563",{"v":0.8707639499999998,"d":"0.871"}]
[580,"    GZJ24-21                ","    钢支架24-21                ","HM244*175*7*11                 ","根",2,{"$nulls":5},220,440,null,4.874,0.175,0.563,"4.874*0.175*0.563",{"v":0.9604216999999997,"d":"0.960"}]
[581,"    GZJ24-22                ","    钢支架24-22                ","HM244*175*7*11                 ","根",2,{"$nulls":5},239.3,478.6,null,5.33,0.175,0.563,"5.33*0.175*0.563",{"v":1.0502764999999998,"d":"1.050"}]
[582,"    GZJ24-23                ","    钢支架24-23                ","HM588*300*12*20                ","根",2,{"$nulls":5},2057.4,4114.8,null,12,0.769,0.851,"12*0.769*0.851",{"v":15.706055999999998,"d":"15.706"}]
[583,"    GZJ24-24                ","    钢支架24-24                ","HM588*300*12*20                ","根",2,{"$nulls":5},2057.4,4114.8,null,12,0.769,0.851,"12*0.769*0.851",{"v":15.706055999999998,"d":"15.706"}]
[584,"    GZJ25-1                 ","    钢支架25-1                 ","HM390*300*10*16                ","根",2,{"$nulls":5},280.3,560.6,null,2.76,0.3,0.39,"2.76*0.3*0.39",{"v":0.64584,"d":"0.646"}]
[585,"    GZJ25-2                 ","    钢支架25-2                 ","HM390*300*10*16                ","根",20,{"$nulls":5},359.8,7196,null,3.489,0.3,0.39,"3.489*0.3*0.39",{"v":8.16426,"d":"8.164"}]
[586,"    GZJ25-3                 ","    钢支架25-3                 ","HM390*300*10*16                ","根",8,{"$nulls":5},283.8,2270.4,null,2.76,0.3,0.39,"2.76*0.3*0.39",{"v":2.58336,"d":"2.583"}]
[587,"    GZJ25-4                 ","    钢支架25-4                 ","HW428*407*20*35                ","根",2,{"$nulls":5},3037.4,6074.8,null,9.85,0.814,0.787,"9.85*0.814*0.787",{"v":12.620174599999999,"d":"12.620"}]
[588,"    GZJ25-5                 ","    钢支架25-5                 ","HW428*407*20*35                ","根",2,{"$nulls":5},3037.4,6074.8,null,9.85,0.814,0.787,"9.85*0.814*0.787",{"v":12.620174599999999,"d":"12.620"}]
[589,"    GZJ25-6                 ","    钢支架25-6                 ","HW428*407*20*35                ","根",1,{"$nulls":5},2921.7,2921.7,null,9,0.85,0.827,"9*0.85*0.827",{"v":6.326549999999999,"d":"6.327"}]
[590,"    GZJ25-7                 ","    钢支架25-7                 ","HW428*407*20*35                ","根",1,{"$nulls":5},2921.7,2921.7,null,9,0.85,0.827,"9*0.85*0.827",{"v":6.326549999999999,"d":"6.327"}]
[591,"    GZJ25-8                 ","    钢支架25-8                 ","HW428*407*20*35                ","根",1,{"$nulls":5},2929.1,2929.1,null,9,0.85,0.827,"9*0.85*0.827",{"v":6.326549999999999,"d":"6.327"}]
[592,"    GZJ25-9                 ","    钢支架25-9                 ","HW428*407*20*35                ","根",1,{"$nulls":5},2929.1,2929.1,null,9,0.85,0.827,"9*0.85*0.827",{"v":6.326549999999999,"d":"6.327"}]
[593,"    GZJ26-1                 ","    钢支架26-1                 ","HM390*300*10*16                ","根",8,{"$nulls":5},283.8,2270.4,null,2.76,0.3,0.39,"2.76*0.3*0.39",{"v":2.58336,"d":"2.583"}]
[594,"    GZJ26-2                 ","    钢支架26-2                 ","HM390*300*10*16                ","根",2,{"$nulls":5},282.1,564.2,null,2.76,0.3,0.39,"2.76*0.3*0.39",{"v":0.64584,"d":"0.646"}]
[595,"    GZJ26-3                 ","    钢支架26-3                 ","HW428*407*20*35                ","根",1,{"$nulls":5},3037.4,3037.4,null,9.85,0.814,0.787,"9.85*0.814*0.787",{"v":6.310087299999999,"d":"6.310"}]
[596,"    GZJ26-4                 ","    钢支架26-4                 ","HW428*407*20*35                ","根",1,{"$nulls":5},3037.4,3037.4,null,9.85,0.814,0.787,"9.85*0.814*0.787",{"v":6.310087299999999,"d":"6.310"}]
[597,"    GZJ26-5                 ","    钢支架26-5                 ","HW428*407*20*35                ","根",1,{"$nulls":5},3037.4,3037.4,null,9.85,0.814,0.787,"9.85*0.814*0.787",{"$f":"O599*P599*Q599*F599","v":{"v":6.310087299999999,"d":"6.310"}}]
[598,"    GZJ26-6                 ","    钢支架26-6                 ","HW428*407*20*35                ","根",1,{"$nulls":5},3037.4,3037.4,null,9.85,0.814,0.787,"9.85*0.814*0.787",{"v":6.310087299999999,"d":"6.310"}]
[599,"    GZJ26-7                 ","    钢支架26-7                 ","HW428*407*20*35                ","根",1,{"$nulls":5},2921.7,2921.7,null,9,0.85,0.827,"9*0.85*0.827",{"v":6.326549999999999,"d":"6.327"}]
[600,"    GZJ26-8                 ","    钢支架26-8                 ","HW428*407*20*35                ","根",1,{"$nulls":5},2921.7,2921.7,null,9,0.85,0.827,"9*0.85*0.827",{"v":6.326549999999999,"d":"6.327"}]
[601,"    GZJ26-9                 ","    钢支架26-9                 ","HW428*407*20*35                ","根",1,{"$nulls":5},3018.6,3018.6,null,9.3,0.85,0.827,"9.3*0.85*0.827",{"v":6.537434999999999,"d":"6.537"}]
[602,"    GZJ26-10                ","    钢支架26-10                ","HW428*407*20*35                ","根",1,{"$nulls":5},3018.6,3018.6,null,9.3,0.85,0.827,"9.3*0.85*0.827",{"v":6.537434999999999,"d":"6.537"}]
[603,"    GZJ27-1                 ","    钢支架27-1                 ","HM390*300*10*16                ","根",1,{"$nulls":5},467.4,467.4,null,4.4,0.42,0.39,"4.4*0.42*0.39",{"v":0.72072,"d":"0.721"}]
[604,"    GZJ27-2                 ","    钢支架27-2                 ","HM390*300*10*16                ","根",1,{"$nulls":5},467.4,467.4,null,4.4,0.42,0.39,"4.4*0.42*0.39",{"v":0.72072,"d":"0.721"}]
[605,"    GZJ27-3                 ","    钢支架27-3                 ","HM390*300*10*16                ","根",2,{"$nulls":5},349.5,699,null,3.39,0.3,0.39,"3.39*0.3*0.39",{"v":0.79326,"d":"0.793"}]
[606,"    GZJ27-4                 ","    钢支架27-4                 ","HM588*300*12*20                ","根",1,{"$nulls":5},1980.5,1980.5,null,11,0.852,0.907,"11*0.852*0.907",{"v":8.500404,"d":"8.500"}]
[607,"    GZJ27-5                 ","    钢支架27-5                 ","HM588*300*12*20                ","根",1,{"$nulls":5},1980.5,1980.5,null,11,0.852,0.907,"11*0.852*0.907",{"v":8.500404,"d":"8.500"}]
[608,"    GZJ27-6                 ","    钢支架27-6                 ","HM588*300*12*20                ","根",1,{"$nulls":5},1996.7,1996.7,null,11,0.852,0.907,"11*0.852*0.907",{"v":8.500404,"d":"8.500"}]
[609,"    GZJ27-7                 ","    钢支架27-7                 ","HM588*300*12*20                ","根",1,{"$nulls":5},1996.7,1996.7,null,11,0.852,0.907,"11*0.852*0.907",{"v":8.500404,"d":"8.500"}]
[610,"    GZJ27-8                 ","    钢支架27-8                 ","HM588*300*12*20                ","根",2,{"$nulls":5},1842.2,3684.4,null,11.15,0.676,0.857,"11.15*0.676*0.857",{"v":12.919103600000001,"d":"12.919"}]
[611,"    GZJ27-9                 ","    钢支架27-9                 ","HM588*300*12*20                ","根",2,{"$nulls":5},1842.2,3684.4,null,11.15,0.676,0.857,"11.15*0.676*0.857",{"v":12.919103600000001,"d":"12.919"}]
[612,"    GZJ27-10                ","    钢支架27-10                ","HM588*300*12*20                ","根",2,{"$nulls":5},1871.4,3742.8,null,11,0.676,0.857,"11*0.676*0.857",{"v":12.745304,"d":"12.745"}]
[613,"    GZJ27-11                ","    钢支架27-11                ","HM588*300*12*20                ","根",2,{"$nulls":5},1871.4,3742.8,null,11,0.676,0.857,"11*0.676*0.857",{"v":12.745304,"d":"12.745"}]
[614,"    GZJ27-12                ","    钢支架27-12                ","HM244*175*7*11                 ","根",8,{"$nulls":5},186,1488,null,4.4,0.175,0.244,"4.4*0.175*0.244",{"v":1.50304,"d":"1.503"}]
[615,"    GZJ27-13                ","    钢支架27-13                ","HM244*175*7*11                 ","根",3,{"$nulls":5},203.5,610.5,null,4.4,0.357,0.244,"4.4*0.357*0.244",{"v":1.1498256,"d":"1.150"}]
[616,"    GZJ27-14                ","    钢支架27-14                ","HM244*175*7*11                 ","根",3,{"$nulls":5},203.5,610.5,null,4.4,0.357,0.244,"4.4*0.357*0.244",{"v":1.1498256,"d":"1.150"}]
[617,"    GZJ27-15                ","    钢支架27-15                ","HM244*175*7*11                 ","根",14,{"$nulls":5},153.9,2154.6,null,3.638,0.175,0.244,"3.638*0.175*0.244",{"v":2.1747963999999995,"d":"2.175"}]
[618,"    HWB-1                   ","    花纹板-1                   ","PL6*4880                       ","块",1,{"$nulls":5},1207.8,1207.8,null,5,4.88,0.006,"5*4.88*0.006",{"v":0.1464,"d":"0.146"}]
[619,"    HWB-2                   ","    花纹板-2                   ","PL6*1165                       ","块",40,{"$nulls":5},229.9,9196,null,3.513,1.165,0.086,"3.513*1.165*0.086",{"v":14.0786988,"d":"14.079"}]
[620,"    HWB-3                   ","    花纹板-3                   ","PL6*1165                       ","块",2,{"$nulls":5},258.5,517,null,4.01,1.165,0.086,"4.01*1.165*0.086",{"v":0.8035237999999999,"d":"0.804"}]
[621,"    HWB-4                   ","    花纹板-4                   ","PL6*1165                       ","块",2,{"$nulls":5},242.9,485.8,null,3.738,1.165,0.086,"3.738*1.165*0.086",{"v":0.74902044,"d":"0.749"}]
[622,"    HWB-5                   ","    花纹板-5                   ","PL6*1165                       ","块",2,{"$nulls":5},225.7,451.4,null,3.44,1.165,0.086,"3.44*1.165*0.086",{"v":0.6893072,"d":"0.689"}]
[623,"    HWB-6                   ","    花纹板-6                   ","PL6*1165                       ","块",2,{"$nulls":5},231.2,462.4,null,3.537,1.165,0.086,"3.537*1.165*0.086",{"v":0.70874406,"d":"0.709"}]
[624,"    HWB-7                   ","    花纹板-7                   ","PL6*1165                       ","块",2,{"$nulls":5},199.5,399,null,3.054,1.165,0.086,"3.054*1.165*0.086",{"v":0.6119605199999999,"d":"0.612"}]
[625,"    HWB-8                   ","    花纹板-8                   ","PL6*1165                       ","块",16,{"$nulls":5},191.1,3057.6,null,2.909,1.165,0.086,"2.909*1.165*0.086",{"v":4.663243359999999,"d":"4.663"}]
[626,"    HWB-9                   ","    花纹板-9                   ","PL6*1165                       ","块",2,{"$nulls":5},196.7,393.4,null,3.004,1.165,0.086,"3.004*1.165*0.086",{"v":0.6019415199999999,"d":"0.602"}]
[627,"    HWB-10                  ","    花纹板-10                  ","PL6*1165                       ","块",20,{"$nulls":5},198.4,3968,null,3.034,1.165,0.086,"3.034*1.165*0.086",{"v":6.079529199999999,"d":"6.080"}]
[628,"    HWB-11                  ","    花纹板-11                  ","PL6*1165                       ","块",2,{"$nulls":5},198.4,396.8,null,3.034,1.165,0.086,"3.034*1.165*0.086",{"v":0.6079529199999999,"d":"0.608"}]
[629,"    HWB-12                  ","    花纹板-12                  ","PL6*1165                       ","块",2,{"$nulls":5},198.4,396.8,null,3.034,1.165,0.086,"3.034*1.165*0.086",{"v":0.6079529199999999,"d":"0.608"}]
[630,"    HWB-13                  ","    花纹板-13                  ","PL6*1165                       ","块",4,{"$nulls":5},190.8,763.2,null,2.903,1.165,0.086,"2.903*1.165*0.086",{"v":1.16340628,"d":"1.163"}]
[631,"    HWB-14                  ","    花纹板-14                  ","PL6*1165                       ","块",2,{"$nulls":5},194.9,389.8,null,2.974,1.165,0.086,"2.974*1.165*0.086",{"v":0.59593012,"d":"0.596"}]
[632,"    HWB-15                  ","    花纹板-15                  ","PL6*1165                       ","块",2,{"$nulls":5},194.9,389.8,null,2.974,1.165,0.086,"2.974*1.165*0.086",{"v":0.59593012,"d":"0.596"}]
[633,"    HWB-16                  ","    花纹板-16                  ","PL6*1165                       ","块",48,{"$nulls":5},172.7,8289.599999999999,null,2.657,1.165,0.086,"2.657*1.165*0.086",{"v":12.777831839999997,"d":"12.778"}]
[634,"    HWB-17                  ","    花纹板-17                  ","PL6*1165                       ","块",20,{"$nulls":5},175.6,3512,null,2.707,1.165,0.086,"2.707*1.165*0.086",{"v":5.4242866,"d":"5.424"}]
[635,"    HWB-18                  ","    花纹板-18                  ","PL6*1165                       ","块",2,{"$nulls":5},175.6,351.2,null,2.707,1.165,0.086,"2.707*1.165*0.086",{"v":0.54242866,"d":"0.542"}]
[636,"    HWB-19                  ","    花纹板-19                  ","PL6*1165                       ","块",2,{"$nulls":5},181.1,362.2,null,2.802,1.165,0.086,"2.802*1.165*0.086",{"v":0.56146476,"d":"0.561"}]
[637,"    HWB-20                  ","    花纹板-20                  ","PL6*1165                       ","块",2,{"$nulls":5},192.7,385.4,null,3.004,1.165,0.086,"3.004*1.165*0.086",{"v":0.6019415199999999,"d":"0.602"}]
[638,"    HWB-21                  ","    花纹板-21                  ","PL6*1165                       ","块",58,{"$nulls":5},193,11194,null,3.009,1.165,0.086,"3.009*1.165*0.086",{"v":17.48535918,"d":"17.485"}]
[639,"    HWB-22                  ","    花纹板-22                  ","PL6*1165                       ","块",2,{"$nulls":5},160.1,320.2,null,2.506,1.165,0.086,"2.506*1.165*0.086",{"v":0.5021522799999999,"d":"0.502"}]
[640,"    HWB-23                  ","    花纹板-23                  ","PL6*1165                       ","块",4,{"$nulls":5},186.9,747.6,null,2.903,1.165,0.086,"2.903*1.165*0.086",{"v":1.16340628,"d":"1.163"}]
[641,"    HWB-24                  ","    花纹板-24                  ","PL6*1260                       ","块",10,{"$nulls":5},245.1,2451,null,3.513,1.26,0.086,"3.513*1.26*0.086",{"v":3.8066867999999996,"d":"3.807"}]
[642,"    HWB-25                  ","    花纹板-25                  ","PL6*1260                       ","块",10,{"$nulls":5},245.1,{"$f":"F644*L644","v":2451},null,3.513,1.26,0.086,"3.513*1.26*0.086",{"v":3.8066867999999996,"d":"3.807"}]
[643,"    HWB-26                  ","    花纹板-26                  ","PL6*1260                       ","块",1,{"$nulls":5},259.1,259.1,null,3.738,1.26,0.086,"3.738*1.26*0.086",{"v":0.40504967999999997,"d":"0.405"}]
[644,"    HWB-27                  ","    花纹板-27                  ","PL6*1260                       ","块",1,{"$nulls":5},259.1,259.1,null,3.738,1.26,0.086,"3.738*1.26*0.086",{"v":0.40504967999999997,"d":"0.405"}]
[645,"    HWB-28                  ","    花纹板-28                  ","PL6*1260                       ","块",1,{"$nulls":5},240.5,240.5,null,3.44,1.26,0.086,"3.44*1.26*0.086",{"v":0.37275839999999993,"d":"0.373"}]
[646,"    HWB-29                  ","    花纹板-29                  ","PL6*1260                       ","块",1,{"$nulls":5},240.5,240.5,null,3.44,1.26,0.086,"3.44*1.26*0.086",{"v":0.37275839999999993,"d":"0.373"}]
[647,"    HWB-30                  ","    花纹板-30                  ","PL6*1260                       ","块",1,{"$nulls":5},246.6,246.6,null,3.537,1.26,0.086,"3.537*1.26*0.086",{"v":0.38326931999999997,"d":"0.383"}]
[648,"    HWB-31                  ","    花纹板-31                  ","PL6*1260                       ","块",1,{"$nulls":5},246.6,246.6,null,3.537,1.26,0.086,"3.537*1.26*0.086",{"v":0.38326931999999997,"d":"0.383"}]
[649,"    HWB-32                  ","    花纹板-32                  ","PL6*1260                       ","块",1,{"$nulls":5},212.8,212.8,null,3.054,1.26,0.086,"3.054*1.26*0.086",{"v":0.33093143999999997,"d":"0.331"}]
[650,"    HWB-33                  ","    花纹板-33                  ","PL6*1260                       ","块",1,{"$nulls":5},212.8,212.8,null,3.054,1.26,0.086,"3.054*1.26*0.086",{"v":0.33093143999999997,"d":"0.331"}]
[651,"    HWB-34                  ","    花纹板-34                  ","PL6*1260                       ","块",8,{"$nulls":5},203.7,1629.6,null,2.909,1.26,0.086,"2.909*1.26*0.086",{"v":2.5217539199999996,"d":"2.522"}]
[652,"    HWB-35                  ","    花纹板-35                  ","PL6*1260                       ","块",8,{"$nulls":5},203.7,1629.6,null,2.909,1.26,0.086,"2.909*1.26*0.086",{"v":2.5217539199999996,"d":"2.522"}]
[653,"    HWB-36                  ","    花纹板-36                  ","PL6*1260                       ","块",1,{"$nulls":5},209.7,209.7,null,3.004,1.26,0.086,"3.004*1.26*0.086",{"v":0.32551344,"d":"0.326"}]
[654,"    HWB-37                  ","    花纹板-37                  ","PL6*1260                       ","块",1,{"$nulls":5},209.7,209.7,null,3.004,1.26,0.086,"3.004*1.26*0.086",{"v":0.32551344,"d":"0.326"}]
[655,"    HWB-38                  ","    花纹板-38                  ","PL6*1260                       ","块",10,{"$nulls":5},211.5,2115,null,3.034,1.26,0.086,"3.034*1.26*0.086",{"v":3.2876423999999993,"d":"3.288"}]
[656,"    HWB-39                  ","    花纹板-39                  ","PL6*1260                       ","块",10,{"$nulls":5},211.5,2115,null,3.034,1.26,0.086,"3.034*1.26*0.086",{"v":3.2876423999999993,"d":"3.288"}]
[657,"    HWB-40                  ","    花纹板-40                  ","PL6*1260                       ","块",1,{"$nulls":5},211.5,211.5,null,3.034,1.26,0.086,"3.034*1.26*0.086",{"v":0.32876423999999993,"d":"0.329"}]
[658,"    HWB-41                  ","    花纹板-41                  ","PL6*1260                       ","块",1,{"$nulls":5},211.5,211.5,null,3.034,1.26,0.086,"3.034*1.26*0.086",{"v":0.32876423999999993,"d":"0.329"}]
[659,"    HWB-42                  ","    花纹板-42                  ","PL6*1260                       ","块",1,{"$nulls":5},211.5,211.5,null,3.034,1.26,0.086,"3.034*1.26*0.086",{"v":0.32876423999999993,"d":"0.329"}]
[660,"    HWB-43                  ","    花纹板-43                  ","PL6*1260                       ","块",1,{"$nulls":5},211.5,211.5,null,3.034,1.26,0.086,"3.034*1.26*0.086",{"v":0.32876423999999993,"d":"0.329"}]
[661,"    HWB-44                  ","    花纹板-44                  ","PL6*1260                       ","块",1,{"$nulls":5},203.3,203.3,null,2.903,1.26,0.086,"2.903*1.26*0.086",{"$f":"O663*P663*Q663*F663","v":{"v":0.31456908,"d":"0.315"}}]
[662,"    HWB-45                  ","    花纹板-45                  ","PL6*1260                       ","块",1,{"$nulls":5},203.3,203.3,null,2.903,1.26,0.086,"2.903*1.26*0.086",{"v":0.31456908,"d":"0.315"}]
[663,"    HWB-46                  ","    花纹板-46                  ","PL6*1260                       ","块",1,{"$nulls":5},207.8,207.8,null,2.974,1.26,0.086,"2.974*1.26*0.086",{"v":0.32226264,"d":"0.322"}]
[664,"    HWB-47                  ","    花纹板-47                  ","PL6*1260                       ","块",1,{"$nulls":5},207.8,207.8,null,2.974,1.26,0.086,"2.974*1.26*0.086",{"v":0.32226264,"d":"0.322"}]
[665,"    HWB-48                  ","    花纹板-48                  ","PL6*1260                       ","块",1,{"$nulls":5},207.8,207.8,null,2.974,1.26,0.086,"2.974*1.26*0.086",{"v":0.32226264,"d":"0.322"}]
[666,"    HWB-49                  ","    花纹板-49                  ","PL6*1260                       ","块",1,{"$nulls":5},207.8,207.8,null,2.974,1.26,0.086,"2.974*1.26*0.086",{"v":0.32226264,"d":"0.322"}]
[667,"    HWB-50                  ","    花纹板-50                  ","PL6*1260                       ","块",24,{"$nulls":5},184.3,4423.200000000001,null,2.657,1.26,0.086,"2.657*1.26*0.086",{"v":6.90990048,"d":"6.910"}]
[668,"    HWB-51                  ","    花纹板-51                  ","PL6*1260                       ","块",24,{"$nulls":5},184.3,4423.200000000001,null,2.657,1.26,0.086,"2.657*1.26*0.086",{"v":6.90990048,"d":"6.910"}]
[669,"    HWB-52                  ","    花纹板-52                  ","PL6*1260                       ","块",10,{"$nulls":5},187.4,1874,null,2.707,1.26,0.086,"2.707*1.26*0.086",{"v":2.9333051999999995,"d":"2.933"}]
[670,"    HWB-53                  ","    花纹板-53                  ","PL6*1260                       ","块",10,{"$nulls":5},187.4,1874,null,2.707,1.26,0.086,"2.707*1.26*0.086",{"v":2.9333051999999995,"d":"2.933"}]
[671,"    HWB-54                  ","    花纹板-54                  ","PL6*1260                       ","块",1,{"$nulls":5},187.4,187.4,null,2.707,1.26,0.086,"2.707*1.26*0.086",{"v":0.29333051999999993,"d":"0.293"}]
[672,"    HWB-55                  ","    花纹板-55                  ","PL6*1260                       ","块",1,{"$nulls":5},187.4,187.4,null,2.707,1.26,0.086,"2.707*1.26*0.086",{"v":0.29333051999999993,"d":"0.293"}]
[673,"    HWB-56                  ","    花纹板-56                  ","PL6*1260                       ","块",1,{"$nulls":5},193.3,193.3,null,2.802,1.26,0.086,"2.802*1.26*0.086",{"v":0.30362471999999996,"d":"0.304"}]
[674,"    HWB-57                  ","    花纹板-57                  ","PL6*1260                       ","块",1,{"$nulls":5},193.3,193.3,null,2.802,1.26,0.086,"2.802*1.26*0.086",{"v":0.30362471999999996,"d":"0.304"}]
[675,"    HWB-58                  ","    花纹板-58                  ","PL6*1260                       ","块",1,{"$nulls":5},205.9,205.9,null,3.004,1.26,0.086,"3.004*1.26*0.086",{"v":0.32551344,"d":"0.326"}]
[676,"    HWB-59                  ","    花纹板-59                  ","PL6*1260                       ","块",1,{"$nulls":5},205.9,205.9,null,3.004,1.26,0.086,"3.004*1.26*0.086",{"v":0.32551344,"d":"0.326"}]
[677,"    HWB-60                  ","    花纹板-60                  ","PL6*1260                       ","块",1,{"$nulls":5},199.6,199.6,null,2.903,1.26,0.086,"2.903*1.26*0.086",{"v":0.31456908,"d":"0.315"}]
[678,"    HWB-61                  ","    花纹板-61                  ","PL6*1260                       ","块",1,{"$nulls":5},199.6,199.6,null,2.903,1.26,0.086,"2.903*1.26*0.086",{"v":0.31456908,"d":"0.315"}]
[679,"    HWB-62                  ","    花纹板-62                  ","PL6*1260                       ","块",1,{"$nulls":5},387.9,387.9,null,5.696,1.26,0.086,"5.696*1.26*0.086",{"v":0.6172185599999999,"d":"0.617"}]
[680,"    HWB-63                  ","    花纹板-63                  ","PL6*1260                       ","块",1,{"$nulls":5},387.9,387.9,null,5.696,1.26,0.086,"5.696*1.26*0.086",{"v":0.6172185599999999,"d":"0.617"}]
[681,"    HWB-64                  ","    花纹板-64                  ","PL6*1260                       ","块",10,{"$nulls":5},326.9,3269,null,4.771,1.26,0.086,"4.771*1.26*0.086",{"v":5.1698556,"d":"5.170"}]
[682,"    HWB-65                  ","    花纹板-65                  ","PL6*1260                       ","块",10,{"$nulls":5},326.9,3269,null,4.771,1.26,0.086,"4.771*1.26*0.086",{"v":5.1698556,"d":"5.170"}]
[683,"    HWB-66                  ","    花纹板-66                  ","PL6*1260                       ","块",1,{"$nulls":5},325,325,null,4.74,1.26,0.086,"4.74*1.26*0.086",{"v":0.5136264,"d":"0.514"}]
[684,"    HWB-67                  ","    花纹板-67                  ","PL6*1260                       ","块",1,{"$nulls":5},325,325,null,4.74,1.26,0.086,"4.74*1.26*0.086",{"v":0.5136264,"d":"0.514"}]
[685,"    HWB-68                  ","    花纹板-68                  ","PL6*1260                       ","块",8,{"$nulls":5},316.1,2528.8,null,4.599,1.26,0.086,"4.599*1.26*0.086",{"v":3.98678112,"d":"3.987"}]
[686,"    HWB-69                  ","    花纹板-69                  ","PL6*1260                       ","块",8,{"$nulls":5},316.1,2528.8,null,4.599,1.26,0.086,"4.599*1.26*0.086",{"v":3.98678112,"d":"3.987"}]
[687,"    HWB-70                  ","    花纹板-70                  ","PL6*1260                       ","块",1,{"$nulls":5},322.1,322.1,null,4.694,1.26,0.086,"4.694*1.26*0.086",{"v":0.5086418399999999,"d":"0.509"}]
[688,"    HWB-71                  ","    花纹板-71                  ","PL6*1260                       ","块",1,{"$nulls":5},322.1,322.1,null,4.694,1.26,0.086,"4.694*1.26*0.086",{"v":0.5086418399999999,"d":"0.509"}]
[689,"    HWB-72                  ","    花纹板-72                  ","PL6*1260                       ","块",1,{"$nulls":5},343.3,343.3,null,5.034,1.26,0.086,"5.034*1.26*0.086",{"v":0.54548424,"d":"0.545"}]
[690,"    HWB-73                  ","    花纹板-73                  ","PL6*1260                       ","块",1,{"$nulls":5},343.3,343.3,null,5.034,1.26,0.086,"5.034*1.26*0.086",{"v":0.54548424,"d":"0.545"}]
[691,"    HWB-74                  ","    花纹板-74                  ","PL6*1260                       ","块",1,{"$nulls":5},313,313,null,4.549,1.26,0.086,"4.549*1.26*0.086",{"v":0.49292964,"d":"0.493"}]
[692,"    HWB-75                  ","    花纹板-75                  ","PL6*1260                       ","块",1,{"$nulls":5},313,313,null,4.549,1.26,0.086,"4.549*1.26*0.086",{"v":0.49292964,"d":"0.493"}]
[693,"    HWB-76                  ","    花纹板-76                  ","PL6*1165                       ","块",1,{"$nulls":5},276.4,276.4,null,4.34,1.165,0.086,"4.34*1.165*0.086",{"v":0.43482459999999995,"d":"0.435"}]
[694,"    HWB-77                  ","    花纹板-77                  ","PL6*1260                       ","块",3,{"$nulls":5},296.8,890.4000000000001,null,4.34,1.26,0.086,"4.34*1.26*0.086",{"v":1.4108471999999999,"d":"1.411"}]
[695,"    HWB-78                  ","    花纹板-78                  ","PL6*1260                       ","块",2,{"$nulls":5},296.8,593.6,null,4.34,1.26,0.086,"4.34*1.26*0.086",{"v":0.9405647999999999,"d":"0.941"}]
[696,"    HWB-79                  ","    花纹板-79                  ","PL6*1260                       ","块",1,{"$nulls":5},197.8,197.8,null,2.91,1.26,0.086,"2.91*1.26*0.086",{"v":0.3153276,"d":"0.315"}]
[697,"    HWB-80                  ","    花纹板-80                  ","PL6*1260                       ","块",1,{"$nulls":5},197.8,197.8,null,2.91,1.26,0.086,"2.91*1.26*0.086",{"v":0.3153276,"d":"0.315"}]
[698,"    HWB-81                  ","    花纹板-81                  ","PL6*1165                       ","块",2,{"$nulls":5},363,726,null,5.696,1.165,0.086,"5.696*1.165*0.086",{"v":1.1413644799999998,"d":"1.141"}]
[699,"    HWB-82                  ","    花纹板-82                  ","PL6*1165                       ","块",20,{"$nulls":5},306.1,6122,null,4.771,1.165,0.086,"4.771*1.165*0.086",{"v":9.560129799999999,"d":"9.560"}]
[700,"    HWB-83                  ","    花纹板-83                  ","PL6*1165                       ","块",2,{"$nulls":5},304.4,608.8,null,4.74,1.165,0.086,"4.74*1.165*0.086",{"v":0.9498011999999999,"d":"0.950"}]
[701,"    HWB-84                  ","    花纹板-84                  ","PL6*1165                       ","块",16,{"$nulls":5},296.2,4739.2,null,4.599,1.165,0.086,"4.599*1.165*0.086",{"v":7.37238096,"d":"7.372"}]
[702,"    HWB-85                  ","    花纹板-85                  ","PL6*1165                       ","块",2,{"$nulls":5},301.7,603.4,null,4.694,1.165,0.086,"4.694*1.165*0.086",{"v":0.94058372,"d":"0.941"}]
[703,"    HWB-86                  ","    花纹板-86                  ","PL6*1165                       ","块",2,{"$nulls":5},321.3,642.6,null,5.034,1.165,0.086,"5.034*1.165*0.086",{"v":1.0087129199999998,"d":"1.009"}]
[704,"    HWB-87                  ","    花纹板-87                  ","PL6*1165                       ","块",2,{"$nulls":5},293.3,586.6,null,4.549,1.165,0.086,"4.549*1.165*0.086",{"v":0.91152862,"d":"0.912"}]
[705,"    HWB-88                  ","    花纹板-88                  ","PL6*1165                       ","块",6,{"$nulls":5},277.9,1667.3999999999999,null,4.34,1.165,0.086,"4.34*1.165*0.086",{"v":2.6089475999999996,"d":"2.609"}]
[706,"    HWB-89                  ","    花纹板-89                  ","PL6*1165                       ","块",1,{"$nulls":5},273.6,{"$f":"F708*L708","v":273.6},null,4.385,1.165,0.086,"4.385*1.165*0.086",{"v":0.43933315,"d":"0.439"}]
[707,"    HWB-90                  ","    花纹板-90                  ","PL6*1165                       ","块",2,{"$nulls":5},185.1,370.2,null,2.91,1.165,0.086,"2.91*1.165*0.086",{"v":0.5831058,"d":"0.583"}]
[708,"    HWB-91                  ","    花纹板-91                  ","PL6*1260                       ","块",1,{"$nulls":5},274.5,274.5,null,4.01,1.26,0.086,"4.01*1.26*0.086",{"v":0.43452359999999995,"d":"0.435"}]
[709,"    HWB-92                  ","    花纹板-92                  ","PL6*1260                       ","块",1,{"$nulls":5},274.5,274.5,null,4.01,1.26,0.086,"4.01*1.26*0.086",{"v":0.43452359999999995,"d":"0.435"}]
[710,"    HWB-93                  ","    花纹板-93                  ","PL6*1260                       ","块",29,{"$nulls":5},205.1,5947.9,null,3.009,1.26,0.086,"3.009*1.26*0.086",{"v":9.45560196,"d":"9.456"}]
[711,"    HWB-94                  ","    花纹板-94                  ","PL6*1260                       ","块",29,{"$nulls":5},205.1,5947.9,null,3.009,1.26,0.086,"3.009*1.26*0.086",{"v":9.45560196,"d":"9.456"}]
[712,"    HWB-95                  ","    花纹板-95                  ","PL6*1260                       ","块",1,{"$nulls":5},170.3,170.3,null,2.506,1.26,0.086,"2.506*1.26*0.086",{"v":0.27155015999999993,"d":"0.272"}]
[713,"    HWB-96                  ","    花纹板-96                  ","PL6*1260                       ","块",1,{"$nulls":5},170.3,170.3,null,2.506,1.26,0.086,"2.506*1.26*0.086",{"v":0.27155015999999993,"d":"0.272"}]
[714,"    HWB-97                  ","    花纹板-97                  ","PL6*1260                       ","块",10,{"$nulls":5},244.1,2441,null,3.513,1.26,0.086,"3.513*1.26*0.086",{"v":3.8066867999999996,"d":"3.807"}]
[715,"    HWB-98                  ","    花纹板-98                  ","PL6*1260                       ","块",10,{"$nulls":5},244.1,2441,null,3.513,1.26,0.086,"3.513*1.26*0.086",{"v":3.8066867999999996,"d":"3.807"}]
[716,"    HWB-99                  ","    花纹板-99                  ","PL6*1260                       ","块",1,{"$nulls":5},202.5,202.5,null,2.903,1.26,0.086,"2.903*1.26*0.086",{"v":0.31456908,"d":"0.315"}]
[717,"    HWB-100                 ","    花纹板-100                 ","PL6*1260                       ","块",1,{"$nulls":5},202.5,202.5,null,2.903,1.26,0.086,"2.903*1.26*0.086",{"v":0.31456908,"d":"0.315"}]
[718,"    HWB-101                 ","    花纹板-101                 ","PL6*1260                       ","块",1,{"$nulls":5},199,199,null,2.903,1.26,0.086,"2.903*1.26*0.086",{"v":0.31456908,"d":"0.315"}]
[719,"    HWB-102                 ","    花纹板-102                 ","PL6*1260                       ","块",1,{"$nulls":5},199,199,null,2.903,1.26,0.086,"2.903*1.26*0.086",{"v":0.31456908,"d":"0.315"}]
[720,"    HWB-103                 ","    花纹板-103                 ","PL6*950                        ","块",5,{"$nulls":5},239.3,1196.5,null,4.64,0.95,0.086,"4.64*0.95*0.086",{"v":1.8954399999999996,"d":"1.895"}]
[721,"    HWB-104                 ","    花纹板-104                 ","PL6*950                        ","块",1,{"$nulls":5},246.1,246.1,null,4.785,0.95,0.086,"4.785*0.95*0.086",{"v":0.39093449999999996,"d":"0.391"}]
[722,"    HWB-105                 ","    花纹板-105                 ","PL6*950                        ","块",8,{"$nulls":5},165.9,1327.2,null,3.191,0.95,0.086,"3.191*0.95*0.086",{"v":2.0856375999999996,"d":"2.086"}]
[723,"    HWB-106                 ","    花纹板-106                 ","PL6*950                        ","块",1,{"$nulls":5},164.4,164.4,null,3.16,0.95,0.086,"3.16*0.95*0.086",{"v":0.25817199999999996,"d":"0.258"}]
[724,"    HWB-107                 ","    花纹板-107                 ","PL6*950                        ","块",1,{"$nulls":5},150.1,150.1,null,2.911,0.95,0.086,"2.911*0.95*0.086",{"v":0.23782869999999998,"d":"0.238"}]
[725,"    HWB-108                 ","    花纹板-108                 ","PL6*950                        ","块",1,{"$nulls":5},156.2,156.2,null,3.041,0.95,0.086,"3.041*0.95*0.086",{"$f":"O727*P727*Q727*F727","v":{"v":0.24844969999999997,"d":"0.248"}}]
[726,"    HWB-109                 ","    花纹板-109                 ","PL6*1955                       ","块",5,{"$nulls":5},496,2480,null,4.64,1.955,0.086,"4.64*1.955*0.086",{"v":3.9006159999999994,"d":"3.901"}]
[727,"    HWB-110                 ","    花纹板-110                 ","PL6*1955                       ","块",5,{"$nulls":5},496,2480,null,4.64,1.955,0.086,"4.64*1.955*0.086",{"v":3.9006159999999994,"d":"3.901"}]
[728,"    HWB-111                 ","    花纹板-111                 ","PL6*1955                       ","块",1,{"$nulls":5},510.1,510.1,null,4.785,1.955,0.086,"4.785*1.955*0.086",{"v":0.80450205,"d":"0.805"}]
[729,"    HWB-112                 ","    花纹板-112                 ","PL6*1955                       ","块",1,{"$nulls":5},510.1,510.1,null,4.785,1.955,0.086,"4.785*1.955*0.086",{"v":0.80450205,"d":"0.805"}]
[730,"    HWB-113                 ","    花纹板-113                 ","PL6*1955                       ","块",8,{"$nulls":5},344,2752,null,3.191,1.955,0.086,"3.191*1.955*0.086",{"v":4.29202264,"d":"4.292"}]
[731,"    HWB-114                 ","    花纹板-114                 ","PL6*1955                       ","块",8,{"$nulls":5},344,2752,null,3.191,1.955,0.086,"3.191*1.955*0.086",{"v":4.29202264,"d":"4.292"}]
[732,"    HWB-115                 ","    花纹板-115                 ","PL6*1955                       ","块",1,{"$nulls":5},341,341,null,3.16,1.955,0.086,"3.16*1.955*0.086",{"v":0.5312908,"d":"0.531"}]
[733,"    HWB-116                 ","    花纹板-116                 ","PL6*1955                       ","块",1,{"$nulls":5},341,341,null,3.16,1.955,0.086,"3.16*1.955*0.086",{"v":0.5312908,"d":"0.531"}]
[734,"    HWB-117                 ","    花纹板-117                 ","PL6*1955                       ","块",1,{"$nulls":5},311,311,null,2.911,1.955,0.086,"2.911*1.955*0.086",{"v":0.48942643,"d":"0.489"}]
[735,"    HWB-118                 ","    花纹板-118                 ","PL6*1955                       ","块",1,{"$nulls":5},311,311,null,2.911,1.955,0.086,"2.911*1.955*0.086",{"v":0.48942643,"d":"0.489"}]
[736,"    HWB-119                 ","    花纹板-119                 ","PL6*1955                       ","块",1,{"$nulls":5},323.6,323.6,null,3.041,1.955,0.086,"3.041*1.955*0.086",{"v":0.5112833299999999,"d":"0.511"}]
[737,"    HWB-120                 ","    花纹板-120                 ","PL6*1955                       ","块",1,{"$nulls":5},323.6,323.6,null,3.041,1.955,0.086,"3.041*1.955*0.086",{"v":0.5112833299999999,"d":"0.511"}]
[738,"    HWB-121                 ","    花纹板-121                 ","PL6*985                        ","块",1,{"$nulls":5},248.7,248.7,null,4.734,0.985,0.086,"4.734*0.985*0.086",{"v":0.40101713999999994,"d":"0.401"}]
[739,"    HWB-122                 ","    花纹板-122                 ","PL6*985                        ","块",1,{"$nulls":5},224.7,224.7,null,4.24,0.985,0.086,"4.24*0.985*0.086",{"v":0.3591704,"d":"0.359"}]
[740,"    HWB-123                 ","    花纹板-123                 ","PL6*985                        ","块",1,{"$nulls":5},236.6,236.6,null,4.485,0.985,0.086,"4.485*0.985*0.086",{"v":0.37992434999999997,"d":"0.380"}]
[741,"    HWB-124                 ","    花纹板-124                 ","PL6*1155                       ","块",1,{"$nulls":5},282.5,282.5,null,4.59,1.155,0.086,"4.59*1.155*0.086",{"v":0.45592469999999996,"d":"0.456"}]
[742,"    HWB-125                 ","    花纹板-125                 ","PL6*1165                       ","块",1,{"$nulls":5},269.9,269.9,null,4.385,1.165,0.086,"4.385*1.165*0.086",{"v":0.43933315,"d":"0.439"}]
[743,"    HWB-126                 ","    花纹板-126                 ","PL6*1260                       ","块",1,{"$nulls":5},290.5,290.5,null,4.385,1.26,0.086,"4.385*1.26*0.086",{"v":0.4751586,"d":"0.475"}]
[744,"    HWB-127                 ","    花纹板-127                 ","PL6*1165                       ","块",1,{"$nulls":5},273,273,null,4.385,1.165,0.086,"4.385*1.165*0.086",{"v":0.43933315,"d":"0.439"}]
[745,"    HWB-128                 ","    花纹板-128                 ","PL6*930                        ","块",1,{"$nulls":5},224.7,224.7,null,0.93,4.88,0.006,"0.93*4.88*0.006",{"v":0.027230400000000002,"d":"0.027"}]
[746,"    HWB-129                 ","    花纹板-129                 ","PL6*780                        ","块",2,{"$nulls":5},165.6,331.2,null,4.29,0.78,0.006,"4.29*0.78*0.006",{"v":0.0401544,"d":"0.040"}]
[747,"    HWB-130                 ","    花纹板-130                 ","PL6*1060                       ","块",1,{"$nulls":5},240.8,240.8,null,4.59,1.06,0.006,"4.59*1.06*0.006",{"v":0.0291924,"d":"0.029"}]
[748,"    HWB-131                 ","    花纹板-131                 ","PL6*1165                       ","块",2,{"$nulls":5},196.9,393.8,null,3.009,1.165,0.086,"3.009*1.165*0.086",{"v":0.60294342,"d":"0.603"}]
[749,"    HWB-132                 ","    花纹板-132                 ","PL6*1260                       ","块",1,{"$nulls":5},208.6,208.6,null,3.009,1.26,0.086,"3.009*1.26*0.086",{"v":0.32605523999999997,"d":"0.326"}]
[750,"    HWB-133                 ","    花纹板-133                 ","PL6*1260                       ","块",1,{"$nulls":5},208.6,208.6,null,3.009,1.26,0.086,"3.009*1.26*0.086",{"v":0.32605523999999997,"d":"0.326"}]
[751,"    SC-1-1                    ","    水平支撑-1-1                    ","L75*6                          ","根",4,{"$nulls":5},{"$f":"143.5/2","v":71.75},287,null,4.901,0.462,0.16,"4.901*0.462*0.16",{"v":1.44912768,"d":"1.449"}]
[752,"    SC-1-2                    ","    水平支撑-1-2                    ","L75*6                          ","根",8,{"$nulls":5},{"$f":"L753/2","v":35.875},287,null,2.358,0.105,0.16,"2.358*0.105*0.16",{"v":0.3169152,"d":"0.317"}]
[753,"    SC-2-1                    ","    水平支撑-2-1                    ","PIP203*8                       ","根",5,{"$nulls":5},{"$f":"421.5/2","v":210.75},1053.75,null,5.474,0.23,0.23,"5.474*0.23*0.23",{"v":1.447873,"d":"1.448"}]
[754,"    SC-2-2                    ","    水平支撑-2-2                    ","PIP203*8                       ","根",10,{"$nulls":5},{"$f":"L755/2","v":105.375},1053.75,null,2.737,0.23,0.23,"2.737*0.23*0.23",{"v":1.447873,"d":"1.448"}]
[755,"    SC-3-1                    ","    水平支撑-3-1                    ","L75*6                          ","根",8,{"$nulls":5},{"$f":"158.6/2","v":79.3},634.4,null,5.458,0.454,0.16,"5.458*0.454*0.16",{"v":3.17175296,"d":"3.172"}]
[756,"    SC-3-2                    ","    水平支撑-3-2                    ","L75*6                          ","根",16,{"$nulls":5},{"$f":"L757/2","v":39.65},634.4,null,2.659,0.105,0.16,"2.659*0.105*0.16",{"v":0.7147391999999999,"d":"0.715"}]
[757,"    SC-4-1                    ","    水平支撑-4-1                    ","L75*6                          ","根",15,{"$nulls":5},{"$f":"151.1/2","v":75.55},1133.25,null,5.183,0.463,0.16,"5.183*0.463*0.16",{"v":5.759349600000001,"d":"5.759"}]
[758,"    SC-4-2                    ","    水平支撑-4-2                    ","L75*6                          ","根",30,{"$nulls":5},{"$f":"L759/2","v":37.775},1133.25,null,2.514,0.105,0.16,"2.514*0.105*0.16",{"v":1.267056,"d":"1.267"}]
[759,"    SC-5-1                    ","    水平支撑-5-1                    ","L75*6                          ","根",1,{"$nulls":5},{"$f":"151.6/2","v":75.8},75.8,null,5.243,0.433,0.16,"5.243*0.433*0.16",{"v":0.36323504,"d":"0.363"}]
[760,"    SC-5-2                    ","    水平支撑-5-2                    ","L75*6                          ","根",2,{"$nulls":5},{"$f":"L761/2","v":37.9},75.8,null,2.556,0.105,0.16,"2.556*0.105*0.16",{"v":0.0858816,"d":"0.086"}]
[761,"    SC-6-1                    ","    水平支撑-6-1                    ","L75*6                          ","根",2,{"$nulls":5},{"$f":"162.5/2","v":81.25},162.5,null,5.602,0.426,0.16,"5.602*0.426*0.16",{"v":0.7636646400000001,"d":"0.764"}]
[762,"    SC-6-2                    ","    水平支撑-6-2                    ","L75*6                          ","根",4,{"$nulls":5},{"$f":"L763/2","v":40.625},162.5,null,2.745,0.105,0.16,"2.745*0.105*0.16",{"v":0.18446400000000002,"d":"0.184"}]
[763,"    SC-7-1                    ","    水平支撑-7-1                    ","L75*6                          ","根",1,{"$nulls":5},{"$f":"156.3/2","v":78.15},78.15,null,5.417,0.427,0.16,"5.417*0.427*0.16",{"v":0.37008944,"d":"0.370"}]
[764,"    SC-7-2                    ","    水平支撑-7-2                    ","L75*6                          ","根",2,{"$nulls":5},{"$f":"L765/2","v":39.075},78.15,null,2.649,0.105,0.16,"2.649*0.105*0.16",{"v":0.0890064,"d":"0.089"}]
[765,"    SC-8-1                    ","    水平支撑-8-1                    ","L75*6                          ","根",5,{"$nulls":5},{"$f":"166/2","v":83},415,null,5.734,0.419,0.16,"5.734*0.419*0.16",{"v":1.9220368,"d":"1.922"}]
[766,"    SC-8-2                    ","    水平支撑-8-2                    ","L75*6                          ","根",10,{"$nulls":5},{"$f":"L767/2","v":41.5},415,null,2.813,0.105,0.16,"2.813*0.105*0.16",{"v":0.472584,"d":"0.473"}]
[767,"    SC-9-1                    ","    水平支撑-9-1                    ","L75*6                          ","根",2,{"$nulls":5},{"$f":"136/2","v":68},136,null,4.694,0.437,0.16,"4.694*0.437*0.16",{"v":0.65640896,"d":"0.656"}]
[768,"    SC-9-2                    ","    水平支撑-9-2                    ","L75*6                          ","根",4,{"$nulls":5},{"$f":"L769/2","v":34},136,null,2.244,0.105,0.16,"2.244*0.105*0.16",{"v":0.1507968,"d":"0.151"}]
[769,"    SC-10-1                   ","    水平支撑-10-1                   ","L75*6                          ","根",2,{"$nulls":5},{"$f":"141.2/2","v":70.6},141.2,null,4.887,0.446,0.16,"4.887*0.446*0.16",{"v":0.69747264,"d":"0.697"}]
[770,"    SC-10-2                   ","    水平支撑-10-2                   ","L75*6                          ","根",4,{"$nulls":5},{"$f":"L771/2","v":35.3},{"$f":"F772*L772","v":141.2},null,2.36,0.105,0.16,"2.36*0.105*0.16",{"v":0.15859199999999998,"d":"0.159"}]
[771,"    SC-11-1                   ","    水平支撑-11-1                   ","L75*6                          ","根",8,{"$nulls":5},{"$f":"145/2","v":72.5},580,null,5.031,0.447,0.16,"5.031*0.447*0.16",{"v":2.8785369600000004,"d":"2.879"}]
[772,"    SC-11-2                   ","    水平支撑-11-2                   ","L75*6                          ","根",16,{"$nulls":5},{"$f":"L773/2","v":36.25},580,null,2.441,0.105,0.16,"2.441*0.105*0.16",{"v":0.6561407999999999,"d":"0.656"}]
[773,"    SC-12-1                   ","    水平支撑-12-1                   ","L75*6                          ","根",1,{"$nulls":5},{"$f":"145.3/2","v":72.65},72.65,null,4.965,0.464,0.16,"4.965*0.464*0.16",{"v":0.36860160000000003,"d":"0.369"}]
[774,"    SC-12-2                   ","    水平支撑-12-2                   ","L75*6                          ","根",2,{"$nulls":5},{"$f":"L775/2","v":36.325},72.65,null,2.394,0.105,0.16,"2.394*0.105*0.16",{"v":0.0804384,"d":"0.080"}]
[775,"    SC-13-1                   ","    水平支撑-13-1                   ","L75*6                          ","根",1,{"$nulls":5},{"$f":"145.3/2","v":72.65},72.65,null,4.965,0.464,0.16,"4.965*0.464*0.16",{"v":0.36860160000000003,"d":"0.369"}]
[776,"    SC-13-2                   ","    水平支撑-13-2                   ","L75*6                          ","根",2,{"$nulls":5},{"$f":"L777/2","v":36.325},72.65,null,2.394,0.105,0.16,"2.394*0.105*0.16",{"v":0.0804384,"d":"0.080"}]
[777,"    SC-14-1                   ","    水平支撑-14-1                   ","L75*6                          ","根",8,{"$nulls":5},{"$f":"149.3/2","v":74.65},597.2,null,5.116,0.464,0.16,"5.116*0.464*0.16",{"v":3.03849472,"d":"3.038"}]
[778,"    SC-14-2                   ","    水平支撑-14-2                   ","L75*6                          ","根",16,{"$nulls":5},{"$f":"L779/2","v":37.325},597.2,null,2.477,0.105,0.16,"2.477*0.105*0.16",{"v":0.6658175999999999,"d":"0.666"}]
[779,"    SC-15-1                   ","    水平支撑-15-1                   ","L75*6                          ","根",1,{"$nulls":5},{"$f":"153.1/2","v":76.55},76.55,null,5.254,0.461,0.16,"5.254*0.461*0.16",{"v":0.38753504,"d":"0.388"}]
[780,"    SC-15-2                   ","    水平支撑-15-2                   ","L75*6                          ","根",2,{"$nulls":5},{"$f":"L781/2","v":38.275},76.55,null,2.551,0.105,0.16,"2.551*0.105*0.16",{"v":0.0857136,"d":"0.086"}]
[781,"    SC-16-1                   ","    水平支撑-16-1                   ","L75*6                          ","根",8,{"$nulls":5},{"$f":"158.6/2","v":79.3},634.4,null,5.458,0.454,0.16,"5.458*0.454*0.16",{"v":3.17175296,"d":"3.172"}]
[782,"    SC-16-2                   ","    水平支撑-16-2                   ","L75*6                          ","根",16,{"$nulls":5},{"$f":"L783/2","v":39.65},634.4,null,2.659,0.105,0.16,"2.659*0.105*0.16",{"v":0.7147391999999999,"d":"0.715"}]
[783,"    SC-17-1                   ","    水平支撑-17-1                   ","PIP203*8                       ","根",2,{"$nulls":5},{"$f":"430.3/2","v":215.15},430.3,null,5.59,0.23,0.23,"5.59*0.23*0.23",{"v":0.591422,"d":"0.591"}]
[784,"    SC-17-2                   ","    水平支撑-17-2                   ","PIP203*8                       ","根",4,{"$nulls":5},{"$f":"L785/2","v":107.575},430.3,null,2.785,0.23,0.23,"2.785*0.23*0.23",{"v":0.5893060000000001,"d":"0.589"}]
[785,"    SC-18-1                   ","    水平支撑-18-1                   ","L75*6                          ","根",3,{"$nulls":5},{"$f":"153.1/2","v":76.55},229.64999999999998,null,5.254,0.461,0.16,"5.254*0.461*0.16",{"v":1.16260512,"d":"1.163"}]
[786,"    SC-18-2                   ","    水平支撑-18-2                   ","L75*6                          ","根",6,{"$nulls":5},{"$f":"L787/2","v":38.275},229.64999999999998,null,2.551,0.105,0.16,"2.551*0.105*0.16",{"v":0.2571408,"d":"0.257"}]
[787,"    SC-19-1                   ","    水平支撑-19-1                   ","PIP203*8                       ","根",6,{"$nulls":5},{"$f":"440.4/2","v":220.2},1321.1999999999998,null,5.722,0.23,0.23,"5.722*0.23*0.23",{"v":1.8161628000000003,"d":"1.816"}]
[788,"    SC-19-2                   ","    水平支撑-19-2                   ","PIP203*8                       ","根",12,{"$nulls":5},{"$f":"L789/2","v":110.1},1321.1999999999998,null,2.851,0.23,0.23,"2.851*0.23*0.23",{"v":1.8098148,"d":"1.810"}]
[789,"    SC-20-1                   ","    水平支撑-20-1                   ","PIP203*8                       ","根",2,{"$nulls":5},{"$f":"357/2","v":178.5},357,null,4.647,0.23,0.23,"4.647*0.23*0.23",{"$f":"O791*P791*Q791*F791","v":{"v":0.49165260000000005,"d":"0.492"}}]
[790,"    SC-20-2                   ","    水平支撑-20-2                   ","PIP203*8                       ","根",4,{"$nulls":5},{"$f":"L791/2","v":89.25},357,null,2.313,0.23,0.23,"2.313*0.23*0.23",{"v":0.4894308000000001,"d":"0.489"}]
[791,"    SC-21-1                   ","    水平支撑-21-1                   ","L75*6                          ","根",1,{"$nulls":5},{"$f":"144.3/2","v":72.15},72.15,null,4.929,0.463,0.16,"4.929*0.463*0.16",{"v":0.36514032,"d":"0.365"}]
[792,"    SC-21-2                   ","    水平支撑-21-2                   ","L75*6                          ","根",2,{"$nulls":5},{"$f":"L793/2","v":36.075},72.15,null,2.374,0.105,0.16,"2.374*0.105*0.16",{"v":0.0797664,"d":"0.080"}]
[793,"    SC-22-1                   ","    水平支撑-22-1                   ","L75*6                          ","根",1,{"$nulls":5},{"$f":"144.3/2","v":72.15},72.15,null,4.929,0.463,0.16,"4.929*0.463*0.16",{"v":0.36514032,"d":"0.365"}]
[794,"    SC-22-2                   ","    水平支撑-22-2                   ","L75*6                          ","根",2,{"$nulls":5},{"$f":"L795/2","v":36.075},72.15,null,2.374,0.105,0.16,"2.374*0.105*0.16",{"v":0.0797664,"d":"0.080"}]
[795,"    SC-23-1                   ","    水平支撑-23-1                   ","PIP203*8                       ","根",8,{"$nulls":5},{"$f":"449.4/2","v":224.7},1797.6,null,5.841,0.23,0.23,"5.841*0.23*0.23",{"v":2.4719112000000005,"d":"2.472"}]
[796,"    SC-23-2                   ","    水平支撑-23-2                   ","PIP203*8                       ","根",16,{"$nulls":5},{"$f":"L797/2","v":112.35},1797.6,null,2.91,0.23,0.23,"2.91*0.23*0.23",{"v":2.4630240000000003,"d":"2.463"}]
[797,"    SC-24-1                   ","    水平支撑-24-1                   ","PIP203*8                       ","根",3,{"$nulls":5},{"$f":"436.5/2","v":218.25},654.75,null,5.671,0.23,0.23,"5.671*0.23*0.23",{"v":0.8999877000000001,"d":"0.900"}]
[798,"    SC-24-2                   ","    水平支撑-24-2                   ","PIP203*8                       ","根",6,{"$nulls":5},{"$f":"L799/2","v":109.125},654.75,null,2.825,0.23,0.23,"2.825*0.23*0.23",{"v":0.896655,"d":"0.897"}]
[799,"    SC-25-1                   ","    水平支撑-25-1                   ","PIP203*8                       ","根",1,{"$nulls":5},{"$f":"475/2","v":237.5},237.5,null,6.176,0.23,0.23,"6.176*0.23*0.23",{"v":0.32671040000000007,"d":"0.327"}]
[800,"    SC-25-2                   ","    水平支撑-25-2                   ","PIP203*8                       ","根",2,{"$nulls":5},{"$f":"L801/2","v":118.75},237.5,null,3.078,0.23,0.23,"3.078*0.23*0.23",{"v":0.3256524,"d":"0.326"}]
[801,"    SC-26-1                   ","    水平支撑-26-1                   ","PIP203*8                       ","根",9,{"$nulls":5},{"$f":"440.5/2","v":220.25},1982.25,null,5.723,0.23,0.23,"5.723*0.23*0.23",{"v":2.7247203,"d":"2.725"}]
[802,"    SC-26-2                   ","    水平支撑-26-2                   ","PIP203*8                       ","根",18,{"$nulls":5},{"$f":"L803/2","v":110.125},1982.25,null,2.851,0.23,0.23,"2.851*0.23*0.23",{"v":2.7147222,"d":"2.715"}]
[803,"    WLT-1                   ","    屋檩条-1                   ","C160*70*20*3.0                 ","根",18,{"$nulls":5},33.5,603,null,4.34,0.07,0.16,"4.34*0.07*0.16",{"$f":"O805*P805*Q805*F805/2","v":{"v":0.437472,"d":"0.437"}}]
[804,"    WLT-2                   ","    屋檩条-2                   ","C160*70*20*3.0                 ","根",6,{"$nulls":5},35.5,213,null,4.59,0.07,0.16,"4.59*0.07*0.16",{"$f":"O806*P806*Q806*F806/2","v":{"v":0.15422400000000003,"d":"0.154"}}]
[805,"    WLT-3                   ","    屋檩条-3                   ","C160*70*20*3.0                 ","根",6,{"$nulls":5},32.8,196.79999999999998,null,4.24,0.07,0.16,"4.24*0.07*0.16",{"v":0.14246400000000004,"d":"0.142"}]
[806,"    WLT-4                   ","    屋檩条-4                   ","C160*70*20*3.0                 ","根",36,{"$nulls":5},35.8,1288.8,null,4.64,0.07,0.16,"4.64*0.07*0.16",{"v":0.9354240000000001,"d":"0.935"}]
[807,"    WLT-5                   ","    屋檩条-5                   ","C160*70*20*3.0                 ","根",12,{"$nulls":5},22.6,271.20000000000005,null,2.92,0.07,0.16,"2.92*0.07*0.16",{"v":0.196224,"d":"0.196"}]
[808,"    WLT-6                   ","    屋檩条-6                   ","C160*70*20*3.0                 ","根",6,{"$nulls":5},19.2,115.19999999999999,null,2.49,0.07,0.16,"2.49*0.07*0.16",{"v":0.08366400000000002,"d":"0.084"}]
[809,"    WLT-7                   ","    屋檩条-7                   ","C160*70*20*3.0                 ","根",48,{"$nulls":5},24.6,1180.8000000000002,null,3.19,0.07,0.16,"3.19*0.07*0.16",{"v":0.857472,"d":"0.857"}]
[810,"    WLT-8                   ","    屋檩条-8                   ","C160*70*20*3.0                 ","根",6,{"$nulls":5},24.7,148.2,null,3.195,0.07,0.16,"3.195*0.07*0.16",{"v":0.107352,"d":"0.107"}]
[811,"    WLT-9                   ","    屋檩条-9                   ","C160*70*20*3.0                 ","根",6,{"$nulls":5},23.5,141,null,3.04,0.07,0.16,"3.04*0.07*0.16",{"v":0.10214400000000001,"d":"0.102"}]
[812,"    WLT-10                  ","    屋檩条-10                  ","C160*70*20*3.0                 ","根",6,{"$nulls":5},20.4,122.39999999999999,null,2.645,0.07,0.16,"2.645*0.07*0.16",{"v":0.088872,"d":"0.089"}]
[813,"    XLT-1                   ","    斜拉条-1                   ","D12                            ","根",48,{"$nulls":5},2.1,100.80000000000001,null,1.405,0.012,0.012,"1.405*0.012*0.012",{"v":0.00971136,"d":"0.010"}]
[814,"    XLT-2                   ","    斜拉条-2                   ","D12                            ","根",8,{"$nulls":5},2.1,16.8,null,1.405,0.012,0.012,"1.405*0.012*0.012",{"v":1.61856E-3,"d":"0.002"}]
[815,"    XLT-3                   ","    斜拉条-3                   ","D12                            ","根",8,{"$nulls":5},2,16,null,1.405,0.012,0.012,"1.405*0.012*0.012",{"v":1.61856E-3,"d":"0.002"}]
[816,"    XLT-4                   ","    斜拉条-4                   ","D12                            ","根",24,{"$nulls":5},2,48,null,1.405,0.012,0.012,"1.405*0.012*0.012",{"v":0.00485568,"d":"0.005"}]
[817,"    YC-1                    ","    隅撑-1                    ","L50*6                          ","根",96,{"$nulls":5},3.2,307.20000000000005,null,0.732,0.05,0.05,"0.732*0.05*0.05",{"v":0.17568,"d":"0.176"}]
[818,"    YC-2                    ","    隅撑-2                    ","L50*6                          ","根",8,{"$nulls":5},4.1,32.8,null,0.924,0.05,0.05,"0.924*0.05*0.05",{"v":0.018480000000000003,"d":"0.018"}]
[819,"    ZC-1                    ","    柱间支撑-1                    ","C28A                           ","片",1,{"$nulls":5},510.5,510.5,null,5.87,0.844,0.597,"5.87*0.844*0.597",{"v":2.9577051599999997,"d":"2.958"}]
[820,"    ZC-2                    ","    柱间支撑-2                    ","C28A                           ","片",1,{"$nulls":5},653.6,653.6,null,7.504,0.844,0.597,"7.504*0.844*0.597",{"v":3.7810254719999996,"d":"3.781"}]
[821,"    ZC-3                    ","    柱间支撑-3                    ","C28A                           ","片",1,{"$nulls":5},888,888,null,9.275,0.844,0.789,"9.275*0.844*0.789",{"v":6.1763709,"d":"6.176"}]
[822,"    ZC-4                    ","    柱间支撑-4                    ","C28A                           ","片",1,{"$nulls":5},472.9,472.9,null,5.286,0.844,0.597,"5.286*0.844*0.597",{"v":2.6634462479999996,"d":"2.663"}]
[823,"    ZC-5                    ","    柱间支撑-5                    ","C28A                           ","片",1,{"$nulls":5},470.6,470.6,null,5.286,0.844,0.597,"5.286*0.844*0.597",{"v":2.6634462479999996,"d":"2.663"}]
[824,"    ZC-6                    ","    柱间支撑-6                    ","C28A                           ","片",1,{"$nulls":5},513.6,513.6,null,5.949,0.844,0.597,"5.949*0.844*0.597",{"v":2.997510732,"d":"2.998"}]
[825,"    ZC-7                    ","    柱间支撑-7                    ","C28A                           ","片",1,{"$nulls":5},592.1,592.1,null,6.612,0.844,0.597,"6.612*0.844*0.597",{"v":3.331575216,"d":"3.332"}]
[826,"    ZC-8                    ","    柱间支撑-8                    ","C28A                           ","片",1,{"$nulls":5},635.7,635.7,null,7.275,0.844,0.597,"7.275*0.844*0.597",{"v":3.6656397,"d":"3.666"}]
[827,"    ZC-9                    ","    柱间支撑-9                    ","C28A                           ","片",1,{"$nulls":5},714.8,714.8,null,7.938,0.844,0.597,"7.938*0.844*0.597",{"v":3.9997041839999996,"d":"4.000"}]
[828,"    ZC-10                   ","    柱间支撑-10                   ","C28A                           ","片",3,{"$nulls":5},714.8,2144.3999999999996,null,7.938,0.844,0.597,"7.938*0.844*0.597",{"v":11.999112552,"d":"11.999"}]
[829,"    ZC-11                   ","    柱间支撑-11                   ","C28A                           ","片",1,{"$nulls":5},758.7,758.7,null,8.603,0.844,0.597,"8.603*0.844*0.597",{"v":4.334776403999999,"d":"4.335"}]
[830,"    ZC-12                   ","    柱间支撑-12                   ","C28A                           ","片",1,{"$nulls":5},758.7,758.7,null,8.603,0.844,0.597,"8.603*0.844*0.597",{"v":4.334776403999999,"d":"4.335"}]
[831,"    ZC-13                   ","    柱间支撑-13                   ","C28A                           ","片",1,{"$nulls":5},758.7,758.7,null,8.603,0.844,0.597,"8.603*0.844*0.597",{"v":4.334776403999999,"d":"4.335"}]
[832,"    ZC-14                   ","    柱间支撑-14                   ","C28A                           ","片",1,{"$nulls":5},758.7,758.7,null,8.603,0.844,0.597,"8.603*0.844*0.597",{"v":4.334776403999999,"d":"4.335"}]
[833,"    ZC-15                   ","    柱间支撑-15                   ","C28A                           ","片",1,{"$nulls":5},473.1,473.1,null,5.302,0.844,0.597,"5.302*0.844*0.597",{"v":2.6715081359999995,"d":"2.672"}]
[834,"    ZC-16                   ","    柱间支撑-16                   ","C28A                           ","片",1,{"$nulls":5},517.9,{"$f":"F836*L836","v":517.9},null,5.961,0.844,0.597,"5.961*0.844*0.597",{"v":3.0035571479999996,"d":"3.004"}]
[835,"    ZC-17                   ","    柱间支撑-17                   ","C28A                           ","片",1,{"$nulls":5},592.6,592.6,null,6.62,0.844,0.597,"6.62*0.844*0.597",{"v":3.3356061599999998,"d":"3.336"}]
[836,"    ZC-18                   ","    柱间支撑-18                   ","C28A                           ","片",1,{"$nulls":5},636,636,null,7.279,0.844,0.597,"7.279*0.844*0.597",{"v":3.6676551719999995,"d":"3.668"}]
[837,"    ZC-19                   ","    柱间支撑-19                   ","C28A                           ","片",1,{"$nulls":5},888,888,null,9.275,0.844,0.789,"9.275*0.844*0.789",{"v":6.1763709,"d":"6.176"}]
[838,"    ZC-20                   ","    柱间支撑-20                   ","C28A                           ","片",1,{"$nulls":5},888,888,null,9.275,0.844,0.789,"9.275*0.844*0.789",{"v":6.1763709,"d":"6.176"}]
[839,"    ZC-21                   ","    柱间支撑-21                   ","C28A                           ","片",1,{"$nulls":5},888,888,null,9.275,0.844,0.789,"9.275*0.844*0.789",{"v":6.1763709,"d":"6.176"}]
[840,"    ZC-22                   ","    柱间支撑-22                   ","C28A                           ","片",1,{"$nulls":5},474.4,474.4,null,5.31,0.844,0.597,"5.31*0.844*0.597",{"v":2.6755390799999996,"d":"2.676"}]
[841,"    ZC-23                   ","    柱间支撑-23                   ","C28A                           ","片",1,{"$nulls":5},474.4,474.4,null,5.31,0.844,0.597,"5.31*0.844*0.597",{"v":2.6755390799999996,"d":"2.676"}]
[842,"    ZC-24                   ","    柱间支撑-24                   ","C28A                           ","片",2,{"$nulls":5},518.7,1037.4,null,5.959,0.844,0.597,"5.959*0.844*0.597",{"v":6.005098823999999,"d":"6.005"}]
[843,"    ZC-25                   ","    柱间支撑-25                   ","C28A                           ","片",2,{"$nulls":5},591.9,1183.8,null,6.608,0.844,0.597,"6.608*0.844*0.597",{"v":6.659119488,"d":"6.659"}]
[844,"    ZC-26                   ","    柱间支撑-26                   ","C28A                           ","片",2,{"$nulls":5},635.6,1271.2,null,7.273,0.844,0.597,"7.273*0.844*0.597",{"v":7.329263928,"d":"7.329"}]
[845,"    ZC-27                   ","    柱间支撑-27                   ","C28A                           ","片",1,{"$nulls":5},469.5,469.5,null,5.23,0.844,0.597,"5.23*0.844*0.597",{"v":2.6352296400000004,"d":"2.635"}]
[846,"    ZC-28                   ","    柱间支撑-28                   ","C28A                           ","片",1,{"$nulls":5},509,509,null,5.817,0.844,0.597,"5.817*0.844*0.597",{"v":2.931000156,"d":"2.931"}]
[847,"    ZC-29                   ","    柱间支撑-29                   ","C28A                           ","片",1,{"$nulls":5},579.4,579.4,null,6.405,0.844,0.597,"6.405*0.844*0.597",{"v":3.2272745400000002,"d":"3.227"}]
[848,"    ZC-30                   ","    柱间支撑-30                   ","C28A                           ","片",1,{"$nulls":5},618.4,618.4,null,6.992,0.844,0.597,"6.992*0.844*0.597",{"v":3.523045056,"d":"3.523"}]
[849,"    ZC-31                   ","    柱间支撑-31                   ","C28A                           ","片",1,{"$nulls":5},658.3,658.3,null,7.58,0.844,0.597,"7.58*0.844*0.597",{"v":3.8193194399999997,"d":"3.819"}]
[850,"    ZC-32                   ","    柱间支撑-32                   ","C28A                           ","片",1,{"$nulls":5},729.9,729.9,null,8.168,0.844,0.597,"8.168*0.844*0.597",{"v":4.115593823999999,"d":"4.116"}]
[851,"    ZC-33                   ","    柱间支撑-33                   ","C28A                           ","片",1,{"$nulls":5},768.7,768.7,null,8.755,0.844,0.597,"8.755*0.844*0.597",{"v":4.41136434,"d":"4.411"}]
[852,"    ZC-34                   ","    柱间支撑-34                   ","C28A                           ","片",1,{"$nulls":5},895,895,null,9.349,0.844,0.789,"9.349*0.844*0.789",{"v":6.225648684,"d":"6.226"}]
[853,"    ZC-35                   ","    柱间支撑-35                   ","C28A                           ","片",1,{"$nulls":5},454.2,454.2,null,5.044,0.844,0.597,"5.044*0.844*0.597",{"$f":"O855*P855*Q855*F855","v":{"v":2.541510191999999,"d":"2.542"}}]
[854,"    ZC-36                   ","    柱间支撑-36                   ","C28A                           ","片",1,{"$nulls":5},483.2,483.2,null,5.452,0.844,0.597,"5.452*0.844*0.597",{"v":2.7470883359999996,"d":"2.747"}]
[855,"    ZC-37                   ","    柱间支撑-37                   ","C28A                           ","片",1,{"$nulls":5},512.7,512.7,null,5.861,0.844,0.597,"5.861*0.844*0.597",{"v":2.9531703479999996,"d":"2.953"}]
[856,"    ZC-38                   ","    柱间支撑-38                   ","C28A                           ","片",1,{"$nulls":5},537.8,537.8,null,6.27,0.844,0.597,"6.27*0.844*0.597",{"v":3.159252359999999,"d":"3.159"}]
[857,"    ZC-39                   ","    柱间支撑-39                   ","C28A                           ","片",1,{"$nulls":5},596.8,596.8,null,6.679,0.844,0.597,"6.679*0.844*0.597",{"v":3.365334372,"d":"3.365"}]
[858,"    ZC-40                   ","    柱间支撑-40                   ","C28A                           ","片",1,{"$nulls":5},624.3,624.3,null,7.088,0.844,0.597,"7.088*0.844*0.597",{"v":3.571416384,"d":"3.571"}]
[859,"    ZC-41                   ","    柱间支撑-41                   ","C28A                           ","片",1,{"$nulls":5},653.6,653.6,null,7.504,0.844,0.597,"7.504*0.844*0.597",{"v":3.7810254719999996,"d":"3.781"}]
[860,"    ZC-42                   ","    柱间支撑-42                   ","C28A                           ","片",1,{"$nulls":5},653.6,653.6,null,7.504,0.844,0.597,"7.504*0.844*0.597",{"v":3.7810254719999996,"d":"3.781"}]
[861,"    ZC-43                   ","    柱间支撑-43                   ","C28A                           ","片",1,{"$nulls":5},453.5,453.5,null,5.032,0.844,0.597,"5.032*0.844*0.597",{"v":2.535463776,"d":"2.535"}]
[862,"    ZC-44                   ","    柱间支撑-44                   ","C28A                           ","片",1,{"$nulls":5},479.9,479.9,null,5.426,0.844,0.597,"5.426*0.844*0.597",{"v":2.733987768,"d":"2.734"}]
[863,"    ZC-45                   ","    柱间支撑-45                   ","C28A                           ","片",1,{"$nulls":5},507,507,null,5.841,0.844,0.597,"5.841*0.844*0.597",{"v":2.9430929879999996,"d":"2.943"}]
[864,"    ZC-46                   ","    柱间支撑-46                   ","C28A                           ","片",1,{"$nulls":5},536.9,536.9,null,6.256,0.844,0.597,"6.256*0.844*0.597",{"v":3.152198208,"d":"3.152"}]
[865,"    ZC-47                   ","    柱间支撑-47                   ","C28A                           ","片",1,{"$nulls":5},595.9,595.9,null,6.673,0.844,0.597,"6.673*0.844*0.597",{"v":3.3623111639999994,"d":"3.362"}]
[866,"    ZC-48                   ","    柱间支撑-48                   ","C28A                           ","片",1,{"$nulls":5},624.3,624.3,null,7.088,0.844,0.597,"7.088*0.844*0.597",{"v":3.571416384,"d":"3.571"}]
[867,"    ZC-49                   ","    柱间支撑-49                   ","C28A                           ","片",1,{"$nulls":5},454.1,454.1,null,5.053,0.844,0.597,"5.053*0.844*0.597",{"v":2.546045004,"d":"2.546"}]
[868,"    ZC-50                   ","    柱间支撑-50                   ","C28A                           ","片",1,{"$nulls":5},481.3,481.3,null,5.461,0.844,0.597,"5.461*0.844*0.597",{"v":2.751623148,"d":"2.752"}]
[869,"    ZC-51                   ","    柱间支撑-51                   ","C28A                           ","片",1,{"$nulls":5},540.1,540.1,null,6.278,0.844,0.597,"6.278*0.844*0.597",{"v":3.1632833039999997,"d":"3.163"}]
[870,"    ZC-52                   ","    柱间支撑-52                   ","C28A                           ","片",1,{"$nulls":5},596.7,596.7,null,6.687,0.844,0.597,"6.687*0.844*0.597",{"v":3.369365316,"d":"3.369"}]
[871,"    ZC-53                   ","    柱间支撑-53                   ","C28A                           ","片",1,{"$nulls":5},624.7,624.7,null,7.095,0.844,0.597,"7.095*0.844*0.597",{"v":3.5749434599999996,"d":"3.575"}]
[872,"    ZC-54                   ","    柱间支撑-54                   ","L125*8                         ","片",1,{"$nulls":5},136.9,136.9,null,4.34,0.15,0.26,"4.34*0.15*0.26",{"v":0.16926,"d":"0.169"}]
[873,"    ZC-55                   ","    柱间支撑-55                   ","L125*8                         ","片",1,{"$nulls":5},132.9,132.9,null,4.21,0.15,0.26,"4.21*0.15*0.26",{"v":0.16419,"d":"0.164"}]
[874,"    ZC-56                   ","    柱间支撑-56                   ","L125*8                         ","片",2,{"$nulls":5},163.6,327.2,null,5.195,0.15,0.26,"5.195*0.15*0.26",{"v":0.40521,"d":"0.405"}]
[875,"    ZC-57-1                   ","    柱间支撑-57-1                   ","L125*8                         ","片",1,{"$nulls":5},{"$f":"466.1/2","v":233.05},233.05,null,5.629,0.844,0.648,"5.629*0.844*0.648",{"v":3.078567648,"d":"3.079"}]
[876,"    ZC-57-2                   ","    柱间支撑-57-2                   ","L125*8                         ","片",2,{"$nulls":5},{"$f":"L877/2","v":116.525},233.05,null,2.771,0.844,0.188,"2.771*0.844*0.188",{"v":0.879360224,"d":"0.879"}]
[877,"    ZC-58                   ","    柱间支撑-58                   ","L125*8                         ","片",1,{"$nulls":5},211.6,211.6,null,5.263,0.844,0.185,"5.263*0.844*0.185",{"v":0.82176482,"d":"0.822"}]
[878,"    ZC-59                   ","    柱间支撑-59                   ","L125*8                         ","片",1,{"$nulls":5},195.6,195.6,null,4.814,0.844,0.185,"4.814*0.844*0.185",{"v":0.7516579600000001,"d":"0.752"}]
[879,"    ZC-60                   ","    柱间支撑-60                   ","L125*8                         ","片",1,{"$nulls":5},174.5,174.5,null,4.173,0.844,0.185,"4.173*0.844*0.185",{"v":0.65157222,"d":"0.652"}]
[880,"    ZC-61                   ","    柱间支撑-61                   ","L125*8                         ","片",2,{"$nulls":5},138,276,null,4.378,0.15,0.26,"4.378*0.15*0.26",{"v":0.341484,"d":"0.341"}]
[881,"    ZC-62                   ","    柱间支撑-62                   ","L125*8                         ","片",2,{"$nulls":5},152.4,304.8,null,4.828,0.15,0.26,"4.828*0.15*0.26",{"v":0.37658400000000003,"d":"0.377"}]
[882,"    ZC-63                   ","    柱间支撑-63                   ","L125*8                         ","片",2,{"$nulls":5},152.4,304.8,null,4.828,0.15,0.26,"4.828*0.15*0.26",{"v":0.37658400000000003,"d":"0.377"}]
[883,"    ZC-64-1                   ","    柱间支撑-64-1                   ","L125*8                         ","片",1,{"$nulls":5},{"$f":"335.9/2","v":167.95},167.95,null,5.262,0.16,0.613,"5.262*0.16*0.613",{"v":0.5160969599999999,"d":"0.516"}]
[884,"    ZC-64-2                   ","    柱间支撑-64-2                   ","L125*8                         ","片",2,{"$nulls":5},{"$f":"L885/2","v":83.975},167.95,null,2.535,0.16,0.26,"2.535*0.16*0.26",{"v":0.21091200000000002,"d":"0.211"}]
[885,"    ZC-65                   ","    柱间支撑-65                   ","L125*8                         ","片",2,{"$nulls":5},161.5,323,null,5.128,0.15,0.26,"5.128*0.15*0.26",{"v":0.399984,"d":"0.400"}]
[886,"    ZC-66                   ","    柱间支撑-66                   ","L125*8                         ","片",2,{"$nulls":5},149,298,null,4.739,0.15,0.26,"4.739*0.15*0.26",{"v":0.369642,"d":"0.370"}]
[887,"    ZC-67                   ","    柱间支撑-67                   ","L125*8                         ","片",2,{"$nulls":5},149,298,null,4.739,0.15,0.26,"4.739*0.15*0.26",{"v":0.369642,"d":"0.370"}]
[888,"    ZC-68-1                   ","    柱间支撑-68-1                   ","L125*8                         ","片",1,{"$nulls":5},{"$f":"354.2/2","v":177.1},177.1,null,5.542,0.16,0.613,"5.542*0.16*0.613",{"v":0.5435593599999999,"d":"0.544"}]
[889,"    ZC-68-2                   ","    柱间支撑-68-2                   ","L125*8                         ","片",2,{"$nulls":5},{"$f":"L890/2","v":88.55},177.1,null,2.714,0.16,0.26,"2.714*0.16*0.26",{"v":0.22580480000000003,"d":"0.226"}]
[890,"    ZC-69-1                   ","    柱间支撑-69-1                   ","L125*8                         ","片",1,{"$nulls":5},{"$f":"359.4/2","v":179.7},179.7,null,5.627,0.16,0.613,"5.627*0.16*0.613",{"v":0.55189616,"d":"0.552"}]
[891,"    ZC-69-2                   ","    柱间支撑-69-2                   ","L125*8                         ","片",2,{"$nulls":5},{"$f":"L892/2","v":89.85},179.7,null,2.8,0.16,0.26,"2.8*0.16*0.26",{"v":0.23295999999999997,"d":"0.233"}]
[892,"    ZC-70-1                   ","    柱间支撑-70-1                   ","L125*8                         ","片",1,{"$nulls":5},{"$f":"358.8/2","v":179.4},179.4,null,5.639,0.26,0.613,"5.639*0.26*0.613",{"v":0.8987438200000001,"d":"0.899"}]
[893,"    ZC-70-2                   ","    柱间支撑-70-2                   ","L125*8                         ","片",2,{"$nulls":5},{"$f":"L894/2","v":89.7},179.4,null,2.892,0.26,0.15,"2.892*0.26*0.15",{"v":0.225576,"d":"0.226"}]
[894,"    ZC-71-1                   ","    柱间支撑-71-1                   ","L125*8                         ","片",1,{"$nulls":5},{"$f":"358.8/2","v":179.4},179.4,null,5.639,0.26,0.613,"5.639*0.26*0.613",{"v":0.8987438200000001,"d":"0.899"}]
[895,"    ZC-71-2                   ","    柱间支撑-71-2                   ","L125*8                         ","片",2,{"$nulls":5},{"$f":"L896/2","v":89.7},179.4,null,2.549,0.26,0.15,"2.549*0.26*0.15",{"v":0.198822,"d":"0.199"}]
[896,"    ZC-72                   ","    柱间支撑-72                   ","L125*8                         ","片",4,{"$nulls":5},140.3,561.2,null,4.453,0.15,0.26,"4.453*0.15*0.26",{"v":0.6946680000000001,"d":"0.695"}]
[897,"    ZC-73                   ","    柱间支撑-73                   ","L125*8                         ","片",4,{"$nulls":5},144.9,579.6,null,4.604,0.15,0.26,"4.604*0.15*0.26",{"v":0.718224,"d":"0.718"}]
[898,"    ZC-74-1                   ","    柱间支撑-74-1                   ","L125*8                         ","片",11,{"$nulls":5},{"$f":"303.5/2","v":151.75},{"$f":"F900*L900","v":1669.25},null,4.742,0.26,0.605,"4.742*0.26*0.605",{"v":8.2050826,"d":"8.205"}]
[899,"    ZC-74-2                   ","    柱间支撑-74-2                   ","L125*8                         ","片",22,{"$nulls":5},{"$f":"L900/2","v":75.875},1669.25,null,2.281,0.26,0.15,"2.281*0.26*0.15",{"v":1.957098,"d":"1.957"}]
[900,"    ZC-75                   ","    柱间支撑-75                   ","C28A                           ","片",1,{"$nulls":5},518,518,null,5.949,0.844,0.597,"5.949*0.844*0.597",{"v":2.997510732,"d":"2.998"}]
[901,"    ZC-76                   ","    柱间支撑-76                   ","C28A                           ","片",1,{"$nulls":5},592.6,592.6,null,6.612,0.844,0.597,"6.612*0.844*0.597",{"v":3.331575216,"d":"3.332"}]
[902,"    ZC-77-1                   ","    柱间支撑-77-1                   ","L125*8                         ","片",1,{"$nulls":5},{"$f":"303.5/2","v":151.75},151.75,null,4.742,0.26,0.605,"4.742*0.26*0.605",{"v":0.7459166,"d":"0.746"}]
[903,"    ZC-77-2                   ","    柱间支撑-77-2                   ","L125*8                         ","片",2,{"$nulls":5},{"$f":"L904/2","v":75.875},151.75,null,2.281,0.26,0.15,"2.281*0.26*0.15",{"v":0.177918,"d":"0.178"}]
[904,"    ZC-78                   ","    柱间支撑-78                   ","L125*8                         ","片",1,{"$nulls":5},190,190,null,4.63,0.844,0.185,"4.63*0.844*0.185",{"v":0.7229282,"d":"0.723"}]
[905,"    ZC-79                   ","    柱间支撑-79                   ","L125*8                         ","片",1,{"$nulls":5},190,190,null,4.63,0.844,0.185,"4.63*0.844*0.185",{"v":0.7229282,"d":"0.723"}]
[906,"    ZC-80-1                   ","    柱间支撑-80-1                   ","L125*8                         ","片",1,{"$nulls":5},{"$f":"466.1/2","v":233.05},233.05,null,5.629,0.844,0.648,"5.629*0.844*0.648",{"v":3.078567648,"d":"3.079"}]
[907,"    ZC-80-2                   ","    柱间支撑-80-2                   ","L125*8                         ","片",2,{"$nulls":5},{"$f":"L908/2","v":116.525},233.05,null,2.771,0.844,0.188,"2.771*0.844*0.188",{"v":0.879360224,"d":"0.879"}]
[908,"    ZC-81                   ","    柱间支撑-81                   ","L125*8                         ","片",1,{"$nulls":5},170.4,170.4,null,4.037,0.844,0.185,"4.037*0.844*0.185",{"v":0.6303371799999999,"d":"0.630"}]
[909,"    ZC-82                   ","    柱间支撑-82                   ","L125*8                         ","片",1,{"$nulls":5},170.4,170.4,null,4.037,0.844,0.185,"4.037*0.844*0.185",{"v":0.6303371799999999,"d":"0.630"}]
[910,"    ZC-83                   ","    柱间支撑-83                   ","L125*8                         ","片",1,{"$nulls":5},174.5,174.5,null,4.173,0.844,0.185,"4.173*0.844*0.185",{"v":0.65157222,"d":"0.652"}]
[911,"    ZC-84                   ","    柱间支撑-84                   ","C28A                           ","片",1,{"$nulls":5},635.7,635.7,null,7.275,0.844,0.597,"7.275*0.844*0.597",{"v":3.6656397,"d":"3.666"}]
[912,"    ZC-85                   ","    柱间支撑-85                   ","L125*8                         ","片",1,{"$nulls":5},194.7,194.7,null,4.784,0.844,0.185,"4.784*0.844*0.185",{"v":0.7469737599999999,"d":"0.747"}]
[913,"    ZC-86                   ","    柱间支撑-86                   ","L125*8                         ","片",1,{"$nulls":5},179.6,179.6,null,4.314,0.844,0.185,"4.314*0.844*0.185",{"v":0.67358796,"d":"0.674"}]
[914,"    ZC-87                   ","    柱间支撑-87                   ","L125*8                         ","片",1,{"$nulls":5},179.6,179.6,null,4.314,0.844,0.185,"4.314*0.844*0.185",{"v":0.67358796,"d":"0.674"}]
[915,"    ZC-88                   ","    柱间支撑-88                   ","L125*8                         ","片",1,{"$nulls":5},184.8,184.8,null,4.46,0.844,0.185,"4.46*0.844*0.185",{"v":0.6963844,"d":"0.696"}]
[916,"    ZC-89                   ","    柱间支撑-89                   ","L125*8                         ","片",1,{"$nulls":5},184.8,184.8,null,4.46,0.844,0.185,"4.46*0.844*0.185",{"v":0.6963844,"d":"0.696"}]
[917,"    ZC-90                   ","    柱间支撑-90                   ","L125*8                         ","片",1,{"$nulls":5},200.1,200.1,null,4.941,0.844,0.185,"4.941*0.844*0.185",{"$f":"O919*P919*Q919*F919","v":{"v":0.77148774,"d":"0.771"}}]
[918,"    ZC-91                   ","    柱间支撑-91                   ","L125*8                         ","片",1,{"$nulls":5},200.1,200.1,null,4.941,0.844,0.185,"4.941*0.844*0.185",{"v":0.77148774,"d":"0.771"}]
[919,"    ZC-92                   ","    柱间支撑-92                   ","L125*8                         ","片",2,{"$nulls":5},201.9,403.8,null,4.983,0.844,0.185,"4.983*0.844*0.185",{"v":1.55609124,"d":"1.556"}]
[920,"    ZC-93                   ","    柱间支撑-93                   ","L125*8                         ","片",2,{"$nulls":5},201.9,403.8,null,4.983,0.844,0.185,"4.983*0.844*0.185",{"v":1.55609124,"d":"1.556"}]
[921,"    ZC-94                   ","    柱间支撑-94                   ","L125*8                         ","片",1,{"$nulls":5},196.3,196.3,null,4.836,0.844,0.185,"4.836*0.844*0.185",{"v":0.7550930400000001,"d":"0.755"}]
[922,"    ZC-95                   ","    柱间支撑-95                   ","L125*8                         ","片",1,{"$nulls":5},196.3,196.3,null,4.836,0.844,0.185,"4.836*0.844*0.185",{"v":0.7550930400000001,"d":"0.755"}]
[923,"    ZC-96                   ","    柱间支撑-96                   ","L125*8                         ","片",1,{"$nulls":5},191.9,191.9,null,4.692,0.844,0.185,"4.692*0.844*0.185",{"v":0.73260888,"d":"0.733"}]
[924,"    ZC-97                   ","    柱间支撑-97                   ","L125*8                         ","片",1,{"$nulls":5},191.9,191.9,null,4.692,0.844,0.185,"4.692*0.844*0.185",{"v":0.73260888,"d":"0.733"}]
[925,"    ZC-98                   ","    柱间支撑-98                   ","L125*8                         ","片",1,{"$nulls":5},186.7,186.7,null,4.553,0.844,0.185,"4.553*0.844*0.185",{"v":0.71090542,"d":"0.711"}]
[926,"    ZC-99                   ","    柱间支撑-99                   ","L125*8                         ","片",1,{"$nulls":5},186.7,186.7,null,4.553,0.844,0.185,"4.553*0.844*0.185",{"v":0.71090542,"d":"0.711"}]
[927,"    ZC-100                  ","    柱间支撑-100                  ","L125*8                         ","片",1,{"$nulls":5},182.3,182.3,null,4.419,0.844,0.185,"4.419*0.844*0.185",{"v":0.68998266,"d":"0.690"}]
[928,"    ZC-101                  ","    柱间支撑-101                  ","L125*8                         ","片",1,{"$nulls":5},182.3,182.3,null,4.419,0.844,0.185,"4.419*0.844*0.185",{"v":0.68998266,"d":"0.690"}]
[929,"    ZC-102                  ","    柱间支撑-102                  ","L125*8                         ","片",1,{"$nulls":5},171.6,171.6,null,4.087,0.844,0.185,"4.087*0.844*0.185",{"v":0.63814418,"d":"0.638"}]
[930,"    ZC-103                  ","    柱间支撑-103                  ","L125*8                         ","片",1,{"$nulls":5},171.6,171.6,null,4.087,0.844,0.185,"4.087*0.844*0.185",{"v":0.63814418,"d":"0.638"}]
[931,"    ZC-104                  ","    柱间支撑-104                  ","L125*8                         ","片",1,{"$nulls":5},204.4,204.4,null,5.068,0.844,0.185,"5.068*0.844*0.185",{"v":0.79131752,"d":"0.791"}]
[932,"    ZC-105                  ","    柱间支撑-105                  ","L125*8                         ","片",1,{"$nulls":5},204.4,204.4,null,5.068,0.844,0.185,"5.068*0.844*0.185",{"v":0.79131752,"d":"0.791"}]
[933,"    ZC-106                  ","    柱间支撑-106                  ","L125*8                         ","片",1,{"$nulls":5},207.4,207.4,null,5.167,0.844,0.185,"5.167*0.844*0.185",{"v":0.8067753799999999,"d":"0.807"}]
[934,"    ZC-107                  ","    柱间支撑-107                  ","L125*8                         ","片",1,{"$nulls":5},207.4,207.4,null,5.167,0.844,0.185,"5.167*0.844*0.185",{"v":0.8067753799999999,"d":"0.807"}]
[935,"    ZC-108                  ","    柱间支撑-108                  ","L125*8                         ","片",1,{"$nulls":5},197.4,197.4,null,4.836,0.844,0.185,"4.836*0.844*0.185",{"v":0.7550930400000001,"d":"0.755"}]
[936,"    ZC-109                  ","    柱间支撑-109                  ","L125*8                         ","片",1,{"$nulls":5},197.4,197.4,null,4.836,0.844,0.185,"4.836*0.844*0.185",{"v":0.7550930400000001,"d":"0.755"}]
[937,"    ZC-110                  ","    柱间支撑-110                  ","L125*8                         ","片",1,{"$nulls":5},178.1,178.1,null,4.291,0.844,0.185,"4.291*0.844*0.185",{"v":0.66999674,"d":"0.670"}]
[938,"    ZC-111                  ","    柱间支撑-111                  ","L125*8                         ","片",1,{"$nulls":5},178.1,178.1,null,4.291,0.844,0.185,"4.291*0.844*0.185",{"v":0.66999674,"d":"0.670"}]
[939,"    ZC-112                  ","    柱间支撑-112                  ","L125*8                         ","片",1,{"$nulls":5},182.6,182.6,null,4.419,0.844,0.185,"4.419*0.844*0.185",{"v":0.68998266,"d":"0.690"}]
[940,"    ZC-113                  ","    柱间支撑-113                  ","L125*8                         ","片",1,{"$nulls":5},182.6,182.6,null,4.419,0.844,0.185,"4.419*0.844*0.185",{"v":0.68998266,"d":"0.690"}]
[941,"    ZC-114                  ","    柱间支撑-114                  ","L125*8                         ","片",1,{"$nulls":5},187.3,187.3,null,4.553,0.844,0.185,"4.553*0.844*0.185",{"v":0.71090542,"d":"0.711"}]
[942,"    ZC-115                  ","    柱间支撑-115                  ","L125*8                         ","片",1,{"$nulls":5},187.3,187.3,null,4.553,0.844,0.185,"4.553*0.844*0.185",{"v":0.71090542,"d":"0.711"}]
[943,"    ZC-116                  ","    柱间支撑-116                  ","L125*8                         ","片",1,{"$nulls":5},191.9,191.9,null,4.692,0.844,0.185,"4.692*0.844*0.185",{"v":0.73260888,"d":"0.733"}]
[944,"    ZC-117                  ","    柱间支撑-117                  ","L125*8                         ","片",1,{"$nulls":5},191.9,191.9,null,4.692,0.844,0.185,"4.692*0.844*0.185",{"v":0.73260888,"d":"0.733"}]
[945,"    ZC-118-1                  ","    柱间支撑-118-1                  ","L125*8                         ","片",1,{"$nulls":5},{"$f":"481.7/2","v":240.85},240.85,null,5.843,0.844,0.703,"5.843*0.844*0.703",{"v":3.4668388759999993,"d":"3.467"}]
[946,"    ZC-118-2                  ","    柱间支撑-118-2                  ","L125*8                         ","片",2,{"$nulls":5},{"$f":"L947/2","v":120.425},240.85,null,2.914,0.844,0.188,"2.914*0.844*0.188",{"v":0.924740416,"d":"0.925"}]
[947,"    ZC-119                  ","    柱间支撑-119                  ","L125*8                         ","片",1,{"$nulls":5},143.1,143.1,null,3.473,0.844,0.185,"3.473*0.844*0.185",{"v":0.54227422,"d":"0.542"}]
[948,"    ZC-120                  ","    柱间支撑-120                  ","L125*8                         ","片",1,{"$nulls":5},143.1,143.1,null,3.473,0.844,0.185,"3.473*0.844*0.185",{"v":0.54227422,"d":"0.542"}]
[949,"    ZC-121                  ","    柱间支撑-121                  ","L125*8                         ","片",1,{"$nulls":5},203.8,203.8,null,5.017,0.844,0.185,"5.017*0.844*0.185",{"v":0.7833543799999999,"d":"0.783"}]
[950,"    ZC-122                  ","    柱间支撑-122                  ","L125*8                         ","片",1,{"$nulls":5},203.8,203.8,null,5.017,0.844,0.185,"5.017*0.844*0.185",{"v":0.7833543799999999,"d":"0.783"}]
[951,"    ZC-123                  ","    柱间支撑-123                  ","L125*8                         ","片",1,{"$nulls":5},187.9,187.9,null,4.559,0.844,0.185,"4.559*0.844*0.185",{"v":0.7118422600000001,"d":"0.712"}]
[952,"    ZC-124                  ","    柱间支撑-124                  ","L125*8                         ","片",1,{"$nulls":5},187.9,187.9,null,4.559,0.844,0.185,"4.559*0.844*0.185",{"v":0.7118422600000001,"d":"0.712"}]
[953,"    ZC-125                  ","    柱间支撑-125                  ","L125*8                         ","片",1,{"$nulls":5},219.6,219.6,null,5.257,0.844,0.185,"5.257*0.844*0.185",{"v":0.82082798,"d":"0.821"}]
[954,"    ZC-126                  ","    柱间支撑-126                  ","L125*8                         ","片",1,{"$nulls":5},219.6,219.6,null,5.257,0.844,0.185,"5.257*0.844*0.185",{"v":0.82082798,"d":"0.821"}]
[955,"    ZC-127                  ","    柱间支撑-127                  ","L125*8                         ","片",1,{"$nulls":5},195.8,195.8,null,4.784,0.844,0.185,"4.784*0.844*0.185",{"v":0.7469737599999999,"d":"0.747"}]
[956,"    ZC-128                  ","    柱间支撑-128                  ","L125*8                         ","片",1,{"$nulls":5},195.8,195.8,null,4.784,0.844,0.185,"4.784*0.844*0.185",{"v":0.7469737599999999,"d":"0.747"}]
[957,"    ZC-129                  ","    柱间支撑-129                  ","L125*8                         ","片",1,{"$nulls":5},180.5,180.5,null,4.343,0.844,0.185,"4.343*0.844*0.185",{"v":0.67811602,"d":"0.678"}]
[958,"    ZC-130                  ","    柱间支撑-130                  ","L125*8                         ","片",1,{"$nulls":5},180.5,180.5,null,4.343,0.844,0.185,"4.343*0.844*0.185",{"v":0.67811602,"d":"0.678"}]
[959,"    ZC-131-1                  ","    柱间支撑-131-1                  ","L125*8                         ","片",1,{"$nulls":5},{"$f":"465.8/2","v":232.9},232.9,null,5.632,0.844,0.636,"5.632*0.844*0.636",{"v":3.0231674879999995,"d":"3.023"}]
[960,"    ZC-131-2                  ","    柱间支撑-131-2                  ","L125*8                         ","片",2,{"$nulls":5},{"$f":"L961/2","v":116.45},232.9,null,2.827,0.844,0.188,"2.827*0.844*0.188",{"v":0.8971314879999999,"d":"0.897"}]
[961,"    ZC-132                  ","    柱间支撑-132                  ","L125*8                         ","片",1,{"$nulls":5},173.4,173.4,null,4.137,0.844,0.185,"4.137*0.844*0.185",{"v":0.6459511799999998,"d":"0.646"}]
[962,"    ZC-133                  ","    柱间支撑-133                  ","L125*8                         ","片",1,{"$nulls":5},173.4,{"$f":"F964*L964","v":173.4},null,4.137,0.844,0.185,"4.137*0.844*0.185",{"v":0.6459511799999998,"d":"0.646"}]
[963,"    ZC-134                  ","    柱间支撑-134                  ","L125*8                         ","片",1,{"$nulls":5},153.5,153.5,null,3.794,0.844,0.185,"3.794*0.844*0.185",{"v":0.5923951599999999,"d":"0.592"}]
[964,"    ZC-135                  ","    柱间支撑-135                  ","L125*8                         ","片",1,{"$nulls":5},153.5,153.5,null,3.794,0.844,0.185,"3.794*0.844*0.185",{"v":0.5923951599999999,"d":"0.592"}]
[965,"    ZC-136                  ","    柱间支撑-136                  ","L125*8                         ","片",1,{"$nulls":5},155.4,155.4,null,3.823,0.844,0.185,"3.823*0.844*0.185",{"v":0.59692322,"d":"0.597"}]
[966,"    ZC-137                  ","    柱间支撑-137                  ","L125*8                         ","片",1,{"$nulls":5},155.4,155.4,null,3.823,0.844,0.185,"3.823*0.844*0.185",{"v":0.59692322,"d":"0.597"}]
[967,"    ZC-138-1                  ","    柱间支撑-138-1                  ","L125*8                         ","片",5,{"$nulls":5},{"$f":"415.8/2","v":207.9},1039.5,null,6.515,0.26,0.612,"6.515*0.26*0.612",{"v":5.183333999999999,"d":"5.183"}]
[968,"    ZC-138-2                  ","    柱间支撑-138-2                  ","L125*8                         ","片",10,{"$nulls":5},{"$f":"L969/2","v":103.95},1039.5,null,3.149,0.26,0.15,"3.149*0.26*0.15",{"v":1.22811,"d":"1.228"}]
[969,"    ZC-139-1                  ","    柱间支撑-139-1                  ","L125*8                         ","片",1,{"$nulls":5},{"$f":"415.8/2","v":207.9},207.9,null,6.515,0.26,0.612,"6.515*0.26*0.612",{"v":1.0366667999999999,"d":"1.037"}]
[970,"    ZC-139-2                  ","    柱间支撑-139-2                  ","L125*8                         ","片",2,{"$nulls":5},{"$f":"L971/2","v":103.95},207.9,null,3.149,0.26,0.15,"3.149*0.26*0.15",{"v":0.245622,"d":"0.246"}]
[971,"    ZC-140-1                  ","    柱间支撑-140-1                  ","L125*8                         ","片",1,{"$nulls":5},{"$f":"404/2","v":202},202,null,6.329,0.26,0.607,"6.329*0.26*0.607",{"v":0.9988427799999999,"d":"0.999"}]
[972,"    ZC-140-2                  ","    柱间支撑-140-2                  ","L125*8                         ","片",2,{"$nulls":5},{"$f":"L973/2","v":101},202,null,3.049,0.26,0.15,"3.049*0.26*0.15",{"v":0.23782199999999998,"d":"0.238"}]
[973,"    ZC-141-1                  ","    柱间支撑-141-1                  ","L125*8                         ","片",1,{"$nulls":5},{"$f":"404/2","v":202},202,null,6.329,0.26,0.607,"6.329*0.26*0.607",{"v":0.9988427799999999,"d":"0.999"}]
[974,"    ZC-141-2                  ","    柱间支撑-141-2                  ","L125*8                         ","片",2,{"$nulls":5},{"$f":"L975/2","v":101},202,null,3.049,0.26,0.15,"3.049*0.26*0.15",{"v":0.23782199999999998,"d":"0.238"}]
[975,"    ZC-142                  ","    柱间支撑-142                  ","C28A                           ","片",1,{"$nulls":5},714.8,714.8,null,7.938,0.844,0.597,"7.938*0.844*0.597",{"v":3.9997041839999996,"d":"4.000"}]
[976,"    ZC-143                  ","    柱间支撑-143                  ","L125*8                         ","片",4,{"$nulls":5},151.6,606.4,null,4.802,0.15,0.26,"4.802*0.15*0.26",{"v":0.749112,"d":"0.749"}]
[977,"    ZC-144                  ","    柱间支撑-144                  ","L125*8                         ","片",4,{"$nulls":5},151.6,606.4,null,4.802,0.15,0.26,"4.802*0.15*0.26",{"v":0.749112,"d":"0.749"}]
[978,"    ZC-145                  ","    柱间支撑-145                  ","L125*8                         ","片",4,{"$nulls":5},158.4,633.6,null,5.026,0.15,0.26,"5.026*0.15*0.26",{"v":0.784056,"d":"0.784"}]
[979,"    ZC-146                  ","    柱间支撑-146                  ","L125*8                         ","片",4,{"$nulls":5},139.6,558.4,null,4.43,0.15,0.26,"4.43*0.15*0.26",{"v":0.69108,"d":"0.691"}]
[980,"    ZC-147                  ","    柱间支撑-147                  ","L125*8                         ","片",3,{"$nulls":5},136.9,410.70000000000005,null,4.34,0.15,0.26,"4.34*0.15*0.26",{"v":0.50778,"d":"0.508"}]
[981,"    ZC-148                  ","    柱间支撑-148                  ","L125*8                         ","片",2,{"$nulls":5},163.6,327.2,null,5.195,0.15,0.26,"5.195*0.15*0.26",{"$f":"O983*P983*Q983*F983","v":{"v":0.40521,"d":"0.405"}}]
[982,"    ZC-149                  ","    柱间支撑-149                  ","L125*8                         ","片",4,{"$nulls":5},171.4,685.6,null,5.453,0.15,0.26,"5.453*0.15*0.26",{"v":0.8506680000000001,"d":"0.851"}]
[983,"    ZC-150                  ","    柱间支撑-150                  ","L125*8                         ","片",3,{"$nulls":5},132.9,398.70000000000005,null,4.21,0.15,0.26,"4.21*0.15*0.26",{"v":0.49257,"d":"0.493"}]
[984,"    ZC-151-1                  ","    柱间支撑-151-1                  ","L125*8                         ","片",4,{"$nulls":5},{"$f":"371.1/2","v":185.55},742.2,null,5.822,0.26,0.613,"5.822*0.26*0.613",{"v":3.71164144,"d":"3.712"}]
[985,"    ZC-151-2                  ","    柱间支撑-151-2                  ","L125*8                         ","片",8,{"$nulls":5},{"$f":"L986/2","v":92.775},742.2,null,2.996,0.26,0.15,"2.996*0.26*0.15",{"v":0.9347519999999999,"d":"0.935"}]
[986,"    ZC-152-1                  ","    柱间支撑-152-1                  ","L125*8                         ","片",3,{"$nulls":5},{"$f":"418.6/2","v":209.3},627.9000000000001,null,6.571,0.26,0.613,"6.571*0.26*0.613",{"v":3.1418579400000004,"d":"3.142"}]
[987,"    ZC-152-2                  ","    柱间支撑-152-2                  ","L125*8                         ","片",6,{"$nulls":5},{"$f":"L988/2","v":104.65},627.9000000000001,null,3.18,0.26,0.15,"3.18*0.26*0.15",{"v":0.74412,"d":"0.744"}]
[988,"    ZC-153-1                  ","    柱间支撑-153-1                  ","L125*8                         ","片",1,{"$nulls":5},{"$f":"418.6/2","v":209.3},209.3,null,6.571,0.26,0.613,"6.571*0.26*0.613",{"v":1.04728598,"d":"1.047"}]
[989,"    ZC-153-2                  ","    柱间支撑-153-2                  ","L125*8                         ","片",2,{"$nulls":5},{"$f":"L990/2","v":104.65},209.3,null,3.18,0.26,0.15,"3.18*0.26*0.15",{"v":0.24804,"d":"0.248"}]
[990,"    ZC-154-1                  ","    柱间支撑-154-1                  ","L125*8                         ","片",2,{"$nulls":5},{"$f":"401.8/2","v":200.9},401.8,null,6.318,0.26,0.606,"6.318*0.26*0.606",{"v":1.99092816,"d":"1.991"}]
[991,"    ZC-154-2                  ","    柱间支撑-154-2                  ","L125*8                         ","片",4,{"$nulls":5},{"$f":"L992/2","v":100.45},401.8,null,3.042,0.26,0.15,"3.042*0.26*0.15",{"v":0.474552,"d":"0.475"}]
[992,"    ZC-155                  ","    柱间支撑-155                  ","L125*8                         ","片",4,{"$nulls":5},171.9,687.6,null,5.445,0.15,0.26,"5.445*0.15*0.26",{"v":0.84942,"d":"0.849"}]
[993,"    ZC-156                  ","    柱间支撑-156                  ","L125*8                         ","片",4,{"$nulls":5},160.3,641.2,null,5.065,0.15,0.26,"5.065*0.15*0.26",{"v":0.7901400000000001,"d":"0.790"}]
[994,"    ZC-157                  ","    柱间支撑-157                  ","L125*8                         ","片",4,{"$nulls":5},164.8,659.2,null,5.214,0.15,0.26,"5.214*0.15*0.26",{"v":0.813384,"d":"0.813"}]
[995,"    ZC-158                  ","    柱间支撑-158                  ","L125*8                         ","片",4,{"$nulls":5},137,548,null,4.346,0.15,0.26,"4.346*0.15*0.26",{"v":0.677976,"d":"0.678"}]
[996,"    ZC-159                  ","    柱间支撑-159                  ","L125*8                         ","片",4,{"$nulls":5},145.2,580.8,null,4.59,0.15,0.26,"4.59*0.15*0.26",{"v":0.71604,"d":"0.716"}]
[997,"    ZC-160                  ","    柱间支撑-160                  ","L125*8                         ","片",4,{"$nulls":5},130.1,520.4,null,4.117,0.15,0.26,"4.117*0.15*0.26",{"v":0.6422519999999999,"d":"0.642"}]
[998,"    ZC-161                  ","    柱间支撑-161                  ","L125*8                         ","片",4,{"$nulls":5},134.1,536.4,null,4.248,0.15,0.26,"4.248*0.15*0.26",{"v":0.662688,"d":"0.663"}]
[999,"    ZC-162                  ","    柱间支撑-162                  ","L125*8                         ","片",4,{"$nulls":5},151,604,null,4.781,0.15,0.26,"4.781*0.15*0.26",{"v":0.7458359999999999,"d":"0.746"}]
[1000,"    ZC-163-1                  ","    柱间支撑-163-1                  ","L125*8                         ","片",12,{"$nulls":5},{"$f":"411.8/2","v":205.9},2470.8,null,6.451,0.26,0.606,"6.451*0.26*0.606",{"v":12.197034719999998,"d":"12.197"}]
[1001,"    ZC-163-2                  ","    柱间支撑-163-2                  ","L125*8                         ","片",24,{"$nulls":5},{"$f":"L1002/2","v":102.95},2470.8,null,3.117,0.26,0.15,"3.117*0.26*0.15",{"v":2.9175120000000003,"d":"2.918"}]
[1002,"    ZC-164-1                  ","    柱间支撑-164-1                  ","L125*8                         ","片",2,{"$nulls":5},{"$f":"406.4/2","v":203.2},406.4,null,6.367,0.26,0.608,"6.367*0.26*0.608",{"v":2.01299072,"d":"2.013"}]
[1003,"    ZC-164-2                  ","    柱间支撑-164-2                  ","L125*8                         ","片",4,{"$nulls":5},{"$f":"L1004/2","v":101.6},406.4,null,3.072,0.26,0.15,"3.072*0.26*0.15",{"v":0.47923200000000005,"d":"0.479"}]
[1004,"    ZC-165-1                  ","    柱间支撑-165-1                  ","L125*8                         ","片",2,{"$nulls":5},{"$f":"406.4/2","v":203.2},406.4,null,6.367,0.26,0.607,"6.367*0.26*0.607",{"v":2.00967988,"d":"2.010"}]
[1005,"    ZC-165-2                  ","    柱间支撑-165-2                  ","L125*8                         ","片",4,{"$nulls":5},{"$f":"L1006/2","v":101.6},406.4,null,3.069,0.26,0.15,"3.069*0.26*0.15",{"v":0.47876399999999997,"d":"0.479"}]
[1006,"    ZC-166-1                  ","    柱间支撑-166-1                  ","L125*8                         ","片",2,{"$nulls":5},{"$f":"406.4/2","v":203.2},406.4,null,6.367,0.26,0.607,"6.367*0.26*0.607",{"v":2.00967988,"d":"2.010"}]
[1007,"    ZC-166-2                  ","    柱间支撑-166-2                  ","L125*8                         ","片",4,{"$nulls":5},{"$f":"L1008/2","v":101.6},406.4,null,3.069,0.26,0.15,"3.069*0.26*0.15",{"v":0.47876399999999997,"d":"0.479"}]
[1008,"    ZC-167-1                  ","    柱间支撑-167-1                  ","L125*8                         ","片",2,{"$nulls":5},{"$f":"406.4/2","v":203.2},406.4,null,6.367,0.26,0.607,"6.367*0.26*0.607",{"v":2.00967988,"d":"2.010"}]
[1009,"    ZC-167-2                  ","    柱间支撑-167-2                  ","L125*8                         ","片",4,{"$nulls":5},{"$f":"L1010/2","v":101.6},406.4,null,3.069,0.26,0.15,"3.069*0.26*0.15",{"v":0.47876399999999997,"d":"0.479"}]
[1010,"    ZC-168-1                  ","    柱间支撑-168-1                  ","L125*8                         ","片",2,{"$nulls":5},{"$f":"354.4/2","v":177.2},354.4,null,5.567,0.26,0.6,"5.567*0.26*0.6",{"v":1.7369040000000002,"d":"1.737"}]
[1011,"    ZC-168-2                  ","    柱间支撑-168-2                  ","L125*8                         ","片",4,{"$nulls":5},{"$f":"L1012/2","v":88.6},354.4,null,2.785,0.26,0.15,"2.785*0.26*0.15",{"v":0.43446,"d":"0.434"}]
[1012,"    ZC-169                  ","    柱间支撑-169                  ","L125*8                         ","片",4,{"$nulls":5},140.1,560.4,null,4.448,0.15,0.26,"4.448*0.15*0.26",{"v":0.6938880000000001,"d":"0.694"}]
[1013,"    ZC-170                  ","    柱间支撑-170                  ","L125*8                         ","片",4,{"$nulls":5},145.3,581.2,null,4.619,0.15,0.26,"4.619*0.15*0.26",{"v":0.720564,"d":"0.721"}]
[1014,"    ZC-171                  ","    柱间支撑-171                  ","L125*8                         ","片",4,{"$nulls":5},132,528,null,4.181,0.15,0.26,"4.181*0.15*0.26",{"v":0.652236,"d":"0.652"}]
[1015,"    ZC-172                  ","    柱间支撑-172                  ","L125*8                         ","片",8,{"$nulls":5},124,992,null,3.94,0.15,0.26,"3.94*0.15*0.26",{"v":1.22928,"d":"1.229"}]
[1016,"    ZC-173                  ","    柱间支撑-173                  ","L125*8                         ","片",8,{"$nulls":5},127.4,1019.2,null,4.053,0.15,0.26,"4.053*0.15*0.26",{"v":1.264536,"d":"1.265"}]
[1017,"    ZC-174                  ","    柱间支撑-174                  ","L125*8                         ","片",4,{"$nulls":5},155.3,621.2,null,4.924,0.15,0.26,"4.924*0.15*0.26",{"v":0.768144,"d":"0.768"}]
[1018,"    ZC-175                  ","    柱间支撑-175                  ","L125*8                         ","片",4,{"$nulls":5},161.5,646,null,5.127,0.15,0.26,"5.127*0.15*0.26",{"v":0.799812,"d":"0.800"}]
[1019,"    ZC-176                  ","    柱间支撑-176                  ","L125*8                         ","片",4,{"$nulls":5},161.5,646,null,5.128,0.15,0.26,"5.128*0.15*0.26",{"v":0.799968,"d":"0.800"}]
[1020,"    ZC-177                  ","    柱间支撑-177                  ","L125*8                         ","片",8,{"$nulls":5},168.6,1348.8,null,5.338,0.15,0.26,"5.338*0.15*0.26",{"v":1.665456,"d":"1.665"}]
[1021,"    ZC-178-1                  ","    柱间支撑-178-1                  ","L125*8                         ","片",1,{"$nulls":5},{"$f":"406/2","v":203},203,null,6.339,0.26,0.607,"6.339*0.26*0.607",{"v":1.0004209800000001,"d":"1.000"}]
[1022,"    ZC-178-2                  ","    柱间支撑-178-2                  ","L125*8                         ","片",2,{"$nulls":5},{"$f":"L1023/2","v":101.5},203,null,3.056,0.26,0.15,"3.056*0.26*0.15",{"v":0.238368,"d":"0.238"}]
[1023,"    ZC-179-1                  ","    柱间支撑-179-1                  ","L125*8                         ","片",7,{"$nulls":5},{"$f":"404.6/2","v":202.3},1416.1000000000001,null,6.339,0.26,0.607,"6.339*0.26*0.607",{"v":7.002946860000001,"d":"7.003"}]
[1024,"    ZC-179-2                  ","    柱间支撑-179-2                  ","L125*8                         ","片",14,{"$nulls":5},{"$f":"L1025/2","v":101.15},1416.1000000000001,null,3.056,0.26,0.15,"3.056*0.26*0.15",{"v":1.668576,"d":"1.669"}]
[1025,"    ZC-180-1                  ","    柱间支撑-180-1                  ","L125*8                         ","片",6,{"$nulls":5},{"$f":"404.6/2","v":202.3},1213.8000000000002,null,6.339,0.26,0.607,"6.339*0.26*0.607",{"v":6.00252588,"d":"6.003"}]
[1026,"    ZC-180-2                  ","    柱间支撑-180-2                  ","L125*8                         ","片",12,{"$nulls":5},{"$f":"L1027/2","v":101.15},{"$f":"F1028*L1028","v":1213.8000000000002},null,3.056,0.26,0.15,"3.056*0.26*0.15",{"v":1.430208,"d":"1.430"}]
[1027,"    ZC-181-1                  ","    柱间支撑-181-1                  ","L125*8                         ","片",7,{"$nulls":5},{"$f":"404.6/2","v":202.3},1416.1000000000001,null,6.339,0.26,0.607,"6.339*0.26*0.607",{"v":7.002946860000001,"d":"7.003"}]
[1028,"    ZC-181-2                  ","    柱间支撑-181-2                  ","L125*8                         ","片",14,{"$nulls":5},{"$f":"L1029/2","v":101.15},1416.1000000000001,null,3.056,0.26,0.15,"3.056*0.26*0.15",{"v":1.668576,"d":"1.669"}]
[1029,"    ZC-182-1                  ","    柱间支撑-182-1                  ","L125*8                         ","片",7,{"$nulls":5},{"$f":"404.6/2","v":202.3},1416.1000000000001,null,6.339,0.26,0.607,"6.339*0.26*0.607",{"v":7.002946860000001,"d":"7.003"}]
[1030,"    ZC-182-2                  ","    柱间支撑-182-2                  ","L125*8                         ","片",14,{"$nulls":5},{"$f":"L1031/2","v":101.15},1416.1000000000001,null,3.056,0.26,0.15,"3.056*0.26*0.15",{"v":1.668576,"d":"1.669"}]
[1031,"    ZC-183-1                  ","    柱间支撑-183-1                  ","L125*8                         ","片",1,{"$nulls":5},{"$f":"378/2","v":189},189,null,5.963,0.26,0.576,"5.963*0.26*0.576",{"v":0.89301888,"d":"0.893"}]
[1032,"    ZC-183-2                  ","    柱间支撑-183-2                  ","L125*8                         ","片",2,{"$nulls":5},{"$f":"L1033/2","v":94.5},189,null,2.841,0.26,0.15,"2.841*0.26*0.15",{"v":0.22159800000000002,"d":"0.222"}]
[1033,"    ZC-184-1                  ","    柱间支撑-184-1                  ","L125*8                         ","片",1,{"$nulls":5},{"$f":"378/2","v":189},189,null,5.963,0.26,0.576,"5.963*0.26*0.576",{"v":0.89301888,"d":"0.893"}]
[1034,"    ZC-184-2                  ","    柱间支撑-184-2                  ","L125*8                         ","片",2,{"$nulls":5},{"$f":"L1035/2","v":94.5},189,null,2.841,0.26,0.15,"2.841*0.26*0.15",{"v":0.22159800000000002,"d":"0.222"}]
[1035,"    ZC-185                  ","    柱间支撑-185                  ","L125*8                         ","片",2,{"$nulls":5},228.4,456.8,null,5.522,0.844,0.185,"5.522*0.844*0.185",{"v":1.7244101600000001,"d":"1.724"}]
[1036,"    ZC-186                  ","    柱间支撑-186                  ","L125*8                         ","片",2,{"$nulls":5},228.4,456.8,null,5.522,0.844,0.185,"5.522*0.844*0.185",{"v":1.7244101600000001,"d":"1.724"}]
[1037,"    ZC-187                  ","    柱间支撑-187                  ","L125*8                         ","片",1,{"$nulls":5},211.6,211.6,null,5.263,0.844,0.185,"5.263*0.844*0.185",{"v":0.82176482,"d":"0.822"}]
[1038,"    ZC-188                  ","    柱间支撑-188                  ","L125*8                         ","片",2,{"$nulls":5},211.6,423.2,null,5.263,0.844,0.185,"5.263*0.844*0.185",{"v":1.64352964,"d":"1.644"}]
[1039,"    ZC-189                  ","    柱间支撑-189                  ","L125*8                         ","片",1,{"$nulls":5},156.7,156.7,null,3.9,0.844,0.185,"3.9*0.844*0.185",{"v":0.608946,"d":"0.609"}]
[1040,"    ZC-190                  ","    柱间支撑-190                  ","L125*8                         ","片",1,{"$nulls":5},156.7,156.7,null,3.9,0.844,0.185,"3.9*0.844*0.185",{"v":0.608946,"d":"0.609"}]
[1041,"    ZC-191-1                  ","    柱间支撑-191-1                  ","L125*8                         ","片",2,{"$nulls":5},{"$f":"485.2/2","v":242.6},485.2,null,5.973,0.844,0.658,"5.973*0.844*0.658",{"v":6.634234992,"d":"6.634"}]
[1042,"    ZC-191-2                  ","    柱间支撑-191-2                  ","L125*8                         ","片",4,{"$nulls":5},{"$f":"L1043/2","v":121.3},485.2,null,3.035,0.844,0.188,"3.035*0.844*0.188",{"v":1.92627808,"d":"1.926"}]
[1043,"    ZC-192                  ","    柱间支撑-192                  ","L125*8                         ","片",2,{"$nulls":5},187.4,374.8,null,4.544,0.844,0.185,"4.544*0.844*0.185",{"v":1.4190003199999999,"d":"1.419"}]
[1044,"    ZC-193                  ","    柱间支撑-193                  ","L125*8                         ","片",2,{"$nulls":5},187.4,374.8,null,4.544,0.844,0.185,"4.544*0.844*0.185",{"v":1.4190003199999999,"d":"1.419"}]
[1045,"    ZC-194                  ","    柱间支撑-194                  ","L125*8                         ","片",2,{"$nulls":5},193.5,387,null,4.739,0.844,0.185,"4.739*0.844*0.185",{"$f":"O1047*P1047*Q1047*F1047","v":{"v":1.47989492,"d":"1.480"}}]
[1046,"    ZC-195                  ","    柱间支撑-195                  ","L125*8                         ","片",2,{"$nulls":5},193.5,387,null,4.739,0.844,0.185,"4.739*0.844*0.185",{"v":1.47989492,"d":"1.480"}]
[1047,"    ZC-196                  ","    柱间支撑-196                  ","L125*8                         ","片",1,{"$nulls":5},202.8,202.8,null,5.016,0.844,0.185,"5.016*0.844*0.185",{"v":0.7831982399999999,"d":"0.783"}]
[1048,"    ZC-197                  ","    柱间支撑-197                  ","L125*8                         ","片",1,{"$nulls":5},202.8,202.8,null,5.016,0.844,0.185,"5.016*0.844*0.185",{"v":0.7831982399999999,"d":"0.783"}]
[1049,"    ZC-198                  ","    柱间支撑-198                  ","L125*8                         ","片",2,{"$nulls":5},179.6,359.2,null,4.32,0.844,0.185,"4.32*0.844*0.185",{"v":1.3490496,"d":"1.349"}]
[1050,"    ZC-199                  ","    柱间支撑-199                  ","L125*8                         ","片",1,{"$nulls":5},175,175,null,4.32,0.844,0.185,"4.32*0.844*0.185",{"v":0.6745248,"d":"0.675"}]
[1051,"    ZC-200                  ","    柱间支撑-200                  ","L125*8                         ","片",1,{"$nulls":5},167.8,167.8,null,4.231,0.844,0.185,"4.231*0.844*0.185",{"v":0.6606283399999999,"d":"0.661"}]
[1052,"    ZC-201                  ","    柱间支撑-201                  ","L125*8                         ","片",1,{"$nulls":5},167.8,167.8,null,4.231,0.844,0.185,"4.231*0.844*0.185",{"v":0.6606283399999999,"d":"0.661"}]
[1053,"    ZC-202                  ","    柱间支撑-202                  ","L125*8                         ","片",1,{"$nulls":5},167.8,167.8,null,4.231,0.844,0.185,"4.231*0.844*0.185",{"v":0.6606283399999999,"d":"0.661"}]
[1054,"    ZC-203                  ","    柱间支撑-203                  ","L125*8                         ","片",1,{"$nulls":5},167.8,167.8,null,4.231,0.844,0.185,"4.231*0.844*0.185",{"v":0.6606283399999999,"d":"0.661"}]
[1055,"    ZC-204                  ","    柱间支撑-204                  ","L125*8                         ","片",1,{"$nulls":5},179.6,179.6,null,4.32,0.844,0.185,"4.32*0.844*0.185",{"v":0.6745248,"d":"0.675"}]
[1056,"    ZC-205                  ","    柱间支撑-205                  ","L125*8                         ","片",1,{"$nulls":5},156.7,156.7,null,3.9,0.844,0.185,"3.9*0.844*0.185",{"v":0.608946,"d":"0.609"}]
[1057,"    ZC-206                  ","    柱间支撑-206                  ","L125*8                         ","片",1,{"$nulls":5},156.7,156.7,null,3.9,0.844,0.185,"3.9*0.844*0.185",{"v":0.608946,"d":"0.609"}]
[1058,"    ZC-207                  ","    柱间支撑-207                  ","L125*8                         ","片",1,{"$nulls":5},202.8,202.8,null,5.016,0.844,0.185,"5.016*0.844*0.185",{"v":0.7831982399999999,"d":"0.783"}]
[1059,"    ZC-208                  ","    柱间支撑-208                  ","L125*8                         ","片",1,{"$nulls":5},202.8,202.8,null,5.016,0.844,0.185,"5.016*0.844*0.185",{"v":0.7831982399999999,"d":"0.783"}]
[1060,"    ZC-209                  ","    柱间支撑-209                  ","L125*8                         ","片",1,{"$nulls":5},169.6,169.6,null,4.291,0.844,0.185,"4.291*0.844*0.185",{"v":0.66999674,"d":"0.670"}]
[1061,"    ZC-210                  ","    柱间支撑-210                  ","L125*8                         ","片",1,{"$nulls":5},169.6,169.6,null,4.291,0.844,0.185,"4.291*0.844*0.185",{"v":0.66999674,"d":"0.670"}]
[1062,"    ZC-211                  ","    柱间支撑-211                  ","L125*8                         ","片",1,{"$nulls":5},179,179,null,4.301,0.844,0.185,"4.301*0.844*0.185",{"v":0.6715581399999999,"d":"0.672"}]
[1063,"    ZC-212                  ","    柱间支撑-212                  ","L125*8                         ","片",1,{"$nulls":5},179,179,null,4.301,0.844,0.185,"4.301*0.844*0.185",{"v":0.6715581399999999,"d":"0.672"}]
[1064,"    ZC-213                  ","    柱间支撑-213                  ","L125*8                         ","片",1,{"$nulls":5},159,159,null,3.94,0.844,0.185,"3.94*0.844*0.185",{"v":0.6151916,"d":"0.615"}]
[1065,"    ZC-214                  ","    柱间支撑-214                  ","L125*8                         ","片",1,{"$nulls":5},159,159,null,3.94,0.844,0.185,"3.94*0.844*0.185",{"v":0.6151916,"d":"0.615"}]
[1066,"    ZC-215-1                  ","    柱间支撑-215-1                  ","L125*8                         ","片",1,{"$nulls":5},{"$f":"496.6/2","v":248.3},248.3,null,6.08,0.844,0.66,"6.08*0.844*0.66",{"v":3.3868032,"d":"3.387"}]
[1067,"    ZC-215-2                  ","    柱间支撑-215-2                  ","L125*8                         ","片",2,{"$nulls":5},{"$f":"L1068/2","v":124.15},248.3,null,3.104,0.844,0.188,"3.104*0.844*0.188",{"v":0.9850357759999999,"d":"0.985"}]
[1068,"    ZC-216                  ","    柱间支撑-216                  ","L125*8                         ","片",1,{"$nulls":5},227.3,227.3,null,5.522,0.844,0.185,"5.522*0.844*0.185",{"v":0.8622050800000001,"d":"0.862"}]
[1069,"    ZC-217                  ","    柱间支撑-217                  ","L125*8                         ","片",1,{"$nulls":5},227.3,227.3,null,5.522,0.844,0.185,"5.522*0.844*0.185",{"v":0.8622050800000001,"d":"0.862"}]
[1070,"    ZC-218                  ","    柱间支撑-218                  ","L125*8                         ","片",1,{"$nulls":5},219.8,219.8,null,5.3,0.844,0.185,"5.3*0.844*0.185",{"v":0.8275419999999999,"d":"0.828"}]
[1071,"    ZC-219                  ","    柱间支撑-219                  ","L125*8                         ","片",1,{"$nulls":5},219.8,219.8,null,5.3,0.844,0.185,"5.3*0.844*0.185",{"v":0.8275419999999999,"d":"0.828"}]
[1072,"    ZC-220-1                  ","    柱间支撑-220-1                  ","L125*8                         ","片",1,{"$nulls":5},{"$f":"496.6/2","v":248.3},248.3,null,6.08,0.844,0.66,"6.08*0.844*0.66",{"v":3.3868032,"d":"3.387"}]
[1073,"    ZC-220-2                  ","    柱间支撑-220-2                  ","L125*8                         ","片",2,{"$nulls":5},{"$f":"L1074/2","v":124.15},248.3,null,3.104,0.844,0.188,"3.104*0.844*0.188",{"v":0.9850357759999999,"d":"0.985"}]
[1074,"    ZC-221                  ","    柱间支撑-221                  ","L125*8                         ","片",1,{"$nulls":5},189.8,189.8,null,4.622,0.844,0.185,"4.622*0.844*0.185",{"v":0.7216790799999999,"d":"0.722"}]
[1075,"    ZC-222                  ","    柱间支撑-222                  ","L125*8                         ","片",1,{"$nulls":5},189.8,189.8,null,4.622,0.844,0.185,"4.622*0.844*0.185",{"v":0.7216790799999999,"d":"0.722"}]
[1076,"    ZC-223                  ","    柱间支撑-223                  ","L125*8                         ","片",1,{"$nulls":5},203.9,203.9,null,5.05,0.844,0.185,"5.05*0.844*0.185",{"v":0.788507,"d":"0.789"}]
[1077,"    ZC-224                  ","    柱间支撑-224                  ","L125*8                         ","片",1,{"$nulls":5},203.9,203.9,null,5.05,0.844,0.185,"5.05*0.844*0.185",{"v":0.788507,"d":"0.789"}]
[1078,"    ZC-225                  ","    柱间支撑-225                  ","L125*8                         ","片",1,{"$nulls":5},174.5,174.5,null,4.451,0.844,0.185,"4.451*0.844*0.185",{"v":0.6949791399999999,"d":"0.695"}]
[1079,"    ZC-226                  ","    柱间支撑-226                  ","L125*8                         ","片",1,{"$nulls":5},174.5,174.5,null,4.451,0.844,0.185,"4.451*0.844*0.185",{"v":0.6949791399999999,"d":"0.695"}]
[1080,"    ZC-227                  ","    柱间支撑-227                  ","L125*8                         ","片",1,{"$nulls":5},184.5,184.5,null,4.481,0.844,0.185,"4.481*0.844*0.185",{"v":0.69966334,"d":"0.700"}]
[1081,"    ZC-228                  ","    柱间支撑-228                  ","L125*8                         ","片",1,{"$nulls":5},184.5,184.5,null,4.481,0.844,0.185,"4.481*0.844*0.185",{"v":0.69966334,"d":"0.700"}]
[1082,"    ZC-229                  ","    柱间支撑-229                  ","L125*8                         ","片",1,{"$nulls":5},174,174,null,4.16,0.844,0.185,"4.16*0.844*0.185",{"v":0.6495424,"d":"0.650"}]
[1083,"    ZC-230                  ","    柱间支撑-230                  ","L125*8                         ","片",1,{"$nulls":5},174,174,null,4.16,0.844,0.185,"4.16*0.844*0.185",{"v":0.6495424,"d":"0.650"}]
[1084,"    ZC-231                  ","    柱间支撑-231                  ","L125*8                         ","片",1,{"$nulls":5},233.2,233.2,null,5.683,0.844,0.185,"5.683*0.844*0.185",{"v":0.8873436199999999,"d":"0.887"}]
[1085,"    ZC-232                  ","    柱间支撑-232                  ","L125*8                         ","片",1,{"$nulls":5},233.2,233.2,null,5.683,0.844,0.185,"5.683*0.844*0.185",{"v":0.8873436199999999,"d":"0.887"}]
[1086,"    ZC-233                  ","    柱间支撑-233                  ","L125*8                         ","片",1,{"$nulls":5},202.3,202.3,null,4.997,0.844,0.185,"4.997*0.844*0.185",{"v":0.7802315799999998,"d":"0.780"}]
[1087,"    ZC-234                  ","    柱间支撑-234                  ","L125*8                         ","片",1,{"$nulls":5},202.3,202.3,null,4.997,0.844,0.185,"4.997*0.844*0.185",{"v":0.7802315799999998,"d":"0.780"}]
[1088,"    ZC-235                  ","    柱间支撑-235                  ","L125*8                         ","片",1,{"$nulls":5},217.6,217.6,null,5.226,0.844,0.185,"5.226*0.844*0.185",{"v":0.81598764,"d":"0.816"}]
[1089,"    ZC-236                  ","    柱间支撑-236                  ","L125*8                         ","片",1,{"$nulls":5},217.6,217.6,null,5.226,0.844,0.185,"5.226*0.844*0.185",{"v":0.81598764,"d":"0.816"}]
[1090,"    ZC-237                  ","    柱间支撑-237                  ","L125*8                         ","片",1,{"$nulls":5},195.2,{"$f":"F1092*L1092","v":195.2},null,4.801,0.844,0.185,"4.801*0.844*0.185",{"v":0.7496281400000001,"d":"0.750"}]
[1091,"    ZC-238                  ","    柱间支撑-238                  ","L125*8                         ","片",1,{"$nulls":5},195.2,195.2,null,4.801,0.844,0.185,"4.801*0.844*0.185",{"v":0.7496281400000001,"d":"0.750"}]
[1092,"    ZC-239                  ","    柱间支撑-239                  ","L125*8                         ","片",1,{"$nulls":5},225.6,225.6,null,5.467,0.844,0.185,"5.467*0.844*0.185",{"v":0.8536173799999999,"d":"0.854"}]
[1093,"    ZC-240                  ","    柱间支撑-240                  ","L125*8                         ","片",1,{"$nulls":5},225.6,225.6,null,5.467,0.844,0.185,"5.467*0.844*0.185",{"v":0.8536173799999999,"d":"0.854"}]
[1094,"    ZC-241                  ","    柱间支撑-241                  ","L125*8                         ","片",4,{"$nulls":5},132,528,null,4.181,0.15,0.26,"4.181*0.15*0.26",{"v":0.652236,"d":"0.652"}]
[1095,"    ZC-242                  ","    柱间支撑-242                  ","L125*8                         ","片",4,{"$nulls":5},155.3,621.2,null,4.922,0.15,0.26,"4.922*0.15*0.26",{"v":0.767832,"d":"0.768"}]
[1096,"    ZC-243                  ","    柱间支撑-243                  ","C28A                           ","片",1,{"$nulls":5},758.7,758.7,null,8.603,0.844,0.597,"8.603*0.844*0.597",{"v":4.334776403999999,"d":"4.335"}]
[1097,"    ZC-244                  ","    柱间支撑-244                  ","L125*8                         ","片",4,{"$nulls":5},161.5,646,null,5.126,0.15,0.26,"5.126*0.15*0.26",{"v":0.799656,"d":"0.800"}]
[1098,"    ZC-245-1                  ","    柱间支撑-245-1                  ","L125*8                         ","片",2,{"$nulls":5},{"$f":"375.2/2","v":187.6},375.2,null,5.872,0.26,0.612,"5.872*0.26*0.612",{"v":1.8687052800000001,"d":"1.869"}]
[1099,"    ZC-245-2                  ","    柱间支撑-245-2                  ","L125*8                         ","片",4,{"$nulls":5},{"$f":"L1100/2","v":93.8},375.2,null,2.98,0.26,0.15,"2.98*0.26*0.15",{"v":0.46488,"d":"0.465"}]
[1100,"    ZC-246                  ","    柱间支撑-246                  ","L125*8                         ","片",4,{"$nulls":5},140.8,563.2,null,4.471,0.15,0.26,"4.471*0.15*0.26",{"v":0.697476,"d":"0.697"}]
[1101,"    ZC-247                  ","    柱间支撑-247                  ","L125*8                         ","片",4,{"$nulls":5},146.8,587.2,null,4.644,0.15,0.26,"4.644*0.15*0.26",{"v":0.724464,"d":"0.724"}]
[1102,"    ZC-248                  ","    柱间支撑-248                  ","L125*8                         ","片",4,{"$nulls":5},152.4,609.6,null,4.829,0.15,0.26,"4.829*0.15*0.26",{"v":0.753324,"d":"0.753"}]
[1103,"    ZC-249-1                  ","    柱间支撑-249-1                  ","L125*8                         ","片",1,{"$nulls":5},{"$f":"394.7/2","v":197.35},197.35,null,6.207,0.26,0.6,"6.207*0.26*0.6",{"v":0.9682919999999999,"d":"0.968"}]
[1104,"    ZC-249-2                  ","    柱间支撑-249-2                  ","L125*8                         ","片",2,{"$nulls":5},{"$f":"L1105/2","v":98.675},197.35,null,2.983,0.26,0.15,"2.983*0.26*0.15",{"v":0.232674,"d":"0.233"}]
[1105,"    ZC-250-1                  ","    柱间支撑-250-1                  ","L125*8                         ","片",1,{"$nulls":5},{"$f":"394.7/2","v":197.35},197.35,null,6.207,0.26,0.6,"6.207*0.26*0.6",{"v":0.9682919999999999,"d":"0.968"}]
[1106,"    ZC-250-2                  ","    柱间支撑-250-2                  ","L125*8                         ","片",2,{"$nulls":5},{"$f":"L1107/2","v":98.675},197.35,null,2.983,0.26,0.15,"2.983*0.26*0.15",{"v":0.232674,"d":"0.233"}]
[1107,"    ZC-251                  ","    柱间支撑-251                  ","L125*8                         ","片",4,{"$nulls":5},172.5,690,null,5.467,0.15,0.26,"5.467*0.15*0.26",{"v":0.8528519999999999,"d":"0.853"}]
[1108,"    ZC-252                  ","    柱间支撑-252                  ","L125*8                         ","片",4,{"$nulls":5},128.4,513.6,null,4.063,0.15,0.26,"4.063*0.15*0.26",{"v":0.633828,"d":"0.634"}]
[1109,"    ZC-253                  ","    柱间支撑-253                  ","L125*8                         ","片",4,{"$nulls":5},132,528,null,4.181,0.15,0.26,"4.181*0.15*0.26",{"$f":"O1111*P1111*Q1111*F1111","v":{"v":0.652236,"d":"0.652"}}]
[1110,"    ZC-254                  ","    柱间支撑-254                  ","L125*8                         ","片",4,{"$nulls":5},124.7,498.8,null,3.94,0.15,0.26,"3.94*0.15*0.26",{"v":0.61464,"d":"0.615"}]
[1111,"    ZC-255                  ","    柱间支撑-255                  ","L125*8                         ","片",4,{"$nulls":5},161.4,645.6,null,5.125,0.15,0.26,"5.125*0.15*0.26",{"v":0.7995,"d":"0.800"}]
[1112,"    ZC-256                  ","    柱间支撑-256                  ","L125*8                         ","片",4,{"$nulls":5},165.2,660.8,null,5.25,0.15,0.26,"5.25*0.15*0.26",0.819]
[1113,"    ZC-257                  ","    柱间支撑-257                  ","L125*8                         ","片",4,{"$nulls":5},143.7,574.8,null,4.565,0.15,0.26,"4.565*0.15*0.26",{"v":0.7121400000000001,"d":"0.712"}]
[1114,"    ZC-258                  ","    柱间支撑-258                  ","L125*8                         ","片",4,{"$nulls":5},149.8,599.2,null,4.741,0.15,0.26,"4.741*0.15*0.26",{"v":0.7395959999999999,"d":"0.740"}]
[1115,"    ZC-259                  ","    柱间支撑-259                  ","L125*8                         ","片",4,{"$nulls":5},155.5,622,null,4.929,0.15,0.26,"4.929*0.15*0.26",{"v":0.768924,"d":"0.769"}]
[1116,"    ZC-260-1                  ","    柱间支撑-260-1                  ","L125*8                         ","片",2,{"$nulls":5},{"$f":"371.1/2","v":185.55},371.1,null,5.807,0.26,0.61,"5.807*0.26*0.61",{"v":1.8419804000000002,"d":"1.842"}]
[1117,"    ZC-260-2                  ","    柱间支撑-260-2                  ","L125*8                         ","片",4,{"$nulls":5},{"$f":"L1118/2","v":92.775},371.1,null,2.938,0.26,0.15,"2.938*0.26*0.15",{"v":0.45832800000000007,"d":"0.458"}]
[1118,"    ZC-261-1                  ","    柱间支撑-261-1                  ","L125*8                         ","片",7,{"$nulls":5},{"$f":"358.4/2","v":179.2},1254.3999999999999,null,5.56,0.26,0.612,"5.56*0.26*0.612",{"v":6.1929504,"d":"6.193"}]
[1119,"    ZC-261-2                  ","    柱间支撑-261-2                  ","L125*8                         ","片",14,{"$nulls":5},{"$f":"L1120/2","v":89.6},1254.3999999999999,null,2.686,0.26,0.15,"2.686*0.26*0.15",{"v":1.466556,"d":"1.467"}]
[1120,"    ZC-262-1                  ","    柱间支撑-262-1                  ","L125*8                         ","片",7,{"$nulls":5},{"$f":"358.4/2","v":179.2},1254.3999999999999,null,5.56,0.26,0.612,"5.56*0.26*0.612",{"v":6.1929504,"d":"6.193"}]
[1121,"    ZC-262-2                  ","    柱间支撑-262-2                  ","L125*8                         ","片",14,{"$nulls":5},{"$f":"L1122/2","v":89.6},1254.3999999999999,null,2.686,0.26,0.15,"2.686*0.26*0.15",{"v":1.466556,"d":"1.467"}]
[1122,"    ZC-263-1                  ","    柱间支撑-263-1                  ","L125*8                         ","片",2,{"$nulls":5},{"$f":"355.7/2","v":177.85},355.7,null,5.561,0.26,0.612,"5.561*0.26*0.612",{"v":1.7697326400000002,"d":"1.770"}]
[1123,"    ZC-263-2                  ","    柱间支撑-263-2                  ","L125*8                         ","片",4,{"$nulls":5},{"$f":"L1124/2","v":88.925},355.7,null,2.684,0.26,0.15,"2.684*0.26*0.15",{"v":0.418704,"d":"0.419"}]
[1124,"    ZC-264-1                  ","    柱间支撑-264-1                  ","L125*8                         ","片",14,{"$nulls":5},{"$f":"355.7/2","v":177.85},2489.9,null,5.562,0.26,0.612,"5.562*0.26*0.612",{"v":12.390356160000001,"d":"12.390"}]
[1125,"    ZC-264-2                  ","    柱间支撑-264-2                  ","L125*8                         ","片",28,{"$nulls":5},{"$f":"L1126/2","v":88.925},2489.9,null,2.684,0.26,0.15,"2.684*0.26*0.15",{"v":2.930928,"d":"2.931"}]
[1126,"    ZC-265-1                  ","    柱间支撑-265-1                  ","L125*8                         ","片",1,{"$nulls":5},{"$f":"341/2","v":170.5},170.5,null,5.318,0.26,0.613,"5.318*0.26*0.613",{"v":0.84758284,"d":"0.848"}]
[1127,"    ZC-265-2                  ","    柱间支撑-265-2                  ","L125*8                         ","片",2,{"$nulls":5},{"$f":"L1128/2","v":85.25},170.5,null,2.555,0.26,0.15,"2.555*0.26*0.15",{"v":0.19929000000000002,"d":"0.199"}]
[1128,"    ZC-266-1                  ","    柱间支撑-266-1                  ","L125*8                         ","片",1,{"$nulls":5},{"$f":"341/2","v":170.5},170.5,null,5.318,0.26,0.613,"5.318*0.26*0.613",{"v":0.84758284,"d":"0.848"}]
[1129,"    ZC-266-2                  ","    柱间支撑-266-2                  ","L125*8                         ","片",2,{"$nulls":5},{"$f":"L1130/2","v":85.25},170.5,null,2.555,0.26,0.15,"2.555*0.26*0.15",{"v":0.19929000000000002,"d":"0.199"}]
[1130,"    ZC-267-1                  ","    柱间支撑-267-1                  ","L125*8                         ","片",14,{"$nulls":5},{"$f":"360.1/2","v":180.05},2520.7000000000003,null,5.635,0.26,0.612,"5.635*0.26*0.612",{"v":12.5529768,"d":"12.553"}]
[1131,"    ZC-267-2                  ","    柱间支撑-267-2                  ","L125*8                         ","片",28,{"$nulls":5},{"$f":"L1132/2","v":90.025},2520.7000000000003,null,2.765,0.26,0.15,"2.765*0.26*0.15",{"v":3.0193800000000004,"d":"3.019"}]
[1132,"    ZC-268-1                  ","    柱间支撑-268-1                  ","L125*8                         ","片",2,{"$nulls":5},{"$f":"364.2/2","v":182.1},364.2,null,5.7,0.26,0.611,"5.7*0.26*0.611",{"v":1.8110040000000003,"d":"1.811"}]
[1133,"    ZC-268-2                  ","    柱间支撑-268-2                  ","L125*8                         ","片",4,{"$nulls":5},{"$f":"L1134/2","v":91.05},364.2,null,2.8,0.26,0.15,"2.8*0.26*0.15",{"v":0.43679999999999997,"d":"0.437"}]
[1134,"    ZC-269                  ","    柱间支撑-269                  ","L125*8                         ","片",2,{"$nulls":5},138,276,null,4.378,0.15,0.26,"4.378*0.15*0.26",{"v":0.341484,"d":"0.341"}]
[1135,"    ZC-270-1                  ","    柱间支撑-270-1                  ","L125*8                         ","片",2,{"$nulls":5},{"$f":"368.3/2","v":184.15},368.3,null,5.769,0.26,0.612,"5.769*0.26*0.612",{"v":1.83592656,"d":"1.836"}]
[1136,"    ZC-270-2                  ","    柱间支撑-270-2                  ","L125*8                         ","片",4,{"$nulls":5},{"$f":"L1137/2","v":92.075},368.3,null,2.982,0.26,0.15,"2.982*0.26*0.15",{"v":0.46519200000000005,"d":"0.465"}]
[1137,"    ZC-271                  ","    柱间支撑-271                  ","L125*8                         ","片",4,{"$nulls":5},142.1,568.4,null,4.513,0.15,0.26,"4.513*0.15*0.26",{"v":0.704028,"d":"0.704"}]
[1138,"    ZC-272                  ","    柱间支撑-272                  ","L125*8                         ","片",4,{"$nulls":5},146.4,585.6,null,4.655,0.15,0.26,"4.655*0.15*0.26",{"v":0.72618,"d":"0.726"}]
[1139,"    ZC-273                  ","    柱间支撑-273                  ","L125*8                         ","片",4,{"$nulls":5},150.8,603.2,null,4.799,0.15,0.26,"4.799*0.15*0.26",{"v":0.748644,"d":"0.749"}]
[1140,"    ZC-274                  ","    柱间支撑-274                  ","L125*8                         ","片",4,{"$nulls":5},153.5,614,null,4.865,0.15,0.26,"4.865*0.15*0.26",{"v":0.7589400000000001,"d":"0.759"}]
[1141,"    ZC-275-1                  ","    柱间支撑-275-1                  ","L125*8                         ","片",4,{"$nulls":5},{"$f":"325.7/2","v":162.85},651.4,null,5.068,0.26,0.598,"5.068*0.26*0.598",{"v":3.1518905599999996,"d":"3.152"}]
[1142,"    ZC-275-2                  ","    柱间支撑-275-2                  ","L125*8                         ","片",8,{"$nulls":5},{"$f":"L1143/2","v":81.425},651.4,null,2.457,0.26,0.15,"2.457*0.26*0.15",{"v":0.7665839999999999,"d":"0.767"}]
[1143,"    ZC-276-1                  ","    柱间支撑-276-1                  ","L125*8                         ","片",10,{"$nulls":5},{"$f":"364.7/2","v":182.35},1823.5,null,5.719,0.26,0.613,"5.719*0.26*0.613",{"v":9.1149422,"d":"9.115"}]
[1144,"    ZC-276-2                  ","    柱间支撑-276-2                  ","L125*8                         ","片",20,{"$nulls":5},{"$f":"L1145/2","v":91.175},1823.5,null,2.754,0.26,0.15,"2.754*0.26*0.15",{"v":2.14812,"d":"2.148"}]
[1145,"    ZC-277-1                  ","    柱间支撑-277-1                  ","L125*8                         ","片",2,{"$nulls":5},{"$f":"357.4/2","v":178.7},357.4,null,5.604,0.26,0.61,"5.604*0.26*0.61",{"v":1.7775888000000002,"d":"1.778"}]
[1146,"    ZC-277-2                  ","    柱间支撑-277-2                  ","L125*8                         ","片",4,{"$nulls":5},{"$f":"L1147/2","v":89.35},357.4,null,2.691,0.26,0.15,"2.691*0.26*0.15",{"v":0.41979599999999995,"d":"0.420"}]
[1147,"    ZC-278-1                  ","    柱间支撑-278-1                  ","L125*8                         ","片",1,{"$nulls":5},{"$f":"374.2/2","v":187.1},187.1,null,5.869,0.26,0.613,"5.869*0.26*0.613",{"v":0.93540122,"d":"0.935"}]
[1148,"    ZC-278-2                  ","    柱间支撑-278-2                  ","L125*8                         ","片",2,{"$nulls":5},{"$f":"L1149/2","v":93.55},187.1,null,2.832,0.26,0.15,"2.832*0.26*0.15",{"v":0.22089599999999998,"d":"0.221"}]
[1149,"    ZC-279-1                  ","    柱间支撑-279-1                  ","L125*8                         ","片",1,{"$nulls":5},{"$f":"374.2/2","v":187.1},187.1,null,5.869,0.26,0.613,"5.869*0.26*0.613",{"v":0.93540122,"d":"0.935"}]
[1150,"    ZC-279-2                  ","    柱间支撑-279-2                  ","L125*8                         ","片",2,{"$nulls":5},{"$f":"L1151/2","v":93.55},187.1,null,2.832,0.26,0.15,"2.832*0.26*0.15",{"v":0.22089599999999998,"d":"0.221"}]
[1151,"    ZC-280-1                  ","    柱间支撑-280-1                  ","L125*8                         ","片",2,{"$nulls":5},{"$f":"369.2/2","v":184.6},369.2,null,5.783,0.26,0.611,"5.783*0.26*0.611",{"v":1.83737476,"d":"1.837"}]
[1152,"    ZC-280-2                  ","    柱间支撑-280-2                  ","L125*8                         ","片",4,{"$nulls":5},{"$f":"L1153/2","v":92.3},369.2,null,2.887,0.26,0.15,"2.887*0.26*0.15",{"v":0.450372,"d":"0.450"}]
[1153,"    ZC-281-1                  ","    柱间支撑-281-1                  ","L125*8                         ","片",2,{"$nulls":5},{"$f":"368.2/2","v":184.1},368.2,null,5.767,0.26,0.611,"5.767*0.26*0.611",{"v":1.8322912400000002,"d":"1.832"}]
[1154,"    ZC-281-2                  ","    柱间支撑-281-2                  ","L125*8                         ","片",4,{"$nulls":5},{"$f":"L1155/2","v":92.05},{"$f":"F1156*L1156","v":368.2},null,2.878,0.26,0.15,"2.878*0.26*0.15",{"v":0.44896800000000003,"d":"0.449"}]
[1155,"    ZC-282-1                  ","    柱间支撑-282-1                  ","L125*8                         ","片",2,{"$nulls":5},{"$f":"359.9/2","v":179.95},359.9,null,5.628,0.26,0.612,"5.628*0.26*0.612",{"v":1.7910547200000002,"d":"1.791"}]
[1156,"    ZC-282-2                  ","    柱间支撑-282-2                  ","L125*8                         ","片",4,{"$nulls":5},{"$f":"L1157/2","v":89.975},359.9,null,2.721,0.26,0.15,"2.721*0.26*0.15",{"v":0.424476,"d":"0.424"}]
[1157,"    ZC-283                  ","    柱间支撑-283                  ","L125*8                         ","片",1,{"$nulls":5},156.7,156.7,null,3.9,0.844,0.185,"3.9*0.844*0.185",{"v":0.608946,"d":"0.609"}]
[1158,"    ZC-284                  ","    柱间支撑-284                  ","L125*8                         ","片",1,{"$nulls":5},156.7,156.7,null,3.9,0.844,0.185,"3.9*0.844*0.185",{"v":0.608946,"d":"0.609"}]
[1159,"    ZC-285-1                  ","    柱间支撑-285-1                  ","L160*10                        ","片",12,{"$nulls":5},{"$f":"529.5/2","v":264.75},3177,null,5.29,0.33,0.717,"5.29*0.33*0.717",{"v":15.0200028,"d":"15.020"}]
[1160,"    ZC-285-2                  ","    柱间支撑-285-2                  ","L160*10                        ","片",24,{"$nulls":5},{"$f":"L1161/2","v":132.375},3177,null,2.508,0.33,0.18,"2.508*0.33*0.18",{"v":3.5754048000000003,"d":"3.575"}]
[1161,"    ZC-286-1                  ","    柱间支撑-286-1                  ","L160*10                        ","片",8,{"$nulls":5},{"$f":"520.9/2","v":260.45},2083.6,null,5.209,0.33,0.712,"5.209*0.33*0.712",{"v":9.791253119999999,"d":"9.791"}]
[1162,"    ZC-286-2                  ","    柱间支撑-286-2                  ","L160*10                        ","片",16,{"$nulls":5},{"$f":"L1163/2","v":130.225},2083.6,null,2.461,0.33,0.18,"2.461*0.33*0.18",{"v":2.3389344,"d":"2.339"}]
[1163,"    ZC-287-1                  ","    柱间支撑-287-1                  ","L160*10                        ","片",12,{"$nulls":5},{"$f":"389.3/2","v":194.65},2335.8,null,3.849,0.33,0.716,"3.849*0.33*0.716",{"v":10.91330064,"d":"10.913"}]
[1164,"    ZC-287-2                  ","    柱间支撑-287-2                  ","L160*10                        ","片",24,{"$nulls":5},{"$f":"L1165/2","v":97.325},2335.8,null,1.815,0.33,0.18,"1.815*0.33*0.18",{"v":2.5874639999999998,"d":"2.587"}]
[1165,"    ZC-288-1                  ","    柱间支撑-288-1                  ","L160*10                        ","片",8,{"$nulls":5},{"$f":"377.9/2","v":188.95},1511.6,null,3.736,0.33,0.711,"3.736*0.33*0.711",{"v":7.012621440000001,"d":"7.013"}]
[1166,"    ZC-288-2                  ","    柱间支撑-288-2                  ","L160*10                        ","片",16,{"$nulls":5},{"$f":"L1167/2","v":94.475},1511.6,null,1.764,0.33,0.18,"1.764*0.33*0.18",{"v":1.6765056000000003,"d":"1.677"}]
[1167,"    ZC-289                  ","    柱间支撑-289                  ","L125*8                         ","片",1,{"$nulls":5},195.6,195.6,null,4.814,0.844,0.185,"4.814*0.844*0.185",{"v":0.7516579600000001,"d":"0.752"}]
[1168,"    ZC-290                  ","    柱间支撑-290                  ","L125*8                         ","片",1,{"$nulls":5},194.7,194.7,null,4.784,0.844,0.185,"4.784*0.844*0.185",{"v":0.7469737599999999,"d":"0.747"}]
[1169,"    ZC-291                  ","    柱间支撑-291                  ","L125*8                         ","片",2,{"$nulls":5},161.5,323,null,5.128,0.15,0.26,"5.128*0.15*0.26",{"v":0.399984,"d":"0.400"}]
[1170,"    ZC-292-1                  ","    柱间支撑-292-1                  ","L125*8                         ","片",1,{"$nulls":5},{"$f":"480.5/2","v":240.25},240.25,null,5.861,0.844,0.653,"5.861*0.844*0.653",{"v":3.2301846519999997,"d":"3.230"}]
[1171,"    ZC-292-2                  ","    柱间支撑-292-2                  ","L125*8                         ","片",2,{"$nulls":5},{"$f":"L1172/2","v":120.125},240.25,null,2.97,0.844,0.188,"2.97*0.844*0.188",{"v":0.9425116800000001,"d":"0.943"}]
[1172,"    ZC-293                  ","    柱间支撑-293                  ","L125*8                         ","片",1,{"$nulls":5},201.5,201.5,null,4.972,0.844,0.185,"4.972*0.844*0.185",{"v":0.7763280800000001,"d":"0.776"}]
[1173,"    ZC-294                  ","    柱间支撑-294                  ","L125*8                         ","片",1,{"$nulls":5},201.5,201.5,null,4.972,0.844,0.185,"4.972*0.844*0.185",{"$f":"O1175*P1175*Q1175*F1175","v":{"v":0.7763280800000001,"d":"0.776"}}]
[1174,"    ZC-295                  ","    柱间支撑-295                  ","L125*8                         ","片",1,{"$nulls":5},186.1,186.1,null,4.532,0.844,0.185,"4.532*0.844*0.185",{"v":0.70762648,"d":"0.708"}]
[1175,"    ZC-296                  ","    柱间支撑-296                  ","L125*8                         ","片",1,{"$nulls":5},186.1,186.1,null,4.532,0.844,0.185,"4.532*0.844*0.185",{"v":0.70762648,"d":"0.708"}]
[1176,"    ZC-297                  ","    柱间支撑-297                  ","L125*8                         ","片",1,{"$nulls":5},193.5,193.5,null,4.745,0.844,0.185,"4.745*0.844*0.185",{"v":0.7408843,"d":"0.741"}]
[1177,"    ZC-298                  ","    柱间支撑-298                  ","L125*8                         ","片",1,{"$nulls":5},193.5,193.5,null,4.745,0.844,0.185,"4.745*0.844*0.185",{"v":0.7408843,"d":"0.741"}]
[1178,"    ZC-299                  ","    柱间支撑-299                  ","C28A                           ","片",1,{"$nulls":5},888,888,null,9.275,0.844,0.789,"9.275*0.844*0.789",{"v":6.1763709,"d":"6.176"}]
[1179,"    ZC-300                  ","    柱间支撑-300                  ","L125*8                         ","片",1,{"$nulls":5},226.8,226.8,null,5.505,0.844,0.185,"5.505*0.844*0.185",{"v":0.8595506999999999,"d":"0.860"}]
[1180,"    ZC-301                  ","    柱间支撑-301                  ","L125*8                         ","片",1,{"$nulls":5},226.8,226.8,null,5.505,0.844,0.185,"5.505*0.844*0.185",{"v":0.8595506999999999,"d":"0.860"}]
[1181,"    ZC-302                  ","    柱间支撑-302                  ","L125*8                         ","片",1,{"$nulls":5},164.2,164.2,null,4.111,0.844,0.185,"4.111*0.844*0.185",{"v":0.6418915399999999,"d":"0.642"}]
[1182,"    ZC-303                  ","    柱间支撑-303                  ","L125*8                         ","片",1,{"$nulls":5},164.2,164.2,null,4.111,0.844,0.185,"4.111*0.844*0.185",{"v":0.6418915399999999,"d":"0.642"}]
[1183,"    ZC-304                  ","    柱间支撑-304                  ","L125*8                         ","片",1,{"$nulls":5},166.9,166.9,null,4.201,0.844,0.185,"4.201*0.844*0.185",{"v":0.6559441399999999,"d":"0.656"}]
[1184,"    ZC-305                  ","    柱间支撑-305                  ","L125*8                         ","片",1,{"$nulls":5},166.9,166.9,null,4.201,0.844,0.185,"4.201*0.844*0.185",{"v":0.6559441399999999,"d":"0.656"}]
[1185,"    ZC-306                  ","    柱间支撑-306                  ","L125*8                         ","片",1,{"$nulls":5},208.7,208.7,null,5.209,0.844,0.185,"5.209*0.844*0.185",{"v":0.8133332599999998,"d":"0.813"}]
[1186,"    ZC-307                  ","    柱间支撑-307                  ","L125*8                         ","片",1,{"$nulls":5},208.7,208.7,null,5.209,0.844,0.185,"5.209*0.844*0.185",{"v":0.8133332599999998,"d":"0.813"}]
[1187,"    ZLT-1                   ","     直拉条-1                   ","D12                            ","根",88,{"$nulls":5},1.1,96.80000000000001,null,1.405,0.012,0.012,"1.405*0.012*0.012",{"v":0.01780416,"d":"0.018"}]
[1188,"    ZSC-1-1                   ","    柱水平撑-1-1                   ","L125*8                         ","根",2,{"$nulls":5},{"$f":"385/2","v":192.5},385,null,6.038,0.26,0.582,"6.038*0.26*0.582",{"v":1.82734032,"d":"1.827"}]
[1189,"    ZSC-1-2                   ","    柱水平撑-1-2                   ","L125*8                         ","根",4,{"$nulls":5},{"$f":"L1190/2","v":96.25},385,null,2.721,0.26,0.15,"2.721*0.26*0.15",{"v":0.424476,"d":"0.424"}]
[1190,"    ZSC-2-1                   ","    柱水平撑-2-1                   ","L125*8                         ","根",1,{"$nulls":5},{"$f":"461.3/2","v":230.65},230.65,null,7.266,0.26,0.599,"7.266*0.26*0.599",{"v":1.1316068400000001,"d":"1.132"}]
[1191,"    ZSC-2-2                   ","    柱水平撑-2-2                   ","L125*8                         ","根",2,{"$nulls":5},{"$f":"L1192/2","v":115.325},230.65,null,3.312,0.26,0.15,"3.312*0.26*0.15",{"v":0.258336,"d":"0.258"}]
[1192,"    ZSC-3                   ","    柱水平撑-3                   ","L125*8                         ","根",4,{"$nulls":5},121.1,484.4,null,3.852,0.26,0.33,"3.852*0.26*0.33",{"v":1.3220064,"d":"1.322"}]
[1193,"    ZSC-4-1                   ","    柱水平撑-4-1                   ","L125*8                         ","根",4,{"$nulls":5},{"$f":"374.7/2","v":187.35},749.4,null,5.875,0.26,0.59,"5.875*0.26*0.59",{"v":3.6049,"d":"3.605"}]
[1194,"    ZSC-4-2                   ","    柱水平撑-4-2                   ","L125*8                         ","根",8,{"$nulls":5},{"$f":"L1195/2","v":93.675},749.4,null,2.631,0.26,0.15,"2.631*0.26*0.15",{"v":0.8208719999999999,"d":"0.821"}]
[1195,"    ZSC-5                  ","    柱水平撑-5                  ","L125*8                         ","根",4,{"$nulls":5},127.2,508.8,null,4.033,0.26,0.317,"4.033*0.26*0.317",{"v":1.3295994400000002,"d":"1.330"}]
[1196,"    ZSC-6                 ","    柱水平撑-6                 ","L125*8                         ","根",4,{"$nulls":5},143.5,574,null,4.539,0.26,0.302,"4.539*0.26*0.302",{"v":1.4256091199999998,"d":"1.426"}]
[1197,"    ZSC-7-1                   ","    柱水平撑-7-1                   ","L125*8                         ","根",1,{"$nulls":5},{"$f":"466/2","v":233},233,null,7.355,0.26,0.591,"7.355*0.26*0.591",{"v":1.1301693,"d":"1.130"}]
[1198,"    ZSC-7-2                   ","    柱水平撑-7-2                   ","L125*8                         ","根",2,{"$nulls":5},{"$f":"L1199/2","v":116.5},233,null,3.345,0.26,0.15,"3.345*0.26*0.15",{"v":0.26091,"d":"0.261"}]
[1199,"    ZSC-8                  ","    柱水平撑-8                  ","L125*8                         ","根",4,{"$nulls":5},151,604,null,4.788,0.26,0.324,"4.788*0.26*0.324",{"v":1.6133644800000002,"d":"1.613"}]
[1200,"    ZSC-9-1                   ","    柱水平撑-9-1                   ","L125*8                         ","根",1,{"$nulls":5},{"$f":"569.4/2","v":284.7},284.7,null,8.988,0.26,0.599,"8.988*0.26*0.599",{"v":1.39979112,"d":"1.400"}]
[1201,"    ZSC-9-2                   ","    柱水平撑-9-2                   ","L125*8                         ","根",2,{"$nulls":5},{"$f":"L1202/2","v":142.35},284.7,null,4.173,0.26,0.15,"4.173*0.26*0.15",{"v":0.325494,"d":"0.325"}]
[1202,"    ZSC-10-1                  ","    柱水平撑-10-1                  ","L125*8                         ","根",1,{"$nulls":5},{"$f":"518/2","v":259},259,null,8.14,0.26,0.595,"8.14*0.26*0.595",{"v":1.259258,"d":"1.259"}]
[1203,"    ZSC-10-2                  ","    柱水平撑-10-2                  ","L125*8                         ","根",2,{"$nulls":5},{"$f":"L1204/2","v":129.5},259,null,3.762,0.26,0.15,"3.762*0.26*0.15",{"v":0.293436,"d":"0.293"}]
[1204,"    ZSC-11-1                  ","    柱水平撑-11-1                  ","L125*8                         ","根",3,{"$nulls":5},{"$f":"435.4/2","v":217.7},653.0999999999999,null,6.841,0.26,0.598,"6.841*0.26*0.598",{"v":3.19091604,"d":"3.191"}]
[1205,"    ZSC-11-2                  ","    柱水平撑-11-2                  ","L125*8                         ","根",6,{"$nulls":5},{"$f":"L1206/2","v":108.85},653.0999999999999,null,3.115,0.26,0.15,"3.115*0.26*0.15",{"v":0.7289100000000001,"d":"0.729"}]
[1206,"    ZSC-12                 ","    柱水平撑-12                 ","L125*8                         ","根",4,{"$nulls":5},149.8,599.2,null,4.749,0.26,0.325,"4.749*0.26*0.325",{"v":1.605162,"d":"1.605"}]
[1207,"    ZSC-13                ","    柱水平撑-13                ","L125*8                         ","根",4,{"$nulls":5},148.8,595.2,null,4.717,0.26,0.288,"4.717*0.26*0.288",{"v":1.4128358399999996,"d":"1.413"}]
[1208,"    ZSC-14                 ","    柱水平撑-14                 ","L125*8                         ","根",4,{"$nulls":5},146.3,585.2,null,4.636,0.26,0.287,"4.636*0.26*0.287",{"v":1.3837532799999999,"d":"1.384"}]
[1209,"    ZSC-15                 ","    柱水平撑-15                 ","L125*8                         ","根",4,{"$nulls":5},102.3,409.2,null,3.249,0.26,0.247,"3.249*0.26*0.247",{"v":0.83460312,"d":"0.835"}]
[1210,"    ZSC-16                 ","    柱水平撑-16                 ","L125*8                         ","根",4,{"$nulls":5},110.5,442,null,3.522,0.26,0.325,"3.522*0.26*0.325",{"v":1.190436,"d":"1.190"}]
[1211,"    ZSC-17                 ","    柱水平撑-17                 ","L125*8                         ","根",4,{"$nulls":5},97.6,390.4,null,3.096,0.26,0.339,"3.096*0.26*0.339",{"v":1.0915257600000001,"d":"1.092"}]
[1212,"    ZSC-18                ","    柱水平撑-18                ","L125*8                         ","根",4,{"$nulls":5},82.6,330.4,null,2.615,0.26,0.357,"2.615*0.26*0.357",{"v":0.9708972,"d":"0.971"}]
[1213,"    ZSC-19-1                  ","    柱水平撑-19-1                  ","L125*8                         ","根",1,{"$nulls":5},{"$f":"535.7/2","v":267.85},267.85,null,8.437,0.26,0.599,"8.437*0.26*0.599",{"v":1.31397838,"d":"1.314"}]
[1214,"    ZSC-19-2                  ","    柱水平撑-19-2                  ","L125*8                         ","根",2,{"$nulls":5},{"$f":"L1215/2","v":133.925},267.85,null,3.906,0.26,0.15,"3.906*0.26*0.15",{"v":0.304668,"d":"0.305"}]
[1215,"    ZSC-20-1                  ","    柱水平撑-20-1                  ","L125*8                         ","根",1,{"$nulls":5},{"$f":"496.6/2","v":248.3},248.3,null,7.806,0.26,0.588,"7.806*0.26*0.588",{"v":1.1933812799999999,"d":"1.193"}]
[1216,"    ZSC-20-2                  ","    柱水平撑-20-2                  ","L125*8                         ","根",2,{"$nulls":5},{"$f":"L1217/2","v":124.15},248.3,null,3.601,0.26,0.15,"3.601*0.26*0.15",{"v":0.28087799999999996,"d":"0.281"}]
[1217,"    ZSC-21-1                  ","    柱水平撑-21-1                  ","L125*8                         ","根",1,{"$nulls":5},{"$f":"514.3/2","v":257.15},257.15,null,8.079,0.26,0.594,"8.079*0.26*0.594",{"v":1.24772076,"d":"1.248"}]
[1218,"    ZSC-21-2                  ","    柱水平撑-21-2                  ","L125*8                         ","根",2,{"$nulls":5},{"$f":"L1219/2","v":128.575},{"$f":"F1220*L1220","v":257.15},null,3.75,0.26,0.15,"3.75*0.26*0.15",{"v":0.29250000000000004,"d":"0.293"}]
[1219,"    ZSC-22-1                  ","    柱水平撑-22-1                  ","L125*8                         ","根",1,{"$nulls":5},{"$f":"565.8/2","v":282.9},{"$f":"F1221*L1221","v":282.9},null,8.917,0.26,0.599,"8.917*0.26*0.599",{"v":1.38873358,"d":"1.389"}]
[1220,"    ZSC-22-2                  ","    柱水平撑-22-2                  ","L125*8                         ","根",2,{"$nulls":5},{"$f":"L1221/2","v":141.45},{"$f":"F1222*L1222","v":282.9},null,4.139,0.26,0.15,"4.139*0.26*0.15",{"v":0.322842,"d":"0.323"}]
[1221,"    ZSC-23-1                  ","    柱水平撑-23-1                  ","L125*8                         ","根",1,{"$nulls":5},{"$f":"555.7/2","v":277.85},{"$f":"F1223*L1223","v":277.85},null,8.721,0.26,0.599,"8.721*0.26*0.599",{"v":1.3582085400000001,"d":"1.358"}]
[1222,"    ZSC-23-2                  ","    柱水平撑-23-2                  ","L125*8                         ","根",2,{"$nulls":5},{"$f":"L1223/2","v":138.925},{"$f":"F1224*L1224","v":277.85},null,4.069,0.26,0.15,"4.069*0.26*0.15",{"v":0.317382,"d":"0.317"}]
[{"$nulls":11},"合计",{"$f":"SUM(M3:M1224)","v":1405514.299999999},{"$nulls":5},{"$f":"SUM(S3:S1224)","v":{"v":3724.048101299007,"d":"3724.048"}}]